{"text_format":"3","workbook":"xlsx","n_sheets":4,"sheets":["Rekapitulácia stavby","01 - Trasa A, Trasa B","02 - Chodník","2 - SO 02 - Osvetlenie ch..."],"read":"whole","date_system":"1900"}

{"sheet":"Rekapitulácia stavby","index":0,"n_rows":98,"n_cols":91,"rows_kept":98,"merged":[[1,43,1,56],[4,10,4,40],[4,56,33,56],[5,10,5,40],[13,4,13,35],[22,4,22,39],[25,36,25,40],[27,11,27,15],[27,22,27,30],[27,36,27,40],[28,11,28,15],[28,22,28,30],[28,36,28,40],[29,11,29,15],[29,22,29,30],[29,36,29,40],[30,11,30,15],[30,22,30,30],[30,36,30,40],[31,11,31,15],[31,22,31,30],[31,36,31,40],[32,11,32,15],[32,22,32,30],[32,36,32,40],[34,23,34,27],[34,36,34,40],[84,11,84,40],[86,38,86,39],[88,38,88,41],[88,44,90,45],[89,38,89,41],[91,2,91,6],[91,8,91,31],[91,32,91,38],[91,39,91,41],[93,32,93,38],[93,39,93,41],[94,3,94,7],[94,9,94,31],[94,32,94,38],[94,39,94,41],[95,4,95,8],[95,10,95,31],[95,32,95,38],[95,39,95,41],[96,4,96,8],[96,10,96,31],[96,32,96,38],[96,39,96,41],[97,3,97,7],[97,9,97,31],[97,32,97,38],[97,39,97,41]]}
["Export Komplet",{"$nulls":50},"","2.0","ZAMOK",{"$nulls":17},"False","False","{4bee5575-4e7e-45c2-bcd7-d8950381ae97}"]
[{"$nulls":70},"0,01","20"]
[{"$nulls":70},"0,01","20"]
[{"$nulls":3},"REKAPITULÁCIA STAVBY",{"$nulls":40},"v ---  nižšie sa nachádzajú doplnkové a pomocné údaje k zostavám  --- v",{"$nulls":11},"Návod na vyplnenie",{"$nulls":13},"0,001"]
[{"$nulls":3},"Kód:",{"$nulls":6},"11C",{"$nulls":45},"Meniť je možné iba bunky so žltým podfarbením!\r\n\r\n1) na prvom liste Rekapitulácie stavby vyplňte v zostave\r\n\r\n    a) Rekapitulácia stavby\r\n       - údaje o Zhotoviteľovi\r\n         (prenesú sa do ostatných zostáv aj v iných listoch)\r\n\r\n    b) Rekapitulácia objektov stavby\r\n       - potrebné Ostatné náklady\r\n\r\n2) na vybraných listoch vyplňte v zostave\r\n\r\n    a) Krycí list\r\n       - údaje o Zhotoviteľovi, pokiaľ sa líšia od údajov o Zhotoviteľovi na Rekapitulácii stavby\r\n         (údaje se prenesú do ostatných zostav v danom liste)\r\n\r\n    b) Rekapitulácia rozpočtu\r\n       - potrebné Ostatné náklady\r\n\r\n    c) Celkové náklady za stavbu\r\n       - ceny na položkách\r\n       - množstvo, pokiaľ má žlté podfarbenie\r\n       - a v prípade potreby poznámku (tá je v skrytom stĺpci)",{"$nulls":13},"0,01"]
[{"$nulls":3},"Stavba:",{"$nulls":6},"DOBUDOVANIE ZÁKLADNEJ TECHNICKEJ INFRAŠTRUKTÚRY V OBCI ŠARIŠSKÉ JASTRABIE",{"$nulls":59},"0,01"]
[{"$nulls":3},"JKSO:",{"$nulls":6},"",{"$nulls":25},"KS:",null,null,"",{"$nulls":30},"0,01"]
[{"$nulls":3},"Miesto:",{"$nulls":6},"ŠARIŠSKÉ JASTRABIE",{"$nulls":25},"Dátum:",{"$nulls":33},"0,01"]
[{"$nulls":70},"0,01"]
[{"$nulls":3},"Objednávateľ:",{"$nulls":32},"IČO:",null,null,"",{"$nulls":30},"0,01"]
[{"$nulls":4}," OBEC ŠARIŠSKÉ JASTRABIE",{"$nulls":31},"IČ DPH:",null,null,"",{"$nulls":30},"0,01"]
[{"$nulls":70},"0,01"]
[{"$nulls":3},"Zhotoviteľ:",{"$nulls":32},"IČO:",null,null,"Vyplň údaj",{"$nulls":30},"0,01"]
[{"$nulls":4},"Vyplň údaj",{"$nulls":31},"IČ DPH:",null,null,"Vyplň údaj",{"$nulls":30},"0,01"]
[{"$nulls":70},"False"]
[{"$nulls":3},"Projektant:",{"$nulls":32},"IČO:",null,null,"",{"$nulls":30},"False"]
[{"$nulls":36},"IČ DPH:",null,null,"",{"$nulls":30},"True"]
[{"$nulls":70},"0,01"]
[{"$nulls":3},"Spracovateľ:",{"$nulls":32},"IČO:",null,null,"",{"$nulls":30},"0,01"]
[{"$nulls":4}," ",{"$nulls":31},"IČ DPH:",null,null,"",{"$nulls":30},"True"]
[]
[{"$nulls":3},"Poznámka:"]
[{"$nulls":4},""]
[]
[]
[{"$nulls":3},"Cena bez DPH",{"$nulls":32},{"$f":"ROUND(AG94,2)","v":{"v":0,"d":"0.00"}}]
[]
[{"$nulls":11},"Sadzba dane",{"$nulls":10},"Základ dane",{"$nulls":13},"Výška dane"]
[{"$nulls":3},"DPH",null,"základná",{"$nulls":5},{"v":0.2,"d":"20.00%"},{"$nulls":10},{"$f":"ROUND(AZ94, 2)","v":{"v":0,"d":"0.00"}},{"$nulls":13},{"$f":"ROUND(AV94, 2)","v":{"v":0,"d":"0.00"}}]
[{"$nulls":5},"znížená",{"$nulls":5},{"v":0.2,"d":"20.00%"},{"$nulls":10},{"$f":"ROUND(BA94, 2)","v":{"v":0,"d":"0.00"}},{"$nulls":13},{"$f":"ROUND(AW94, 2)","v":{"v":0,"d":"0.00"}}]
[{"$nulls":5},"zákl. prenesená",{"$nulls":5},{"v":0.2,"d":"20.00%"},{"$nulls":10},{"$f":"ROUND(BB94, 2)","v":{"v":0,"d":"0.00"}},{"$nulls":13},{"v":0,"d":"0.00"}]
[{"$nulls":5},"zníž. prenesená",{"$nulls":5},{"v":0.2,"d":"20.00%"},{"$nulls":10},{"$f":"ROUND(BC94, 2)","v":{"v":0,"d":"0.00"}},{"$nulls":13},{"v":0,"d":"0.00"}]
[{"$nulls":5},"nulová",{"$nulls":5},{"v":0,"d":"0.00%"},{"$nulls":10},{"$f":"ROUND(BD94, 2)","v":{"v":0,"d":"0.00"}},{"$nulls":13},{"v":0,"d":"0.00"}]
[]
[{"$nulls":3},"Cena s DPH",{"$nulls":15},"v",{"$nulls":3},"EUR",{"$nulls":12},{"$f":"SUM(AK26:AK33)","v":{"v":0,"d":"0.00"}}]
{"$rows_empty":13}
[{"$nulls":3},"Projektant",{"$nulls":29},"Spracovateľ"]
{"$rows_empty":10}
[{"$nulls":3},"Dátum a podpis:",{"$nulls":17},"Pečiatka",{"$nulls":11},"Dátum a podpis:",{"$nulls":4},"Pečiatka"]
[]
[]
[]
[{"$nulls":3},"Objednávateľ",{"$nulls":29},"Zhotoviteľ"]
{"$rows_empty":10}
[{"$nulls":3},"Dátum a podpis:",{"$nulls":17},"Pečiatka",{"$nulls":11},"Dátum a podpis:",{"$nulls":4},"Pečiatka"]
[]
[]
[]
[]
[]
[]
[null,null,"REKAPITULÁCIA OBJEKTOV STAVBY"]
[]
[null,null,"Kód:",{"$nulls":8},{"$f":"K5","v":"11C"}]
[null,null,"Stavba:",{"$nulls":8},{"$f":"K6","v":"DOBUDOVANIE ZÁKLADNEJ TECHNICKEJ INFRAŠTRUKTÚRY V OBCI ŠARIŠSKÉ JASTRABIE"}]
[]
[null,null,"Miesto:",{"$nulls":8},{"$f":"IF(K8=\"\",\"\",K8)","v":"ŠARIŠSKÉ JASTRABIE"},{"$nulls":22},"Dátum:",{"$nulls":3},{"$f":"IF(AN8= \"\",\"\",AN8)","v":""}]
[]
[null,null,"Objednávateľ:",{"$nulls":8},{"$f":"IF(E11= \"\",\"\",E11)","v":" OBEC ŠARIŠSKÉ JASTRABIE"},{"$nulls":22},"Projektant:",{"$nulls":3},{"$f":"IF(E17=\"\",\"\",E17)","v":""},{"$nulls":5},"Informatívne údaje z listov zákaziek"]
[null,null,"Zhotoviteľ:",{"$nulls":8},{"$f":"IF(E14= \"Vyplň údaj\",\"\",E14)","v":""},{"$nulls":22},"Spracovateľ:",{"$nulls":3},{"$f":"IF(E20=\"\",\"\",E20)","v":" "}]
[]
[null,null,"Kód",{"$nulls":5},"Popis",{"$nulls":23},"Cena bez DPH [EUR]",{"$nulls":6},"Cena s DPH [EUR]",null,null,"Typ",null,"z toho Ostat.\r\nnáklady [EUR]","DPH [EUR]","Normohodiny [h]","DPH základná [EUR]","DPH znížená [EUR]","DPH základná prenesená\r\n[EUR]","DPH znížená prenesená\r\n[EUR]","Základňa\r\nDPH základná","Základňa\r\nDPH znížená","Základňa\r\nDPH zákl. prenesená","Základňa\r\nDPH zníž. prenesená","Základňa\r\nDPH nulová"]
[]
[null,null,"Náklady z rozpočtov",{"$nulls":29},{"$f":"ROUND(AG95+AG98,2)","v":{"v":0,"d":"0.00"}},{"$nulls":6},{"$f":"SUM(AG94,AT94)","v":{"v":0,"d":"0.00"}},null,null,"",null,{"$f":"ROUND(AS95+AS98,2)","v":{"v":0,"d":"0.00"}},{"$f":"ROUND(SUM(AV94:AW94),2)","v":{"v":0,"d":"0.00"}},{"$f":"ROUND(AU95+AU98,5)","v":{"v":0,"d":"0.00000"}},{"$f":"ROUND(AZ94*L29,2)","v":{"v":0,"d":"0.00"}},{"$f":"ROUND(BA94*L30,2)","v":{"v":0,"d":"0.00"}},{"$f":"ROUND(BB94*L29,2)","v":{"v":0,"d":"0.00"}},{"$f":"ROUND(BC94*L30,2)","v":{"v":0,"d":"0.00"}},{"$f":"ROUND(AZ95+AZ98,2)","v":{"v":0,"d":"0.00"}},{"$f":"ROUND(BA95+BA98,2)","v":{"v":0,"d":"0.00"}},{"$f":"ROUND(BB95+BB98,2)","v":{"v":0,"d":"0.00"}},{"$f":"ROUND(BC95+BC98,2)","v":{"v":0,"d":"0.00"}},{"$f":"ROUND(BD95+BD98,2)","v":{"v":0,"d":"0.00"}},{"$nulls":14},"D","0","###NOIMPORT###","IMPORT","{4bee5575-4e7e-45c2-bcd7-d8950381ae97}","{00000000-0000-0000-0000-000000000000}",{"$nulls":13},""]
[{"$nulls":3},"1",{"$nulls":5},"SO 01 - Výstavba chodníka a rekonštrukcia miestnych komunikácii",{"$nulls":22},{"$f":"ROUND(SUM(AG96:AG97),2)","v":{"v":0,"d":"0.00"}},{"$nulls":6},{"$f":"SUM(AG95,AT95)","v":{"v":0,"d":"0.00"}},null,null,"STA",null,{"$f":"ROUND(SUM(AS96:AS97),2)","v":{"v":0,"d":"0.00"}},{"$f":"ROUND(SUM(AV95:AW95),2)","v":{"v":0,"d":"0.00"}},{"$f":"ROUND(SUM(AU96:AU97),5)","v":{"v":0,"d":"0.00000"}},{"$f":"ROUND(AZ95*L29,2)","v":{"v":0,"d":"0.00"}},{"$f":"ROUND(BA95*L30,2)","v":{"v":0,"d":"0.00"}},{"$f":"ROUND(BB95*L29,2)","v":{"v":0,"d":"0.00"}},{"$f":"ROUND(BC95*L30,2)","v":{"v":0,"d":"0.00"}},{"$f":"ROUND(SUM(AZ96:AZ97),2)","v":{"v":0,"d":"0.00"}},{"$f":"ROUND(SUM(BA96:BA97),2)","v":{"v":0,"d":"0.00"}},{"$f":"ROUND(SUM(BB96:BB97),2)","v":{"v":0,"d":"0.00"}},{"$f":"ROUND(SUM(BC96:BC97),2)","v":{"v":0,"d":"0.00"}},{"$f":"ROUND(SUM(BD96:BD97),2)","v":{"v":0,"d":"0.00"}},{"$nulls":14},"D","1","###NOIMPORT###","IMPORT","{c9c74017-959b-42ef-b675-939aff50c746}","{4bee5575-4e7e-45c2-bcd7-d8950381ae97}",{"$nulls":13},"","0"]
["/",{"$nulls":3},"01",{"$nulls":5},"Trasa A, Trasa B",{"$nulls":21},{"$f":"'01 - Trasa A, Trasa B'!J32","v":{"v":0,"d":"0.00"}},{"$nulls":6},{"$f":"SUM(AG96,AT96)","v":{"v":0,"d":"0.00"}},null,null,"Časť",null,{"v":0,"d":"0.00"},{"$f":"ROUND(SUM(AV96:AW96),2)","v":{"v":0,"d":"0.00"}},{"$f":"'01 - Trasa A, Trasa B'!P131","v":{"v":0,"d":"0.00000"}},{"$f":"'01 - Trasa A, Trasa B'!J35","v":{"v":0,"d":"0.00"}},{"$f":"'01 - Trasa A, Trasa B'!J36","v":{"v":0,"d":"0.00"}},{"$f":"'01 - Trasa A, Trasa B'!J37","v":{"v":0,"d":"0.00"}},{"$f":"'01 - Trasa A, Trasa B'!J38","v":{"v":0,"d":"0.00"}},{"$f":"'01 - Trasa A, Trasa B'!F35","v":{"v":0,"d":"0.00"}},{"$f":"'01 - Trasa A, Trasa B'!F36","v":{"v":0,"d":"0.00"}},{"$f":"'01 - Trasa A, Trasa B'!F37","v":{"v":0,"d":"0.00"}},{"$f":"'01 - Trasa A, Trasa B'!F38","v":{"v":0,"d":"0.00"}},{"$f":"'01 - Trasa A, Trasa B'!F39","v":{"v":0,"d":"0.00"}},{"$nulls":15},"2",null,"IMPORT","{4cc23654-e36b-4149-b254-a397b31e4a4e}","{c9c74017-959b-42ef-b675-939aff50c746}",{"$nulls":13},""]
["/",{"$nulls":3},"02",{"$nulls":5},"Chodník",{"$nulls":21},{"$f":"'02 - Chodník'!J32","v":{"v":0,"d":"0.00"}},{"$nulls":6},{"$f":"SUM(AG97,AT97)","v":{"v":0,"d":"0.00"}},null,null,"Časť",null,{"v":0,"d":"0.00"},{"$f":"ROUND(SUM(AV97:AW97),2)","v":{"v":0,"d":"0.00"}},{"$f":"'02 - Chodník'!P126","v":{"v":0,"d":"0.00000"}},{"$f":"'02 - Chodník'!J35","v":{"v":0,"d":"0.00"}},{"$f":"'02 - Chodník'!J36","v":{"v":0,"d":"0.00"}},{"$f":"'02 - Chodník'!J37","v":{"v":0,"d":"0.00"}},{"$f":"'02 - Chodník'!J38","v":{"v":0,"d":"0.00"}},{"$f":"'02 - Chodník'!F35","v":{"v":0,"d":"0.00"}},{"$f":"'02 - Chodník'!F36","v":{"v":0,"d":"0.00"}},{"$f":"'02 - Chodník'!F37","v":{"v":0,"d":"0.00"}},{"$f":"'02 - Chodník'!F38","v":{"v":0,"d":"0.00"}},{"$f":"'02 - Chodník'!F39","v":{"v":0,"d":"0.00"}},{"$nulls":15},"2",null,"IMPORT","{b33474a5-ecee-40f8-b0a6-6c324b3be26c}","{c9c74017-959b-42ef-b675-939aff50c746}",{"$nulls":13},""]
["/",null,null,"2",{"$nulls":5},"SO 02 - Osvetlenie chodníka",{"$nulls":22},{"$f":"'2 - SO 02 - Osvetlenie ch...'!J30","v":{"v":0,"d":"0.00"}},{"$nulls":6},{"$f":"SUM(AG98,AT98)","v":{"v":0,"d":"0.00"}},null,null,"STA",null,{"v":0,"d":"0.00"},{"$f":"ROUND(SUM(AV98:AW98),2)","v":{"v":0,"d":"0.00"}},{"$f":"'2 - SO 02 - Osvetlenie ch...'!P122","v":{"v":0,"d":"0.00000"}},{"$f":"'2 - SO 02 - Osvetlenie ch...'!J33","v":{"v":0,"d":"0.00"}},{"$f":"'2 - SO 02 - Osvetlenie ch...'!J34","v":{"v":0,"d":"0.00"}},{"$f":"'2 - SO 02 - Osvetlenie ch...'!J35","v":{"v":0,"d":"0.00"}},{"$f":"'2 - SO 02 - Osvetlenie ch...'!J36","v":{"v":0,"d":"0.00"}},{"$f":"'2 - SO 02 - Osvetlenie ch...'!F33","v":{"v":0,"d":"0.00"}},{"$f":"'2 - SO 02 - Osvetlenie ch...'!F34","v":{"v":0,"d":"0.00"}},{"$f":"'2 - SO 02 - Osvetlenie ch...'!F35","v":{"v":0,"d":"0.00"}},{"$f":"'2 - SO 02 - Osvetlenie ch...'!F36","v":{"v":0,"d":"0.00"}},{"$f":"'2 - SO 02 - Osvetlenie ch...'!F37","v":{"v":0,"d":"0.00"}},{"$nulls":15},"1",null,"IMPORT","{db0c9c92-c372-42f6-ae01-ceb737a2aa6a}","{4bee5575-4e7e-45c2-bcd7-d8950381ae97}",{"$nulls":13},"","0"]

{"sheet":"01 - Trasa A, Trasa B","index":1,"n_rows":217,"n_cols":65,"rows_kept":217,"merged":[[1,11,1,21],[6,4,6,7],[8,4,8,7],[10,4,10,7],[19,4,19,7],[28,4,28,7],[84,4,84,7],[86,4,86,7],[88,4,88,7],[118,4,118,7],[120,4,120,7],[122,4,122,7]]}
[]
[{"$nulls":45},"{4cc23654-e36b-4149-b254-a397b31e4a4e}"]
[{"$nulls":45},"0"]
[{"$nulls":3},"KRYCÍ LIST ROZPOČTU",{"$nulls":8},"v ---  nižšie sa nachádzajú doplnkové a pomocné údaje k zostavám  --- v",{"$nulls":32},"False"]
[]
[{"$nulls":3},"Stavba:"]
[{"$nulls":4},{"$f":"'Rekapitulácia stavby'!K6","v":"DOBUDOVANIE ZÁKLADNEJ TECHNICKEJ INFRAŠTRUKTÚRY V OBCI ŠARIŠSKÉ JASTRABIE"}]
[{"$nulls":3},"Objekt:"]
[{"$nulls":4},"1 - SO 01 - Výstavba chodníka a rekonštrukcia miestnych komunikácii"]
[{"$nulls":3},"Časť:"]
[{"$nulls":4},"01 - Trasa A, Trasa B"]
[]
[{"$nulls":3},"JKSO:",null,"",null,null,"KS:",""]
[{"$nulls":3},"Miesto:",null,"ŠARIŠSKÉ JASTRABIE",null,null,"Dátum:"]
[]
[{"$nulls":3},"Objednávateľ:",{"$nulls":4},"IČO:",""]
[{"$nulls":4}," OBEC ŠARIŠSKÉ JASTRABIE",{"$nulls":3},"IČ DPH:",""]
[]
[{"$nulls":3},"Zhotoviteľ:",{"$nulls":4},"IČO:",{"$f":"'Rekapitulácia stavby'!AN13","v":"Vyplň údaj"}]
[{"$nulls":4},{"$f":"'Rekapitulácia stavby'!E14","v":"Vyplň údaj"},{"$nulls":3},"IČ DPH:",{"$f":"'Rekapitulácia stavby'!AN14","v":"Vyplň údaj"}]
[]
[{"$nulls":3},"Projektant:",{"$nulls":4},"IČO:",""]
[{"$nulls":8},"IČ DPH:",""]
[]
[{"$nulls":3},"Spracovateľ:",{"$nulls":4},"IČO:",{"$f":"IF('Rekapitulácia stavby'!AN19=\"\",\"\",'Rekapitulácia stavby'!AN19)","v":""}]
[{"$nulls":4},{"$f":"IF('Rekapitulácia stavby'!E20=\"\",\"\",'Rekapitulácia stavby'!E20)","v":" "},{"$nulls":3},"IČ DPH:",{"$f":"IF('Rekapitulácia stavby'!AN20=\"\",\"\",'Rekapitulácia stavby'!AN20)","v":""}]
[]
[{"$nulls":3},"Poznámka:"]
[{"$nulls":4},""]
[]
[]
[{"$nulls":3},"Cena bez DPH",{"$nulls":5},{"$f":"ROUND(J131, 2)","v":{"v":0,"d":"0.00"}}]
[]
[{"$nulls":5},"Základ dane",null,null,"Sadzba dane","Výška dane"]
[{"$nulls":3},"DPH","základná",{"$f":"ROUND((SUM(BE131:BE217)),  2)","v":{"v":0,"d":"0.00"}},null,null,{"v":0.2,"d":"20.00%"},{"$f":"ROUND(((SUM(BE131:BE217))*I35),  2)","v":{"v":0,"d":"0.00"}}]
[{"$nulls":4},"znížená",{"$f":"ROUND((SUM(BF131:BF217)),  2)","v":{"v":0,"d":"0.00"}},null,null,{"v":0.2,"d":"20.00%"},{"$f":"ROUND(((SUM(BF131:BF217))*I36),  2)","v":{"v":0,"d":"0.00"}}]
[{"$nulls":4},"zákl. prenesená",{"$f":"ROUND((SUM(BG131:BG217)),  2)","v":{"v":0,"d":"0.00"}},null,null,{"v":0.2,"d":"20.00%"},{"$f":"0","v":{"v":0,"d":"0.00"}}]
[{"$nulls":4},"zníž. prenesená",{"$f":"ROUND((SUM(BH131:BH217)),  2)","v":{"v":0,"d":"0.00"}},null,null,{"v":0.2,"d":"20.00%"},{"$f":"0","v":{"v":0,"d":"0.00"}}]
[{"$nulls":4},"nulová",{"$f":"ROUND((SUM(BI131:BI217)),  2)","v":{"v":0,"d":"0.00"}},null,null,{"v":0,"d":"0.00%"},{"$f":"0","v":{"v":0,"d":"0.00"}}]
[]
[{"$nulls":3},"Cena s DPH",null,null,"v","EUR",null,{"$f":"SUM(J32:J39)","v":{"v":0,"d":"0.00"}}]
{"$rows_empty":8}
[{"$nulls":3},"Projektant",null,null,"Spracovateľ"]
{"$rows_empty":10}
[{"$nulls":3},"Dátum a podpis:",null,"Pečiatka","Dátum a podpis:",null,null,"Pečiatka"]
[]
[]
[]
[{"$nulls":3},"Objednávateľ",null,null,"Zhotoviteľ"]
{"$rows_empty":10}
[{"$nulls":3},"Dátum a podpis:",null,"Pečiatka","Dátum a podpis:",null,null,"Pečiatka"]
[]
[]
[]
[]
[]
[null,null,"REKAPITULÁCIA ROZPOČTU"]
[]
[null,null,"Stavba:"]
[{"$nulls":4},{"$f":"E7","v":"DOBUDOVANIE ZÁKLADNEJ TECHNICKEJ INFRAŠTRUKTÚRY V OBCI ŠARIŠSKÉ JASTRABIE"}]
[null,null,"Objekt:"]
[{"$nulls":4},"1 - SO 01 - Výstavba chodníka a rekonštrukcia miestnych komunikácii"]
[null,null,"Časť:"]
[{"$nulls":4},{"$f":"E11","v":"01 - Trasa A, Trasa B"}]
[]
[null,null,"Miesto:",null,null,{"$f":"F14","v":"ŠARIŠSKÉ JASTRABIE"},null,null,"Dátum:",{"$f":"IF(J14=\"\",\"\",J14)","v":""}]
[]
[null,null,"Objednávateľ:",null,null,{"$f":"E17","v":" OBEC ŠARIŠSKÉ JASTRABIE"},null,null,"Projektant:",{"$f":"E23","v":0}]
[null,null,"Zhotoviteľ:",null,null,{"$f":"IF(E20=\"\",\"\",E20)","v":"Vyplň údaj"},null,null,"Spracovateľ:",{"$f":"E26","v":" "}]
[]
[null,null,"Kód dielu - Popis",{"$nulls":6},"Cena celkom [EUR]"]
[]
[null,null,"Náklady z rozpočtu",{"$nulls":6},{"$f":"J131","v":{"v":0,"d":"0.00"}},{"$nulls":36},"-1"]
[{"$nulls":3},"HSV - Práce a dodávky HSV",{"$nulls":5},{"$f":"J132","v":{"v":0,"d":"0.00"}}]
[{"$nulls":3},"    1 - Zemné práce",{"$nulls":5},{"$f":"J133","v":{"v":0,"d":"0.00"}}]
[{"$nulls":3},"    2 - Zakladanie",{"$nulls":5},{"$f":"J157","v":{"v":0,"d":"0.00"}}]
[{"$nulls":3},"    3 - Zvislé a kompletné konštrukcie",{"$nulls":5},{"$f":"J161","v":{"v":0,"d":"0.00"}}]
[{"$nulls":3},"    4 - Vodorovné konštrukcie",{"$nulls":5},{"$f":"J166","v":{"v":0,"d":"0.00"}}]
[{"$nulls":3},"    5 - Komunikácie",{"$nulls":5},{"$f":"J170","v":{"v":0,"d":"0.00"}}]
[{"$nulls":3},"    8 - Rúrové vedenie",{"$nulls":5},{"$f":"J178","v":{"v":0,"d":"0.00"}}]
[{"$nulls":3},"    9 - Ostatné konštrukcie a práce-búranie",{"$nulls":5},{"$f":"J183","v":{"v":0,"d":"0.00"}}]
[{"$nulls":3},"    99 - Presun hmôt HSV",{"$nulls":5},{"$f":"J207","v":{"v":0,"d":"0.00"}}]
[{"$nulls":3},"PSV - Práce a dodávky PSV",{"$nulls":5},{"$f":"J209","v":{"v":0,"d":"0.00"}}]
[{"$nulls":3},"    767 - Konštrukcie doplnkové kovové",{"$nulls":5},{"$f":"J210","v":{"v":0,"d":"0.00"}}]
[]
[]
[]
[]
[]
[]
[null,null,"ROZPOČET"]
[]
[null,null,"Stavba:"]
[{"$nulls":4},{"$f":"E7","v":"DOBUDOVANIE ZÁKLADNEJ TECHNICKEJ INFRAŠTRUKTÚRY V OBCI ŠARIŠSKÉ JASTRABIE"}]
[null,null,"Objekt:"]
[{"$nulls":4},"1 - SO 01 - Výstavba chodníka a rekonštrukcia miestnych komunikácii"]
[null,null,"Časť:"]
[{"$nulls":4},{"$f":"E11","v":"01 - Trasa A, Trasa B"}]
[]
[null,null,"Miesto:",null,null,{"$f":"F14","v":"ŠARIŠSKÉ JASTRABIE"},null,null,"Dátum:",{"$f":"IF(J14=\"\",\"\",J14)","v":""}]
[]
[null,null,"Objednávateľ:",null,null,{"$f":"E17","v":" OBEC ŠARIŠSKÉ JASTRABIE"},null,null,"Projektant:",{"$f":"E23","v":0}]
[null,null,"Zhotoviteľ:",null,null,{"$f":"IF(E20=\"\",\"\",E20)","v":"Vyplň údaj"},null,null,"Spracovateľ:",{"$f":"E26","v":" "}]
[]
[null,null,"PČ","Typ","Kód","Popis","MJ","Množstvo","J.cena [EUR]","Cena celkom [EUR]","Cenová sústava",null,"","DPH","J. Nh [h]","Nh celkom [h]","J. hmotnosť [t]","Hmotnosť celkom [t]","J. suť [t]","Suť Celkom [t]"]
[null,null,"Náklady z rozpočtu",{"$nulls":6},{"$f":"BK131","v":{"v":0,"d":"0.00"}},{"$nulls":5},{"$f":"P132+P209","v":{"v":0,"d":"0.00000"}},null,{"$f":"R132+R209","v":{"v":1942.72453024,"d":"1,942.72453"}},null,{"$f":"T132+T209","v":{"v":210.72699999999998,"d":"210.72700"}},{"$nulls":25},"D","-1",{"$nulls":15},{"$f":"BK132+BK209","v":{"v":0,"d":"0.00"}}]
[{"$nulls":3},"D","HSV","Práce a dodávky HSV",{"$nulls":3},{"$f":"BK132","v":{"v":0,"d":"0.00"}},{"$nulls":5},{"$f":"P133+P157+P161+P166+P170+P178+P183+P207","v":{"v":0,"d":"0.00000"}},null,{"$f":"R133+R157+R161+R166+R170+R178+R183+R207","v":{"v":1942.67923024,"d":"1,942.67923"}},null,{"$f":"T133+T157+T161+T166+T170+T178+T183+T207","v":{"v":210.32699999999997,"d":"210.32700"}},{"$nulls":23},"1",null,"D","0",{"$nulls":3},"ROZPOCET",{"$nulls":11},{"$f":"BK133+BK157+BK161+BK166+BK170+BK178+BK183+BK207","v":{"v":0,"d":"0.00"}}]
[{"$nulls":3},"D","1","Zemné práce",{"$nulls":3},{"$f":"BK133","v":{"v":0,"d":"0.00"}},{"$nulls":5},{"$f":"SUM(P134:P156)","v":{"v":0,"d":"0.00000"}},null,{"$f":"SUM(R134:R156)","v":{"v":23.913889,"d":"23.91389"}},null,{"$f":"SUM(T134:T156)","v":{"v":203.45999999999998,"d":"203.46000"}},{"$nulls":23},"1",null,"D","1",{"$nulls":3},"ROZPOCET",{"$nulls":11},{"$f":"SUM(BK134:BK156)","v":{"v":0,"d":"0.00"}}]
[null,null,"1","K","113106241","Rozoberanie vozovky a plochy z panelov so škárami zaliatymi asfaltovou alebo cementovou maltou,  -0,40800t","m2",{"v":480,"d":"480.000"},null,{"$f":"ROUND(I134*H134,2)","v":{"v":0,"d":"0.00"}},null,null,"","znížená",null,{"$f":"O134*H134","v":{"v":0,"d":"0.00000"}},{"v":0,"d":"0.00000"},{"$f":"Q134*H134","v":{"v":0,"d":"0.00000"}},{"v":0.408,"d":"0.40800"},{"$f":"S134*H134","v":{"v":195.83999999999997,"d":"195.84000"}},{"$nulls":23},"4",null,"K","2",{"$nulls":3},"ROZPOCET",{"$nulls":5},{"$f":"IF(N134=\"základná\",J134,0)","v":{"v":0,"d":"0.00"}},{"$f":"IF(N134=\"znížená\",J134,0)","v":{"v":0,"d":"0.00"}},{"$f":"IF(N134=\"zákl. prenesená\",J134,0)","v":{"v":0,"d":"0.00"}},{"$f":"IF(N134=\"zníž. prenesená\",J134,0)","v":{"v":0,"d":"0.00"}},{"$f":"IF(N134=\"nulová\",J134,0)","v":{"v":0,"d":"0.00"}},"2",{"$f":"ROUND(I134*H134,2)","v":{"v":0,"d":"0.00"}},"4","549989569"]
[null,null,"2","K","113152130","Frézovanie asf. podkladu alebo krytu bez prek., plochy do 500 m2, pruh š. do 0,5 m, hr. 50 mm  0,127 t","m2",{"v":60,"d":"60.000"},null,{"v":0,"d":"0.00"},null,null,"","znížená",null,{"v":0,"d":"0.00000"},{"v":9e-05,"d":"0.00009"},{"v":0.0054,"d":"0.00540"},{"v":0.127,"d":"0.12700"},{"v":7.62,"d":"7.62000"},{"$nulls":23},"4",null,"K","2",{"$nulls":3},"ROZPOCET",{"$nulls":5},{"v":0,"d":"0.00"},{"v":0,"d":"0.00"},{"v":0,"d":"0.00"},{"v":0,"d":"0.00"},{"v":0,"d":"0.00"},"2",{"v":0,"d":"0.00"},"4","860819094"]
[null,null,"3","K","114203102","Rozobratie dlažby z lomového kameňa alebo betónových tvarníc na sucho, so zaliatymi škárami cementovou maltou","m3",{"v":16,"d":"16.000"},null,{"v":0,"d":"0.00"},null,null,"","znížená",null,{"v":0,"d":"0.00000"},{"v":0,"d":"0.00000"},{"v":0,"d":"0.00000"},{"v":0,"d":"0.00000"},{"v":0,"d":"0.00000"},{"$nulls":23},"4",null,"K","2",{"$nulls":3},"ROZPOCET",{"$nulls":5},{"v":0,"d":"0.00"},{"v":0,"d":"0.00"},{"v":0,"d":"0.00"},{"v":0,"d":"0.00"},{"v":0,"d":"0.00"},"2",{"v":0,"d":"0.00"},"4","1681742758"]
[null,null,"4","K","121101112","Odstránenie ornice s premiestn. na hromady, so zložením na vzdialenosť do 100 m a do 1000 m3","m3",{"v":106,"d":"106.000"},null,{"v":0,"d":"0.00"},null,null,"","znížená",null,{"v":0,"d":"0.00000"},{"v":0,"d":"0.00000"},{"v":0,"d":"0.00000"},{"v":0,"d":"0.00000"},{"v":0,"d":"0.00000"},{"$nulls":23},"4",null,"K","2",{"$nulls":3},"ROZPOCET",{"$nulls":5},{"v":0,"d":"0.00"},{"v":0,"d":"0.00"},{"v":0,"d":"0.00"},{"v":0,"d":"0.00"},{"v":0,"d":"0.00"},"2",{"v":0,"d":"0.00"},"4","2004710633"]
[null,null,"5","K","122201102","Odkopávka a prekopávka nezapažená v hornine 3, nad 100 do 1000 m3","m3",{"v":750,"d":"750.000"},null,{"v":0,"d":"0.00"},null,null,"","znížená",null,{"v":0,"d":"0.00000"},{"v":0,"d":"0.00000"},{"v":0,"d":"0.00000"},{"v":0,"d":"0.00000"},{"v":0,"d":"0.00000"},{"$nulls":23},"4",null,"K","2",{"$nulls":3},"ROZPOCET",{"$nulls":5},{"v":0,"d":"0.00"},{"v":0,"d":"0.00"},{"v":0,"d":"0.00"},{"v":0,"d":"0.00"},{"v":0,"d":"0.00"},"2",{"v":0,"d":"0.00"},"4","1150634141"]
[null,null,"6","K","122201109","Odkopávky a prekopávky nezapažené. Príplatok k cenám za lepivosť horniny 3","m3",{"v":225,"d":"225.000"},null,{"v":0,"d":"0.00"},null,null,"","znížená",null,{"v":0,"d":"0.00000"},{"v":0,"d":"0.00000"},{"v":0,"d":"0.00000"},{"v":0,"d":"0.00000"},{"v":0,"d":"0.00000"},{"$nulls":23},"4",null,"K","2",{"$nulls":3},"ROZPOCET",{"$nulls":5},{"v":0,"d":"0.00"},{"v":0,"d":"0.00"},{"v":0,"d":"0.00"},{"v":0,"d":"0.00"},{"v":0,"d":"0.00"},"2",{"v":0,"d":"0.00"},"4","2139746367"]
[null,null,"7","K","132201101","Výkop ryhy do šírky 600 mm v horn.3 do 100 m3","m3",51.413,null,{"v":0,"d":"0.00"},null,null,"","znížená",null,{"v":0,"d":"0.00000"},{"v":0,"d":"0.00000"},{"v":0,"d":"0.00000"},{"v":0,"d":"0.00000"},{"v":0,"d":"0.00000"},{"$nulls":23},"4",null,"K","2",{"$nulls":3},"ROZPOCET",{"$nulls":5},{"v":0,"d":"0.00"},{"v":0,"d":"0.00"},{"v":0,"d":"0.00"},{"v":0,"d":"0.00"},{"v":0,"d":"0.00"},"2",{"v":0,"d":"0.00"},"4","-1074509483"]
[null,null,"8","K","132201109","Príplatok k cene za lepivosť pri hĺbení rýh šírky do 600 mm zapažených i nezapažených s urovnaním dna v hornine 3","m3",15.424,null,{"v":0,"d":"0.00"},null,null,"","znížená",null,{"v":0,"d":"0.00000"},{"v":0,"d":"0.00000"},{"v":0,"d":"0.00000"},{"v":0,"d":"0.00000"},{"v":0,"d":"0.00000"},{"$nulls":23},"4",null,"K","2",{"$nulls":3},"ROZPOCET",{"$nulls":5},{"v":0,"d":"0.00"},{"v":0,"d":"0.00"},{"v":0,"d":"0.00"},{"v":0,"d":"0.00"},{"v":0,"d":"0.00"},"2",{"v":0,"d":"0.00"},"4","-323474368"]
[null,null,"9","K","132201202","Výkop ryhy šírky 600-2000mm horn.3 od 100 do 1000 m3","m3",{"v":190.6,"d":"190.600"},null,{"v":0,"d":"0.00"},null,null,"","znížená",null,{"v":0,"d":"0.00000"},{"v":0,"d":"0.00000"},{"v":0,"d":"0.00000"},{"v":0,"d":"0.00000"},{"v":0,"d":"0.00000"},{"$nulls":23},"4",null,"K","2",{"$nulls":3},"ROZPOCET",{"$nulls":5},{"v":0,"d":"0.00"},{"v":0,"d":"0.00"},{"v":0,"d":"0.00"},{"v":0,"d":"0.00"},{"v":0,"d":"0.00"},"2",{"v":0,"d":"0.00"},"4","-73381146"]
[null,null,"10","K","132201209","Príplatok k cenám za lepivosť pri hĺbení rýh š. nad 600 do 2 000 mm zapaž. i nezapažených, s urovnaním dna v hornine 3","m3",{"v":57.18,"d":"57.180"},null,{"v":0,"d":"0.00"},null,null,"","znížená",null,{"v":0,"d":"0.00000"},{"v":0,"d":"0.00000"},{"v":0,"d":"0.00000"},{"v":0,"d":"0.00000"},{"v":0,"d":"0.00000"},{"$nulls":23},"4",null,"K","2",{"$nulls":3},"ROZPOCET",{"$nulls":5},{"v":0,"d":"0.00"},{"v":0,"d":"0.00"},{"v":0,"d":"0.00"},{"v":0,"d":"0.00"},{"v":0,"d":"0.00"},"2",{"v":0,"d":"0.00"},"4","-1065463981"]
[null,null,"11","K","133201101","Výkop šachty zapaženej, hornina 3 do 100 m3","m3",1.456,null,{"v":0,"d":"0.00"},null,null,"","znížená",null,{"v":0,"d":"0.00000"},{"v":0,"d":"0.00000"},{"v":0,"d":"0.00000"},{"v":0,"d":"0.00000"},{"v":0,"d":"0.00000"},{"$nulls":23},"4",null,"K","2",{"$nulls":3},"ROZPOCET",{"$nulls":5},{"v":0,"d":"0.00"},{"v":0,"d":"0.00"},{"v":0,"d":"0.00"},{"v":0,"d":"0.00"},{"v":0,"d":"0.00"},"2",{"v":0,"d":"0.00"},"4","-1584688835"]
[null,null,"12","K","133201109","Príplatok k cenám za lepivosť pri hĺbení šachiet zapažených i nezapažených v hornine 3","m3",0.437,null,{"v":0,"d":"0.00"},null,null,"","znížená",null,{"v":0,"d":"0.00000"},{"v":0,"d":"0.00000"},{"v":0,"d":"0.00000"},{"v":0,"d":"0.00000"},{"v":0,"d":"0.00000"},{"$nulls":23},"4",null,"K","2",{"$nulls":3},"ROZPOCET",{"$nulls":5},{"v":0,"d":"0.00"},{"v":0,"d":"0.00"},{"v":0,"d":"0.00"},{"v":0,"d":"0.00"},{"v":0,"d":"0.00"},"2",{"v":0,"d":"0.00"},"4","-1951220611"]
[null,null,"13","K","162501122","Vodorovné premiestnenie výkopku po spevnenej ceste z horniny tr.1-4, nad 100 do 1000 m3 na vzdialenosť do 3000 m","m3",899.989,null,{"v":0,"d":"0.00"},null,null,"","znížená",null,{"v":0,"d":"0.00000"},{"v":0,"d":"0.00000"},{"v":0,"d":"0.00000"},{"v":0,"d":"0.00000"},{"v":0,"d":"0.00000"},{"$nulls":23},"4",null,"K","2",{"$nulls":3},"ROZPOCET",{"$nulls":5},{"v":0,"d":"0.00"},{"v":0,"d":"0.00"},{"v":0,"d":"0.00"},{"v":0,"d":"0.00"},{"v":0,"d":"0.00"},"2",{"v":0,"d":"0.00"},"4","1323968694"]
[null,null,"14","K","167101101","Nakladanie neuľahnutého výkopku z hornín tr.1-4 do 100 m3","m3",{"v":85,"d":"85.000"},null,{"v":0,"d":"0.00"},null,null,"","znížená",null,{"v":0,"d":"0.00000"},{"v":0,"d":"0.00000"},{"v":0,"d":"0.00000"},{"v":0,"d":"0.00000"},{"v":0,"d":"0.00000"},{"$nulls":23},"4",null,"K","2",{"$nulls":3},"ROZPOCET",{"$nulls":5},{"v":0,"d":"0.00"},{"v":0,"d":"0.00"},{"v":0,"d":"0.00"},{"v":0,"d":"0.00"},{"v":0,"d":"0.00"},"2",{"v":0,"d":"0.00"},"4","2088490189"]
[null,null,"15","K","171101131","Uloženie sypaniny do násypu  nesúdržných a súdržných hornín striedavo ukladaných","m3",{"v":170,"d":"170.000"},null,{"v":0,"d":"0.00"},null,null,"","znížená",null,{"v":0,"d":"0.00000"},{"v":0,"d":"0.00000"},{"v":0,"d":"0.00000"},{"v":0,"d":"0.00000"},{"v":0,"d":"0.00000"},{"$nulls":23},"4",null,"K","2",{"$nulls":3},"ROZPOCET",{"$nulls":5},{"v":0,"d":"0.00"},{"v":0,"d":"0.00"},{"v":0,"d":"0.00"},{"v":0,"d":"0.00"},{"v":0,"d":"0.00"},"2",{"v":0,"d":"0.00"},"4","-1911742520"]
[null,null,"16","K","171201202","Uloženie sypaniny na skládky nad 100 do 1000 m3","m3",899.989,null,{"v":0,"d":"0.00"},null,null,"","znížená",null,{"v":0,"d":"0.00000"},{"v":0,"d":"0.00000"},{"v":0,"d":"0.00000"},{"v":0,"d":"0.00000"},{"v":0,"d":"0.00000"},{"$nulls":23},"4",null,"K","2",{"$nulls":3},"ROZPOCET",{"$nulls":5},{"v":0,"d":"0.00"},{"v":0,"d":"0.00"},{"v":0,"d":"0.00"},{"v":0,"d":"0.00"},{"v":0,"d":"0.00"},"2",{"v":0,"d":"0.00"},"4","-1263941984"]
[null,null,"17","K","174101001","Zásyp sypaninou so zhutnením jám, šachiet, rýh, zárezov alebo okolo objektov do 100 m3","m3",{"v":8.48,"d":"8.480"},null,{"v":0,"d":"0.00"},null,null,"","znížená",null,{"v":0,"d":"0.00000"},{"v":0,"d":"0.00000"},{"v":0,"d":"0.00000"},{"v":0,"d":"0.00000"},{"v":0,"d":"0.00000"},{"$nulls":23},"4",null,"K","2",{"$nulls":3},"ROZPOCET",{"$nulls":5},{"v":0,"d":"0.00"},{"v":0,"d":"0.00"},{"v":0,"d":"0.00"},{"v":0,"d":"0.00"},{"v":0,"d":"0.00"},"2",{"v":0,"d":"0.00"},"4","-2010694196"]
[null,null,"18","K","175101101","Obsyp potrubia sypaninou z vhodných hornín 1 až 4 bez prehodenia sypaniny","m3",{"v":14.06,"d":"14.060"},null,{"v":0,"d":"0.00"},null,null,"","znížená",null,{"v":0,"d":"0.00000"},{"v":0,"d":"0.00000"},{"v":0,"d":"0.00000"},{"v":0,"d":"0.00000"},{"v":0,"d":"0.00000"},{"$nulls":23},"4",null,"K","2",{"$nulls":3},"ROZPOCET",{"$nulls":5},{"v":0,"d":"0.00"},{"v":0,"d":"0.00"},{"v":0,"d":"0.00"},{"v":0,"d":"0.00"},{"v":0,"d":"0.00"},"2",{"v":0,"d":"0.00"},"4","-1137942683"]
[null,null,"19","M","583310001100","Kamenivo ťažené hrubé frakcia 4-8 mm","t",23.902,null,{"v":0,"d":"0.00"},null,null,"","znížená",null,{"v":0,"d":"0.00000"},{"v":1,"d":"1.00000"},{"v":23.902,"d":"23.90200"},{"v":0,"d":"0.00000"},{"v":0,"d":"0.00000"},{"$nulls":23},"8",null,"M","2",{"$nulls":3},"ROZPOCET",{"$nulls":5},{"v":0,"d":"0.00"},{"v":0,"d":"0.00"},{"v":0,"d":"0.00"},{"v":0,"d":"0.00"},{"v":0,"d":"0.00"},"2",{"v":0,"d":"0.00"},"4","-1838918463"]
[null,null,"20","K","180401212","Založenie trávnika lúčneho výsevom na svahu nad 1:5 do 1:2","m2",{"v":210,"d":"210.000"},null,{"v":0,"d":"0.00"},null,null,"","znížená",null,{"v":0,"d":"0.00000"},{"v":0,"d":"0.00000"},{"v":0,"d":"0.00000"},{"v":0,"d":"0.00000"},{"v":0,"d":"0.00000"},{"$nulls":23},"4",null,"K","2",{"$nulls":3},"ROZPOCET",{"$nulls":5},{"v":0,"d":"0.00"},{"v":0,"d":"0.00"},{"v":0,"d":"0.00"},{"v":0,"d":"0.00"},{"v":0,"d":"0.00"},"2",{"v":0,"d":"0.00"},"4","-1446324887"]
[null,null,"21","M","005720001300","Osivá tráv - trávové semeno","kg",6.489,null,{"v":0,"d":"0.00"},null,null,"","znížená",null,{"v":0,"d":"0.00000"},{"v":1E-3,"d":"0.00100"},{"v":6.489E-3,"d":"0.00649"},{"v":0,"d":"0.00000"},{"v":0,"d":"0.00000"},{"$nulls":23},"8",null,"M","2",{"$nulls":3},"ROZPOCET",{"$nulls":5},{"v":0,"d":"0.00"},{"v":0,"d":"0.00"},{"v":0,"d":"0.00"},{"v":0,"d":"0.00"},{"v":0,"d":"0.00"},"2",{"v":0,"d":"0.00"},"4","-163473902"]
[null,null,"22","K","181201102","Úprava pláne v násypoch v hornine 1-4 so zhutnením","m2",{"v":1404,"d":"1,404.000"},null,{"v":0,"d":"0.00"},null,null,"","znížená",null,{"v":0,"d":"0.00000"},{"v":0,"d":"0.00000"},{"v":0,"d":"0.00000"},{"v":0,"d":"0.00000"},{"v":0,"d":"0.00000"},{"$nulls":23},"4",null,"K","2",{"$nulls":3},"ROZPOCET",{"$nulls":5},{"v":0,"d":"0.00"},{"v":0,"d":"0.00"},{"v":0,"d":"0.00"},{"v":0,"d":"0.00"},{"v":0,"d":"0.00"},"2",{"v":0,"d":"0.00"},"4","-1926572633"]
[null,null,"23","K","182301121","Rozprestretie ornice na svahu so sklonom nad 1:5, plocha do 500 m2, hr.do 100 mm","m2",{"v":210,"d":"210.000"},null,{"v":0,"d":"0.00"},null,null,"","znížená",null,{"v":0,"d":"0.00000"},{"v":0,"d":"0.00000"},{"v":0,"d":"0.00000"},{"v":0,"d":"0.00000"},{"v":0,"d":"0.00000"},{"$nulls":23},"4",null,"K","2",{"$nulls":3},"ROZPOCET",{"$nulls":5},{"v":0,"d":"0.00"},{"v":0,"d":"0.00"},{"v":0,"d":"0.00"},{"v":0,"d":"0.00"},{"v":0,"d":"0.00"},"2",{"v":0,"d":"0.00"},"4","-681283771"]
[{"$nulls":3},"D","2","Zakladanie",{"$nulls":3},{"$f":"BK157","v":{"v":0,"d":"0.00"}},{"$nulls":5},{"$f":"SUM(P158:P160)","v":{"v":0,"d":"0.00000"}},null,{"$f":"SUM(R158:R160)","v":{"v":78.16420144,"d":"78.16420"}},null,{"$f":"SUM(T158:T160)","v":{"v":0,"d":"0.00000"}},{"$nulls":23},"1",null,"D","1",{"$nulls":3},"ROZPOCET",{"$nulls":11},{"$f":"SUM(BK158:BK160)","v":{"v":0,"d":"0.00"}}]
[null,null,"24","K","212572111","Lôžko pre trativod zo štrkopiesku triedeného","m3",{"v":9.12,"d":"9.120"},null,{"$f":"ROUND(I158*H158,2)","v":{"v":0,"d":"0.00"}},null,null,"","znížená",null,{"$f":"O158*H158","v":{"v":0,"d":"0.00000"}},{"v":1.9205,"d":"1.92050"},{"$f":"Q158*H158","v":17.51496},{"v":0,"d":"0.00000"},{"$f":"S158*H158","v":{"v":0,"d":"0.00000"}},{"$nulls":23},"4",null,"K","2",{"$nulls":3},"ROZPOCET",{"$nulls":5},{"$f":"IF(N158=\"základná\",J158,0)","v":{"v":0,"d":"0.00"}},{"$f":"IF(N158=\"znížená\",J158,0)","v":{"v":0,"d":"0.00"}},{"$f":"IF(N158=\"zákl. prenesená\",J158,0)","v":{"v":0,"d":"0.00"}},{"$f":"IF(N158=\"zníž. prenesená\",J158,0)","v":{"v":0,"d":"0.00"}},{"$f":"IF(N158=\"nulová\",J158,0)","v":{"v":0,"d":"0.00"}},"2",{"$f":"ROUND(I158*H158,2)","v":{"v":0,"d":"0.00"}},"4","1430709051"]
[null,null,"25","K","212752127","Trativody z flexodrenážnych rúr DN 160","m",{"v":228,"d":"228.000"},null,{"$f":"ROUND(I159*H159,2)","v":{"v":0,"d":"0.00"}},null,null,"","znížená",null,{"$f":"O159*H159","v":{"v":0,"d":"0.00000"}},0.25195,{"$f":"Q159*H159","v":{"v":57.4446,"d":"57.44460"}},{"v":0,"d":"0.00000"},{"$f":"S159*H159","v":{"v":0,"d":"0.00000"}},{"$nulls":23},"4",null,"K","2",{"$nulls":3},"ROZPOCET",{"$nulls":5},{"$f":"IF(N159=\"základná\",J159,0)","v":{"v":0,"d":"0.00"}},{"$f":"IF(N159=\"znížená\",J159,0)","v":{"v":0,"d":"0.00"}},{"$f":"IF(N159=\"zákl. prenesená\",J159,0)","v":{"v":0,"d":"0.00"}},{"$f":"IF(N159=\"zníž. prenesená\",J159,0)","v":{"v":0,"d":"0.00"}},{"$f":"IF(N159=\"nulová\",J159,0)","v":{"v":0,"d":"0.00"}},"2",{"$f":"ROUND(I159*H159,2)","v":{"v":0,"d":"0.00"}},"4","-561622875"]
[null,null,"26","K","275313611","Betón základových pätiek, prostý tr.C 16/20","m3",1.456,null,{"$f":"ROUND(I160*H160,2)","v":{"v":0,"d":"0.00"}},null,null,"","znížená",null,{"$f":"O160*H160","v":{"v":0,"d":"0.00000"}},2.20099,{"$f":"Q160*H160","v":{"v":3.20464144,"d":"3.20464"}},{"v":0,"d":"0.00000"},{"$f":"S160*H160","v":{"v":0,"d":"0.00000"}},{"$nulls":23},"4",null,"K","2",{"$nulls":3},"ROZPOCET",{"$nulls":5},{"$f":"IF(N160=\"základná\",J160,0)","v":{"v":0,"d":"0.00"}},{"$f":"IF(N160=\"znížená\",J160,0)","v":{"v":0,"d":"0.00"}},{"$f":"IF(N160=\"zákl. prenesená\",J160,0)","v":{"v":0,"d":"0.00"}},{"$f":"IF(N160=\"zníž. prenesená\",J160,0)","v":{"v":0,"d":"0.00"}},{"$f":"IF(N160=\"nulová\",J160,0)","v":{"v":0,"d":"0.00"}},"2",{"$f":"ROUND(I160*H160,2)","v":{"v":0,"d":"0.00"}},"4","760450472"]
[{"$nulls":3},"D","3","Zvislé a kompletné konštrukcie",{"$nulls":3},{"$f":"BK161","v":{"v":0,"d":"0.00"}},{"$nulls":5},{"$f":"SUM(P162:P165)","v":{"v":0,"d":"0.00000"}},null,{"$f":"SUM(R162:R165)","v":{"v":0.10070000000000001,"d":"0.10070"}},null,{"$f":"SUM(T162:T165)","v":{"v":0,"d":"0.00000"}},{"$nulls":23},"1",null,"D","1",{"$nulls":3},"ROZPOCET",{"$nulls":11},{"$f":"SUM(BK162:BK165)","v":{"v":0,"d":"0.00"}}]
[null,null,"27","K","338171121","Osadenie stľpika oceľového plotového do výšky nad 2,0m zaliatim cem.mal.","ks",{"v":5,"d":"5.000"},null,{"$f":"ROUND(I162*H162,2)","v":{"v":0,"d":"0.00"}},null,null,"","znížená",null,{"$f":"O162*H162","v":{"v":0,"d":"0.00000"}},0.00702,{"$f":"Q162*H162","v":{"v":0.0351,"d":"0.03510"}},{"v":0,"d":"0.00000"},{"$f":"S162*H162","v":{"v":0,"d":"0.00000"}},{"$nulls":23},"4",null,"K","2",{"$nulls":3},"ROZPOCET",{"$nulls":5},{"$f":"IF(N162=\"základná\",J162,0)","v":{"v":0,"d":"0.00"}},{"$f":"IF(N162=\"znížená\",J162,0)","v":{"v":0,"d":"0.00"}},{"$f":"IF(N162=\"zákl. prenesená\",J162,0)","v":{"v":0,"d":"0.00"}},{"$f":"IF(N162=\"zníž. prenesená\",J162,0)","v":{"v":0,"d":"0.00"}},{"$f":"IF(N162=\"nulová\",J162,0)","v":{"v":0,"d":"0.00"}},"2",{"$f":"ROUND(I162*H162,2)","v":{"v":0,"d":"0.00"}},"4","479906522"]
[null,null,"28","M","553510022900","Stĺpik, d 48 mm, výška 2 m, výška pletiva 1,6 m, poplastovaný s PVC čiapkou, pre pletivo v rolkách","ks",{"v":5,"d":"5.000"},null,{"$f":"ROUND(I163*H163,2)","v":{"v":0,"d":"0.00"}},null,null,"","znížená",null,{"$f":"O163*H163","v":{"v":0,"d":"0.00000"}},{"v":2.8E-3,"d":"0.00280"},{"$f":"Q163*H163","v":{"v":0.014,"d":"0.01400"}},{"v":0,"d":"0.00000"},{"$f":"S163*H163","v":{"v":0,"d":"0.00000"}},{"$nulls":23},"8",null,"M","2",{"$nulls":3},"ROZPOCET",{"$nulls":5},{"$f":"IF(N163=\"základná\",J163,0)","v":{"v":0,"d":"0.00"}},{"$f":"IF(N163=\"znížená\",J163,0)","v":{"v":0,"d":"0.00"}},{"$f":"IF(N163=\"zákl. prenesená\",J163,0)","v":{"v":0,"d":"0.00"}},{"$f":"IF(N163=\"zníž. prenesená\",J163,0)","v":{"v":0,"d":"0.00"}},{"$f":"IF(N163=\"nulová\",J163,0)","v":{"v":0,"d":"0.00"}},"2",{"$f":"ROUND(I163*H163,2)","v":{"v":0,"d":"0.00"}},"4","-1803951799"]
[null,null,"29","K","338172111","Osadzovanie vzpery oceľovej plotovej so zaliatím cementovou maltou do vynechaných otvorov","ks",{"v":6,"d":"6.000"},null,{"$f":"ROUND(I164*H164,2)","v":{"v":0,"d":"0.00"}},null,null,"","znížená",null,{"$f":"O164*H164","v":{"v":0,"d":"0.00000"}},{"v":6.3E-3,"d":"0.00630"},{"$f":"Q164*H164","v":{"v":0.0378,"d":"0.03780"}},{"v":0,"d":"0.00000"},{"$f":"S164*H164","v":{"v":0,"d":"0.00000"}},{"$nulls":23},"4",null,"K","2",{"$nulls":3},"ROZPOCET",{"$nulls":5},{"$f":"IF(N164=\"základná\",J164,0)","v":{"v":0,"d":"0.00"}},{"$f":"IF(N164=\"znížená\",J164,0)","v":{"v":0,"d":"0.00"}},{"$f":"IF(N164=\"zákl. prenesená\",J164,0)","v":{"v":0,"d":"0.00"}},{"$f":"IF(N164=\"zníž. prenesená\",J164,0)","v":{"v":0,"d":"0.00"}},{"$f":"IF(N164=\"nulová\",J164,0)","v":{"v":0,"d":"0.00"}},"2",{"$f":"ROUND(I164*H164,2)","v":{"v":0,"d":"0.00"}},"4","413487561"]
[null,null,"30","M","553510023200","Vzpera, d 38 mm, výška 2 m, výška pletiva 1,6 m, poplastovaná, pre pletivo v rolkách","ks",{"v":6,"d":"6.000"},null,{"$f":"ROUND(I165*H165,2)","v":{"v":0,"d":"0.00"}},null,null,"","znížená",null,{"$f":"O165*H165","v":{"v":0,"d":"0.00000"}},{"v":2.3E-3,"d":"0.00230"},{"$f":"Q165*H165","v":{"v":0.0138,"d":"0.01380"}},{"v":0,"d":"0.00000"},{"$f":"S165*H165","v":{"v":0,"d":"0.00000"}},{"$nulls":23},"8",null,"M","2",{"$nulls":3},"ROZPOCET",{"$nulls":5},{"$f":"IF(N165=\"základná\",J165,0)","v":{"v":0,"d":"0.00"}},{"$f":"IF(N165=\"znížená\",J165,0)","v":{"v":0,"d":"0.00"}},{"$f":"IF(N165=\"zákl. prenesená\",J165,0)","v":{"v":0,"d":"0.00"}},{"$f":"IF(N165=\"zníž. prenesená\",J165,0)","v":{"v":0,"d":"0.00"}},{"$f":"IF(N165=\"nulová\",J165,0)","v":{"v":0,"d":"0.00"}},"2",{"$f":"ROUND(I165*H165,2)","v":{"v":0,"d":"0.00"}},"4","1356737534"]
[{"$nulls":3},"D","4","Vodorovné konštrukcie",{"$nulls":3},{"$f":"BK166","v":{"v":0,"d":"0.00"}},{"$nulls":5},{"$f":"SUM(P167:P169)","v":{"v":0,"d":"0.00000"}},null,{"$f":"SUM(R167:R169)","v":{"v":245.29577039999998,"d":"245.29577"}},null,{"$f":"SUM(T167:T169)","v":{"v":0,"d":"0.00000"}},{"$nulls":23},"1",null,"D","1",{"$nulls":3},"ROZPOCET",{"$nulls":11},{"$f":"SUM(BK167:BK169)","v":{"v":0,"d":"0.00"}}]
[null,null,"31","K","451312211","Podklad pod dlažbu z betónu prostého tr. C 8/10 hr. nad 100 do 150 mm","m2",{"v":237.6,"d":"237.600"},null,{"$f":"ROUND(I167*H167,2)","v":{"v":0,"d":"0.00"}},null,null,"","znížená",null,{"$f":"O167*H167","v":{"v":0,"d":"0.00000"}},0.31894,{"$f":"Q167*H167","v":{"v":75.78014399999999,"d":"75.78014"}},{"v":0,"d":"0.00000"},{"$f":"S167*H167","v":{"v":0,"d":"0.00000"}},{"$nulls":23},"4",null,"K","2",{"$nulls":3},"ROZPOCET",{"$nulls":5},{"$f":"IF(N167=\"základná\",J167,0)","v":{"v":0,"d":"0.00"}},{"$f":"IF(N167=\"znížená\",J167,0)","v":{"v":0,"d":"0.00"}},{"$f":"IF(N167=\"zákl. prenesená\",J167,0)","v":{"v":0,"d":"0.00"}},{"$f":"IF(N167=\"zníž. prenesená\",J167,0)","v":{"v":0,"d":"0.00"}},{"$f":"IF(N167=\"nulová\",J167,0)","v":{"v":0,"d":"0.00"}},"2",{"$f":"ROUND(I167*H167,2)","v":{"v":0,"d":"0.00"}},"4","375287717"]
[null,null,"32","K","451573111","Lôžko pod potrubie, stoky a drobné objekty, v otvorenom výkope z piesku a štrkopiesku do 63 mm","m3",{"v":0.72,"d":"0.720"},null,{"$f":"ROUND(I168*H168,2)","v":{"v":0,"d":"0.00"}},null,null,"","znížená",null,{"$f":"O168*H168","v":{"v":0,"d":"0.00000"}},1.89077,{"$f":"Q168*H168","v":{"v":1.3613544,"d":"1.36135"}},{"v":0,"d":"0.00000"},{"$f":"S168*H168","v":{"v":0,"d":"0.00000"}},{"$nulls":23},"4",null,"K","2",{"$nulls":3},"ROZPOCET",{"$nulls":5},{"$f":"IF(N168=\"základná\",J168,0)","v":{"v":0,"d":"0.00"}},{"$f":"IF(N168=\"znížená\",J168,0)","v":{"v":0,"d":"0.00"}},{"$f":"IF(N168=\"zákl. prenesená\",J168,0)","v":{"v":0,"d":"0.00"}},{"$f":"IF(N168=\"zníž. prenesená\",J168,0)","v":{"v":0,"d":"0.00"}},{"$f":"IF(N168=\"nulová\",J168,0)","v":{"v":0,"d":"0.00"}},"2",{"$f":"ROUND(I168*H168,2)","v":{"v":0,"d":"0.00"}},"4","-1373602149"]
[null,null,"33","K","465513127","Dlažba z lomového kameňa, na cementovú maltu, s vyškárovaním cementovou maltou, hr. kameňa 200 mm","m2",{"v":237.6,"d":"237.600"},null,{"$f":"ROUND(I169*H169,2)","v":{"v":0,"d":"0.00"}},null,null,"","znížená",null,{"$f":"O169*H169","v":{"v":0,"d":"0.00000"}},0.70772,{"$f":"Q169*H169","v":{"v":168.154272,"d":"168.15427"}},{"v":0,"d":"0.00000"},{"$f":"S169*H169","v":{"v":0,"d":"0.00000"}},{"$nulls":23},"4",null,"K","2",{"$nulls":3},"ROZPOCET",{"$nulls":5},{"$f":"IF(N169=\"základná\",J169,0)","v":{"v":0,"d":"0.00"}},{"$f":"IF(N169=\"znížená\",J169,0)","v":{"v":0,"d":"0.00"}},{"$f":"IF(N169=\"zákl. prenesená\",J169,0)","v":{"v":0,"d":"0.00"}},{"$f":"IF(N169=\"zníž. prenesená\",J169,0)","v":{"v":0,"d":"0.00"}},{"$f":"IF(N169=\"nulová\",J169,0)","v":{"v":0,"d":"0.00"}},"2",{"$f":"ROUND(I169*H169,2)","v":{"v":0,"d":"0.00"}},"4","1704541972"]
[{"$nulls":3},"D","5","Komunikácie",{"$nulls":3},{"$f":"BK170","v":{"v":0,"d":"0.00"}},{"$nulls":5},{"$f":"SUM(P171:P177)","v":{"v":0,"d":"0.00000"}},null,{"$f":"SUM(R171:R177)","v":{"v":1400.3971000000001,"d":"1,400.39710"}},null,{"$f":"SUM(T171:T177)","v":{"v":0,"d":"0.00000"}},{"$nulls":23},"1",null,"D","1",{"$nulls":3},"ROZPOCET",{"$nulls":11},{"$f":"SUM(BK171:BK177)","v":{"v":0,"d":"0.00"}}]
[null,null,"34","K","564861111","Podklad zo štrkodrviny s rozprestretím a zhutnením, po zhutnení hr. 200 mm","m2",{"v":1287,"d":"1,287.000"},null,{"$f":"ROUND(I171*H171,2)","v":{"v":0,"d":"0.00"}},null,null,"","znížená",null,{"$f":"O171*H171","v":{"v":0,"d":"0.00000"}},{"v":0.3708,"d":"0.37080"},{"$f":"Q171*H171","v":{"v":477.2196,"d":"477.21960"}},{"v":0,"d":"0.00000"},{"$f":"S171*H171","v":{"v":0,"d":"0.00000"}},{"$nulls":23},"4",null,"K","2",{"$nulls":3},"ROZPOCET",{"$nulls":5},{"$f":"IF(N171=\"základná\",J171,0)","v":{"v":0,"d":"0.00"}},{"$f":"IF(N171=\"znížená\",J171,0)","v":{"v":0,"d":"0.00"}},{"$f":"IF(N171=\"zákl. prenesená\",J171,0)","v":{"v":0,"d":"0.00"}},{"$f":"IF(N171=\"zníž. prenesená\",J171,0)","v":{"v":0,"d":"0.00"}},{"$f":"IF(N171=\"nulová\",J171,0)","v":{"v":0,"d":"0.00"}},"2",{"$f":"ROUND(I171*H171,2)","v":{"v":0,"d":"0.00"}},"4","1269530429"]
[null,null,"35","K","567132113","Podklad z kameniva stmeleného cementom s rozprestretím a zhutnením, CBGM C 8/10 (C 6/8), po zhutnení hr. 180 mm","m2",{"v":1170,"d":"1,170.000"},null,{"v":0,"d":"0.00"},null,null,"","znížená",null,{"v":0,"d":"0.00000"},0.43097,{"v":504.23490000000004,"d":"504.23490"},{"v":0,"d":"0.00000"},{"v":0,"d":"0.00000"},{"$nulls":23},"4",null,"K","2",{"$nulls":3},"ROZPOCET",{"$nulls":5},{"v":0,"d":"0.00"},{"v":0,"d":"0.00"},{"v":0,"d":"0.00"},{"v":0,"d":"0.00"},{"v":0,"d":"0.00"},"2",{"v":0,"d":"0.00"},"4","-947005130"]
[null,null,"36","K","569831111","Spevnenie krajníc alebo komun. pre peších s rozpr. a zhutnením, štrkodrvinou hr. 100 mm","m2",{"v":215,"d":"215.000"},null,{"v":0,"d":"0.00"},null,null,"","znížená",null,{"v":0,"d":"0.00000"},0.18776,{"v":40.3684,"d":"40.36840"},{"v":0,"d":"0.00000"},{"v":0,"d":"0.00000"},{"$nulls":23},"4",null,"K","2",{"$nulls":3},"ROZPOCET",{"$nulls":5},{"v":0,"d":"0.00"},{"v":0,"d":"0.00"},{"v":0,"d":"0.00"},{"v":0,"d":"0.00"},{"v":0,"d":"0.00"},"2",{"v":0,"d":"0.00"},"4","875319630"]
[null,null,"37","K","573111120","Postrek asfaltový infiltračný s posypom kamenivom z asfaltu cestného v množstve 0,80 kg/m2","m2",{"v":1170,"d":"1,170.000"},null,{"v":0,"d":"0.00"},null,null,"","znížená",null,{"v":0,"d":"0.00000"},0.00854,{"v":9.991800000000001,"d":"9.99180"},{"v":0,"d":"0.00000"},{"v":0,"d":"0.00000"},{"$nulls":23},"4",null,"K","2",{"$nulls":3},"ROZPOCET",{"$nulls":5},{"v":0,"d":"0.00"},{"v":0,"d":"0.00"},{"v":0,"d":"0.00"},{"v":0,"d":"0.00"},{"v":0,"d":"0.00"},"2",{"v":0,"d":"0.00"},"4","117036174"]
[null,null,"38","K","573231107","Postrek asfaltový spojovací bez posypu kamenivom z cestnej emulzie v množstve 0,50 kg/m2","m2",{"v":1200,"d":"1,200.000"},null,{"v":0,"d":"0.00"},null,null,"","znížená",null,{"v":0,"d":"0.00000"},0.00051,{"v":0.6120000000000001,"d":"0.61200"},{"v":0,"d":"0.00000"},{"v":0,"d":"0.00000"},{"$nulls":23},"4",null,"K","2",{"$nulls":3},"ROZPOCET",{"$nulls":5},{"v":0,"d":"0.00"},{"v":0,"d":"0.00"},{"v":0,"d":"0.00"},{"v":0,"d":"0.00"},{"v":0,"d":"0.00"},"2",{"v":0,"d":"0.00"},"4","600703961"]
[null,null,"39","K","577144221","Asfaltový betón vrstva obrusná AC 11 O v pruhu š. nad 3 m z nemodifik. asfaltu tr. I, po zhutnení hr. 50 mm","m2",{"v":1200,"d":"1,200.000"},null,{"v":0,"d":"0.00"},null,null,"","znížená",null,{"v":0,"d":"0.00000"},0.12966,{"v":155.59199999999998,"d":"155.59200"},{"v":0,"d":"0.00000"},{"v":0,"d":"0.00000"},{"$nulls":23},"4",null,"K","2",{"$nulls":3},"ROZPOCET",{"$nulls":5},{"v":0,"d":"0.00"},{"v":0,"d":"0.00"},{"v":0,"d":"0.00"},{"v":0,"d":"0.00"},{"v":0,"d":"0.00"},"2",{"v":0,"d":"0.00"},"4","-639284764"]
[null,null,"40","K","577164421","Asfaltový betón vrstva ložná AC 22 L v pruhu š. nad 3 m z nemodifik. asfaltu tr. I, po zhutnení hr. 70 mm","m2",{"v":1170,"d":"1,170.000"},null,{"v":0,"d":"0.00"},null,null,"","znížená",null,{"v":0,"d":"0.00000"},0.18152,{"v":212.37839999999997,"d":"212.37840"},{"v":0,"d":"0.00000"},{"v":0,"d":"0.00000"},{"$nulls":23},"4",null,"K","2",{"$nulls":3},"ROZPOCET",{"$nulls":5},{"v":0,"d":"0.00"},{"v":0,"d":"0.00"},{"v":0,"d":"0.00"},{"v":0,"d":"0.00"},{"v":0,"d":"0.00"},"2",{"v":0,"d":"0.00"},"4","-1564638857"]
[{"$nulls":3},"D","8","Rúrové vedenie",{"$nulls":3},{"$f":"BK178","v":{"v":0,"d":"0.00"}},{"$nulls":5},{"$f":"SUM(P179:P182)","v":{"v":0,"d":"0.00000"}},null,{"$f":"SUM(R179:R182)","v":{"v":0.0462894,"d":"0.04629"}},null,{"$f":"SUM(T179:T182)","v":{"v":0,"d":"0.00000"}},{"$nulls":23},"1",null,"D","1",{"$nulls":3},"ROZPOCET",{"$nulls":11},{"$f":"SUM(BK179:BK182)","v":{"v":0,"d":"0.00"}}]
[null,null,"41","K","871356028","Montáž kanalizačného PVC-U potrubia hladkého plnostenného DN 200","m",{"v":9,"d":"9.000"},null,{"$f":"ROUND(I179*H179,2)","v":{"v":0,"d":"0.00"}},null,null,"","znížená",null,{"$f":"O179*H179","v":{"v":0,"d":"0.00000"}},{"v":1e-05,"d":"0.00001"},{"$f":"Q179*H179","v":{"v":9e-05,"d":"0.00009"}},{"v":0,"d":"0.00000"},{"$f":"S179*H179","v":{"v":0,"d":"0.00000"}},{"$nulls":23},"4",null,"K","2",{"$nulls":3},"ROZPOCET",{"$nulls":5},{"$f":"IF(N179=\"základná\",J179,0)","v":{"v":0,"d":"0.00"}},{"$f":"IF(N179=\"znížená\",J179,0)","v":{"v":0,"d":"0.00"}},{"$f":"IF(N179=\"zákl. prenesená\",J179,0)","v":{"v":0,"d":"0.00"}},{"$f":"IF(N179=\"zníž. prenesená\",J179,0)","v":{"v":0,"d":"0.00"}},{"$f":"IF(N179=\"nulová\",J179,0)","v":{"v":0,"d":"0.00"}},"2",{"$f":"ROUND(I179*H179,2)","v":{"v":0,"d":"0.00"}},"4","2094106111"]
[null,null,"42","M","286110012500","Rúra kanalizačná PVC-U hrdlová hladká D 200x4,5 mm, dĺ. 1 m","ks",{"v":9.18,"d":"9.180"},null,{"$f":"ROUND(I180*H180,2)","v":{"v":0,"d":"0.00"}},null,null,"","znížená",null,{"$f":"O180*H180","v":{"v":0,"d":"0.00000"}},0.00483,{"$f":"Q180*H180","v":{"v":0.0443394,"d":"0.04434"}},{"v":0,"d":"0.00000"},{"$f":"S180*H180","v":{"v":0,"d":"0.00000"}},{"$nulls":23},"8",null,"M","2",{"$nulls":3},"ROZPOCET",{"$nulls":5},{"$f":"IF(N180=\"základná\",J180,0)","v":{"v":0,"d":"0.00"}},{"$f":"IF(N180=\"znížená\",J180,0)","v":{"v":0,"d":"0.00"}},{"$f":"IF(N180=\"zákl. prenesená\",J180,0)","v":{"v":0,"d":"0.00"}},{"$f":"IF(N180=\"zníž. prenesená\",J180,0)","v":{"v":0,"d":"0.00"}},{"$f":"IF(N180=\"nulová\",J180,0)","v":{"v":0,"d":"0.00"}},"2",{"$f":"ROUND(I180*H180,2)","v":{"v":0,"d":"0.00"}},"4","140406091"]
[null,null,"43","K","877356006","Montáž kanalizačného PVC-U kolena DN 200","ks",{"v":1,"d":"1.000"},null,{"$f":"ROUND(I181*H181,2)","v":{"v":0,"d":"0.00"}},null,null,"","znížená",null,{"$f":"O181*H181","v":{"v":0,"d":"0.00000"}},{"v":7e-05,"d":"0.00007"},{"$f":"Q181*H181","v":{"v":7e-05,"d":"0.00007"}},{"v":0,"d":"0.00000"},{"$f":"S181*H181","v":{"v":0,"d":"0.00000"}},{"$nulls":23},"4",null,"K","2",{"$nulls":3},"ROZPOCET",{"$nulls":5},{"$f":"IF(N181=\"základná\",J181,0)","v":{"v":0,"d":"0.00"}},{"$f":"IF(N181=\"znížená\",J181,0)","v":{"v":0,"d":"0.00"}},{"$f":"IF(N181=\"zákl. prenesená\",J181,0)","v":{"v":0,"d":"0.00"}},{"$f":"IF(N181=\"zníž. prenesená\",J181,0)","v":{"v":0,"d":"0.00"}},{"$f":"IF(N181=\"nulová\",J181,0)","v":{"v":0,"d":"0.00"}},"2",{"$f":"ROUND(I181*H181,2)","v":{"v":0,"d":"0.00"}},"4","161944211"]
[null,null,"44","M","286510005100","Koleno PVC-U, DN 200x87° hladká pre kanalizáciu ","ks",{"v":1,"d":"1.000"},null,{"$f":"ROUND(I182*H182,2)","v":{"v":0,"d":"0.00"}},null,null,"","znížená",null,{"$f":"O182*H182","v":{"v":0,"d":"0.00000"}},0.00179,{"$f":"Q182*H182","v":0.00179},{"v":0,"d":"0.00000"},{"$f":"S182*H182","v":{"v":0,"d":"0.00000"}},{"$nulls":23},"8",null,"M","2",{"$nulls":3},"ROZPOCET",{"$nulls":5},{"$f":"IF(N182=\"základná\",J182,0)","v":{"v":0,"d":"0.00"}},{"$f":"IF(N182=\"znížená\",J182,0)","v":{"v":0,"d":"0.00"}},{"$f":"IF(N182=\"zákl. prenesená\",J182,0)","v":{"v":0,"d":"0.00"}},{"$f":"IF(N182=\"zníž. prenesená\",J182,0)","v":{"v":0,"d":"0.00"}},{"$f":"IF(N182=\"nulová\",J182,0)","v":{"v":0,"d":"0.00"}},"2",{"$f":"ROUND(I182*H182,2)","v":{"v":0,"d":"0.00"}},"4","2033259155"]
[{"$nulls":3},"D","9","Ostatné konštrukcie a práce-búranie",{"$nulls":3},{"$f":"BK183","v":{"v":0,"d":"0.00"}},{"$nulls":5},{"$f":"SUM(P184:P206)","v":{"v":0,"d":"0.00000"}},null,{"$f":"SUM(R184:R206)","v":194.76128},null,{"$f":"SUM(T184:T206)","v":{"v":6.867,"d":"6.86700"}},{"$nulls":23},"1",null,"D","1",{"$nulls":3},"ROZPOCET",{"$nulls":11},{"$f":"SUM(BK184:BK206)","v":{"v":0,"d":"0.00"}}]
[null,null,"45","K","914001102","Dočasné dopravné značenie-montáž, prenájom, demontáž ","kpl",{"v":1,"d":"1.000"},null,{"$f":"ROUND(I184*H184,2)","v":{"v":0,"d":"0.00"}},null,null,"","znížená",null,{"$f":"O184*H184","v":{"v":0,"d":"0.00000"}},0.22133,{"$f":"Q184*H184","v":0.22133},{"v":0,"d":"0.00000"},{"$f":"S184*H184","v":{"v":0,"d":"0.00000"}},{"$nulls":23},"4",null,"K","2",{"$nulls":3},"ROZPOCET",{"$nulls":5},{"$f":"IF(N184=\"základná\",J184,0)","v":{"v":0,"d":"0.00"}},{"$f":"IF(N184=\"znížená\",J184,0)","v":{"v":0,"d":"0.00"}},{"$f":"IF(N184=\"zákl. prenesená\",J184,0)","v":{"v":0,"d":"0.00"}},{"$f":"IF(N184=\"zníž. prenesená\",J184,0)","v":{"v":0,"d":"0.00"}},{"$f":"IF(N184=\"nulová\",J184,0)","v":{"v":0,"d":"0.00"}},"2",{"$f":"ROUND(I184*H184,2)","v":{"v":0,"d":"0.00"}},"4","-1945371614"]
[null,null,"46","K","919411121","Čelo priepustu z betónu prostého z rúr DN 600 až DN 800 mm","ks",{"v":2,"d":"2.000"},null,{"v":0,"d":"0.00"},null,null,"","znížená",null,{"v":0,"d":"0.00000"},14.55747,29.11494,{"v":0,"d":"0.00000"},{"v":0,"d":"0.00000"},{"$nulls":23},"4",null,"K","2",{"$nulls":3},"ROZPOCET",{"$nulls":5},{"v":0,"d":"0.00"},{"v":0,"d":"0.00"},{"v":0,"d":"0.00"},{"v":0,"d":"0.00"},{"v":0,"d":"0.00"},"2",{"v":0,"d":"0.00"},"4","1055021857"]
[null,null,"47","K","919514112","Zhotovenie priepustu z rúr železobetónových DN 600","m",{"v":10,"d":"10.000"},null,{"v":0,"d":"0.00"},null,null,"","znížená",null,{"v":0,"d":"0.00000"},0.90209,{"v":9.0209,"d":"9.02090"},{"v":0,"d":"0.00000"},{"v":0,"d":"0.00000"},{"$nulls":23},"4",null,"K","2",{"$nulls":3},"ROZPOCET",{"$nulls":5},{"v":0,"d":"0.00"},{"v":0,"d":"0.00"},{"v":0,"d":"0.00"},{"v":0,"d":"0.00"},{"v":0,"d":"0.00"},"2",{"v":0,"d":"0.00"},"4","-2129481127"]
[null,null,"48","M","592210000800","Rúra železobetónová pre dažďové odpadné vody TZP 4-60, DN 600, dĺ. 1000 mm, zosilená","ks",{"v":10.1,"d":"10.100"},null,{"v":0,"d":"0.00"},null,null,"","znížená",null,{"v":0,"d":"0.00000"},{"v":0.47,"d":"0.47000"},{"v":4.747,"d":"4.74700"},{"v":0,"d":"0.00000"},{"v":0,"d":"0.00000"},{"$nulls":23},"8",null,"M","2",{"$nulls":3},"ROZPOCET",{"$nulls":5},{"v":0,"d":"0.00"},{"v":0,"d":"0.00"},{"v":0,"d":"0.00"},{"v":0,"d":"0.00"},{"v":0,"d":"0.00"},"2",{"v":0,"d":"0.00"},"4","670330018"]
[null,null,"49","K","919723210","Pružná asfaltová zalievka","m",{"v":110,"d":"110.000"},null,{"v":0,"d":"0.00"},null,null,"","znížená",null,{"v":0,"d":"0.00000"},{"v":2e-05,"d":"0.00002"},{"v":0.0022,"d":"0.00220"},{"v":0,"d":"0.00000"},{"v":0,"d":"0.00000"},{"$nulls":23},"4",null,"K","2",{"$nulls":3},"ROZPOCET",{"$nulls":5},{"v":0,"d":"0.00"},{"v":0,"d":"0.00"},{"v":0,"d":"0.00"},{"v":0,"d":"0.00"},{"v":0,"d":"0.00"},"2",{"v":0,"d":"0.00"},"4","-1706290830"]
[null,null,"50","K","916362112","Osadenie cestného obrubníka betónového stojatého do lôžka z betónu prostého tr. C 16/20 s bočnou oporou","m",{"v":430,"d":"430.000"},null,{"v":0,"d":"0.00"},null,null,"","znížená",null,{"v":0,"d":"0.00000"},0.15113,{"v":64.9859,"d":"64.98590"},{"v":0,"d":"0.00000"},{"v":0,"d":"0.00000"},{"$nulls":23},"4",null,"K","2",{"$nulls":3},"ROZPOCET",{"$nulls":5},{"v":0,"d":"0.00"},{"v":0,"d":"0.00"},{"v":0,"d":"0.00"},{"v":0,"d":"0.00"},{"v":0,"d":"0.00"},"2",{"v":0,"d":"0.00"},"4","-188433051"]
[null,null,"51","M","592170000900","Obrubník cestný bez skosenia rovný, lxšxv 1000x150x260 mm","ks",{"v":434.3,"d":"434.300"},null,{"v":0,"d":"0.00"},null,null,"","znížená",null,{"v":0,"d":"0.00000"},{"v":0.09,"d":"0.09000"},{"v":39.086999999999996,"d":"39.08700"},{"v":0,"d":"0.00000"},{"v":0,"d":"0.00000"},{"$nulls":23},"8",null,"M","2",{"$nulls":3},"ROZPOCET",{"$nulls":5},{"v":0,"d":"0.00"},{"v":0,"d":"0.00"},{"v":0,"d":"0.00"},{"v":0,"d":"0.00"},{"v":0,"d":"0.00"},"2",{"v":0,"d":"0.00"},"4","734158977"]
[null,null,"52","K","919735112","Rezanie existujúceho asfaltového krytu alebo podkladu hĺbky nad 50 do 100 mm","m",{"v":110,"d":"110.000"},null,{"v":0,"d":"0.00"},null,null,"","znížená",null,{"v":0,"d":"0.00000"},{"v":0,"d":"0.00000"},{"v":0,"d":"0.00000"},{"v":0,"d":"0.00000"},{"v":0,"d":"0.00000"},{"$nulls":23},"4",null,"K","2",{"$nulls":3},"ROZPOCET",{"$nulls":5},{"v":0,"d":"0.00"},{"v":0,"d":"0.00"},{"v":0,"d":"0.00"},{"v":0,"d":"0.00"},{"v":0,"d":"0.00"},"2",{"v":0,"d":"0.00"},"4","686580014"]
[null,null,"53","K","935114494","Osadenie vpustu pre odvodňovací betónový žľab univerzálny s ochrannou hranou vnútornej šírky 300 mm","ks",{"v":1,"d":"1.000"},null,{"v":0,"d":"0.00"},null,null,"","znížená",null,{"v":0,"d":"0.00000"},0.20997,0.20997,{"v":0,"d":"0.00000"},{"v":0,"d":"0.00000"},{"$nulls":23},"4",null,"K","2",{"$nulls":3},"ROZPOCET",{"$nulls":5},{"v":0,"d":"0.00"},{"v":0,"d":"0.00"},{"v":0,"d":"0.00"},{"v":0,"d":"0.00"},{"v":0,"d":"0.00"},"2",{"v":0,"d":"0.00"},"4","1221224213"]
[null,null,"54","M","4050","Univerzálna odtoková vpusť, dvojdielna, bez krytu, dxšxv=510x390x850 mm","ks",{"v":1,"d":"1.000"},null,{"v":0,"d":"0.00"},null,null,"","znížená",null,{"v":0,"d":"0.00000"},{"v":0.1835,"d":"0.18350"},{"v":0.1835,"d":"0.18350"},{"v":0,"d":"0.00000"},{"v":0,"d":"0.00000"},{"$nulls":23},"8",null,"M","2",{"$nulls":3},"ROZPOCET",{"$nulls":5},{"v":0,"d":"0.00"},{"v":0,"d":"0.00"},{"v":0,"d":"0.00"},{"v":0,"d":"0.00"},{"v":0,"d":"0.00"},"2",{"v":0,"d":"0.00"},"4","948004504"]
[null,null,"55","M","4054","Medzikus pre nastavenie výšky odtokovej vpuste, dxšxv=510x390x400 mm","ks",{"v":1,"d":"1.000"},null,{"v":0,"d":"0.00"},null,null,"","znížená",null,{"v":0,"d":"0.00000"},{"v":0.082,"d":"0.08200"},{"v":0.082,"d":"0.08200"},{"v":0,"d":"0.00000"},{"v":0,"d":"0.00000"},{"$nulls":23},"8",null,"M","2",{"$nulls":3},"ROZPOCET",{"$nulls":5},{"v":0,"d":"0.00"},{"v":0,"d":"0.00"},{"v":0,"d":"0.00"},{"v":0,"d":"0.00"},{"v":0,"d":"0.00"},"2",{"v":0,"d":"0.00"},"4","-554366064"]
[null,null,"56","M","4263","FASERFIX SUPER 300, liatinový kryt, štrbiny 2x136/18  tr. D400, dxšxv=500x377x40 mm, alebo alternatíva","ks",{"v":1,"d":"1.000"},null,{"v":0,"d":"0.00"},null,null,"","znížená",null,{"v":0,"d":"0.00000"},{"v":0.0215,"d":"0.02150"},{"v":0.0215,"d":"0.02150"},{"v":0,"d":"0.00000"},{"v":0,"d":"0.00000"},{"$nulls":23},"8",null,"M","2",{"$nulls":3},"ROZPOCET",{"$nulls":5},{"v":0,"d":"0.00"},{"v":0,"d":"0.00"},{"v":0,"d":"0.00"},{"v":0,"d":"0.00"},{"v":0,"d":"0.00"},"2",{"v":0,"d":"0.00"},"4","1514110792"]
[null,null,"57","M","99938","FASERFIX SUPER 100, skrutka so 6-hranou hlavou s ozubenou prírubou, Verbus Ripp M10, alebo alternatíva","ks",{"v":4,"d":"4.000"},null,{"v":0,"d":"0.00"},null,null,"","znížená",null,{"v":0,"d":"0.00000"},{"v":4e-05,"d":"0.00004"},0.00016,{"v":0,"d":"0.00000"},{"v":0,"d":"0.00000"},{"$nulls":23},"8",null,"M","2",{"$nulls":3},"ROZPOCET",{"$nulls":5},{"v":0,"d":"0.00"},{"v":0,"d":"0.00"},{"v":0,"d":"0.00"},{"v":0,"d":"0.00"},{"v":0,"d":"0.00"},"2",{"v":0,"d":"0.00"},"4","-697092052"]
[null,null,"58","K","935114514","Osadenie odvodňovacieho betónového žľabu štandardného vnútornej šírky 100 mm a s liatinovým krytom, triedy D 400","m",{"v":138,"d":"138.000"},null,{"v":0,"d":"0.00"},null,null,"","znížená",null,{"v":0,"d":"0.00000"},0.29482,40.68516,{"v":0,"d":"0.00000"},{"v":0,"d":"0.00000"},{"$nulls":23},"4",null,"K","2",{"$nulls":3},"ROZPOCET",{"$nulls":5},{"v":0,"d":"0.00"},{"v":0,"d":"0.00"},{"v":0,"d":"0.00"},{"v":0,"d":"0.00"},{"v":0,"d":"0.00"},"2",{"v":0,"d":"0.00"},"4","-430199724"]
[null,null,"59","M","48777","RECYFIX NC 100, žľab typ 020 s liat.krytom, čiernym, štrbiny 10 mm, aretácia 8 skrutkami, tr. D 400, dxšxv=1000x160x250 mm, alebo alternatíva","ks",{"v":138,"d":"138.000"},null,{"v":0,"d":"0.00"},null,null,"","znížená",null,{"v":0,"d":"0.00000"},0.01236,{"v":1.7056799999999999,"d":"1.70568"},{"v":0,"d":"0.00000"},{"v":0,"d":"0.00000"},{"$nulls":23},"8",null,"M","2",{"$nulls":3},"ROZPOCET",{"$nulls":5},{"v":0,"d":"0.00"},{"v":0,"d":"0.00"},{"v":0,"d":"0.00"},{"v":0,"d":"0.00"},{"v":0,"d":"0.00"},"2",{"v":0,"d":"0.00"},"4","926691392"]
[null,null,"60","M","48683","RECYFIX NC 100, čelná stena, plná, z kompozitu, typ 020, dxšxv=0x160x250 mm, alebo alternatíva","ks",{"v":1,"d":"1.000"},null,{"v":0,"d":"0.00"},null,null,"","znížená",null,{"v":0,"d":"0.00000"},{"v":1.2E-4,"d":"0.00012"},{"v":1.2E-4,"d":"0.00012"},{"v":0,"d":"0.00000"},{"v":0,"d":"0.00000"},{"$nulls":23},"8",null,"M","2",{"$nulls":3},"ROZPOCET",{"$nulls":5},{"v":0,"d":"0.00"},{"v":0,"d":"0.00"},{"v":0,"d":"0.00"},{"v":0,"d":"0.00"},{"v":0,"d":"0.00"},"2",{"v":0,"d":"0.00"},"4","-993303157"]
[null,null,"61","K","935114634","Osadenie odvodňovacieho betónového žľabu pre vysoké zaťaženie,   vnútornej šírky 200 mm, triedy D 400","m",{"v":12,"d":"12.000"},null,{"v":0,"d":"0.00"},null,null,"","znížená",null,{"v":0,"d":"0.00000"},0.37491,4.49892,{"v":0,"d":"0.00000"},{"v":0,"d":"0.00000"},{"$nulls":23},"4",null,"K","2",{"$nulls":3},"ROZPOCET",{"$nulls":5},{"v":0,"d":"0.00"},{"v":0,"d":"0.00"},{"v":0,"d":"0.00"},{"v":0,"d":"0.00"},{"v":0,"d":"0.00"},"2",{"v":0,"d":"0.00"},"4","1814686000"]
[null,null,"62","M","36215","RECYFIX MONOTEC 200, žľab typ 450, tr. D 400, dxšxv=1000x250x450 mm, alebo alternatíva","ks",{"v":12,"d":"12.000"},null,{"v":0,"d":"0.00"},null,null,"","znížená",null,{"v":0,"d":"0.00000"},0.01625,{"v":0.195,"d":"0.19500"},{"v":0,"d":"0.00000"},{"v":0,"d":"0.00000"},{"$nulls":23},"8",null,"M","2",{"$nulls":3},"ROZPOCET",{"$nulls":5},{"v":0,"d":"0.00"},{"v":0,"d":"0.00"},{"v":0,"d":"0.00"},{"v":0,"d":"0.00"},{"v":0,"d":"0.00"},"2",{"v":0,"d":"0.00"},"4","476419706"]
[null,null,"63","K","966008111","Búranie rúrového priepustu, z rúr DN do 300 mm,  -0,75300t","m",{"v":9,"d":"9.000"},null,{"v":0,"d":"0.00"},null,null,"","znížená",null,{"v":0,"d":"0.00000"},{"v":0,"d":"0.00000"},{"v":0,"d":"0.00000"},{"v":0.753,"d":"0.75300"},{"v":6.777,"d":"6.77700"},{"$nulls":23},"4",null,"K","2",{"$nulls":3},"ROZPOCET",{"$nulls":5},{"v":0,"d":"0.00"},{"v":0,"d":"0.00"},{"v":0,"d":"0.00"},{"v":0,"d":"0.00"},{"v":0,"d":"0.00"},"2",{"v":0,"d":"0.00"},"4","1036599722"]
[null,null,"64","K","966067112","Rozobratie plotov výšky do 250 cm, z drôteného pletiva alebo z plechu,  -0,01000t","m",{"v":9,"d":"9.000"},null,{"v":0,"d":"0.00"},null,null,"","znížená",null,{"v":0,"d":"0.00000"},{"v":0,"d":"0.00000"},{"v":0,"d":"0.00000"},{"v":0.01,"d":"0.01000"},{"v":0.09,"d":"0.09000"},{"$nulls":23},"4",null,"K","2",{"$nulls":3},"ROZPOCET",{"$nulls":5},{"v":0,"d":"0.00"},{"v":0,"d":"0.00"},{"v":0,"d":"0.00"},{"v":0,"d":"0.00"},{"v":0,"d":"0.00"},"2",{"v":0,"d":"0.00"},"4","488809081"]
[null,null,"65","K","979082213","Vodorovná doprava sutiny so zložením a hrubým urovnaním na vzdialenosť do 1 km","t",245.437,null,{"v":0,"d":"0.00"},null,null,"","znížená",null,{"v":0,"d":"0.00000"},{"v":0,"d":"0.00000"},{"v":0,"d":"0.00000"},{"v":0,"d":"0.00000"},{"v":0,"d":"0.00000"},{"$nulls":23},"4",null,"K","2",{"$nulls":3},"ROZPOCET",{"$nulls":5},{"v":0,"d":"0.00"},{"v":0,"d":"0.00"},{"v":0,"d":"0.00"},{"v":0,"d":"0.00"},{"v":0,"d":"0.00"},"2",{"v":0,"d":"0.00"},"4","1900962951"]
[null,null,"66","K","979082219","Príplatok k cene za každý ďalší aj začatý 1 km nad 1 km","t",490.874,null,{"v":0,"d":"0.00"},null,null,"","znížená",null,{"v":0,"d":"0.00000"},{"v":0,"d":"0.00000"},{"v":0,"d":"0.00000"},{"v":0,"d":"0.00000"},{"v":0,"d":"0.00000"},{"$nulls":23},"4",null,"K","2",{"$nulls":3},"ROZPOCET",{"$nulls":5},{"v":0,"d":"0.00"},{"v":0,"d":"0.00"},{"v":0,"d":"0.00"},{"v":0,"d":"0.00"},{"v":0,"d":"0.00"},"2",{"v":0,"d":"0.00"},"4","-115828832"]
[null,null,"67","K","979093513","Drvenie stavebného odpadu z demolácií (bez kov. mat.) z muriva z betónu železového","t",100.729,null,{"v":0,"d":"0.00"},null,null,"","znížená",null,{"v":0,"d":"0.00000"},{"v":0,"d":"0.00000"},{"v":0,"d":"0.00000"},{"v":0,"d":"0.00000"},{"v":0,"d":"0.00000"},{"$nulls":23},"4",null,"K","2",{"$nulls":3},"ROZPOCET",{"$nulls":5},{"v":0,"d":"0.00"},{"v":0,"d":"0.00"},{"v":0,"d":"0.00"},{"v":0,"d":"0.00"},{"v":0,"d":"0.00"},"2",{"v":0,"d":"0.00"},"4","1489173689"]
[{"$nulls":3},"D","99","Presun hmôt HSV",{"$nulls":3},{"$f":"BK207","v":{"v":0,"d":"0.00"}},{"$nulls":5},{"$f":"P208","v":{"v":0,"d":"0.00000"}},null,{"$f":"R208","v":{"v":0,"d":"0.00000"}},null,{"$f":"T208","v":{"v":0,"d":"0.00000"}},{"$nulls":23},"1",null,"D","1",{"$nulls":3},"ROZPOCET",{"$nulls":11},{"$f":"BK208","v":{"v":0,"d":"0.00"}}]
[null,null,"68","K","998225111","Presun hmôt pre pozemnú komunikáciu a letisko s krytom asfaltovým akejkoľvek dĺžky objektu","t",{"v":1942.679,"d":"1,942.679"},null,{"$f":"ROUND(I208*H208,2)","v":{"v":0,"d":"0.00"}},null,null,"","znížená",null,{"$f":"O208*H208","v":{"v":0,"d":"0.00000"}},{"v":0,"d":"0.00000"},{"$f":"Q208*H208","v":{"v":0,"d":"0.00000"}},{"v":0,"d":"0.00000"},{"$f":"S208*H208","v":{"v":0,"d":"0.00000"}},{"$nulls":23},"4",null,"K","2",{"$nulls":3},"ROZPOCET",{"$nulls":5},{"$f":"IF(N208=\"základná\",J208,0)","v":{"v":0,"d":"0.00"}},{"$f":"IF(N208=\"znížená\",J208,0)","v":{"v":0,"d":"0.00"}},{"$f":"IF(N208=\"zákl. prenesená\",J208,0)","v":{"v":0,"d":"0.00"}},{"$f":"IF(N208=\"zníž. prenesená\",J208,0)","v":{"v":0,"d":"0.00"}},{"$f":"IF(N208=\"nulová\",J208,0)","v":{"v":0,"d":"0.00"}},"2",{"$f":"ROUND(I208*H208,2)","v":{"v":0,"d":"0.00"}},"4","1996253127"]
[{"$nulls":3},"D","PSV","Práce a dodávky PSV",{"$nulls":3},{"$f":"BK209","v":{"v":0,"d":"0.00"}},{"$nulls":5},{"$f":"P210","v":{"v":0,"d":"0.00000"}},null,{"$f":"R210","v":{"v":0.04529999999999999,"d":"0.04530"}},null,{"$f":"T210","v":{"v":0.4,"d":"0.40000"}},{"$nulls":23},"2",null,"D","0",{"$nulls":3},"ROZPOCET",{"$nulls":11},{"$f":"BK210","v":{"v":0,"d":"0.00"}}]
[{"$nulls":3},"D","767","Konštrukcie doplnkové kovové",{"$nulls":3},{"$f":"BK210","v":{"v":0,"d":"0.00"}},{"$nulls":5},{"$f":"SUM(P211:P217)","v":{"v":0,"d":"0.00000"}},null,{"$f":"SUM(R211:R217)","v":{"v":0.04529999999999999,"d":"0.04530"}},null,{"$f":"SUM(T211:T217)","v":{"v":0.4,"d":"0.40000"}},{"$nulls":23},"2",null,"D","1",{"$nulls":3},"ROZPOCET",{"$nulls":11},{"$f":"SUM(BK211:BK217)","v":{"v":0,"d":"0.00"}}]
[null,null,"69","K","767911120","Montáž oplotenia strojového pletiva, s výškou do 1,6 m","m",{"v":9,"d":"9.000"},null,{"$f":"ROUND(I211*H211,2)","v":{"v":0,"d":"0.00"}},null,null,"","znížená",null,{"$f":"O211*H211","v":{"v":0,"d":"0.00000"}},{"v":0,"d":"0.00000"},{"$f":"Q211*H211","v":{"v":0,"d":"0.00000"}},{"v":0,"d":"0.00000"},{"$f":"S211*H211","v":{"v":0,"d":"0.00000"}},{"$nulls":23},"16",null,"K","2",{"$nulls":3},"ROZPOCET",{"$nulls":5},{"$f":"IF(N211=\"základná\",J211,0)","v":{"v":0,"d":"0.00"}},{"$f":"IF(N211=\"znížená\",J211,0)","v":{"v":0,"d":"0.00"}},{"$f":"IF(N211=\"zákl. prenesená\",J211,0)","v":{"v":0,"d":"0.00"}},{"$f":"IF(N211=\"zníž. prenesená\",J211,0)","v":{"v":0,"d":"0.00"}},{"$f":"IF(N211=\"nulová\",J211,0)","v":{"v":0,"d":"0.00"}},"2",{"$f":"ROUND(I211*H211,2)","v":{"v":0,"d":"0.00"}},"16","-1887591978"]
[null,null,"70","M","313290002700","Pletivo pozinkované pletené štvorhranné, oko 60 mm, drôt d 2 mm, vxl 1,6x25 m, bez napínacieho drôtu","ks",{"v":1,"d":"1.000"},null,{"v":0,"d":"0.00"},null,null,"","znížená",null,{"v":0,"d":"0.00000"},{"v":0.0387,"d":"0.03870"},{"v":0.0387,"d":"0.03870"},{"v":0,"d":"0.00000"},{"v":0,"d":"0.00000"},{"$nulls":23},"32",null,"M","2",{"$nulls":3},"ROZPOCET",{"$nulls":5},{"v":0,"d":"0.00"},{"v":0,"d":"0.00"},{"v":0,"d":"0.00"},{"v":0,"d":"0.00"},{"v":0,"d":"0.00"},"2",{"v":0,"d":"0.00"},"16","1595394028"]
[null,null,"71","M","553510009200","Napinák PVC (biely, zelený)  pre napínanie pletiva s napínacím drôtom","ks",{"v":12,"d":"12.000"},null,{"v":0,"d":"0.00"},null,null,"","znížená",null,{"v":0,"d":"0.00000"},{"v":1E-4,"d":"0.00010"},{"v":1.2000000000000001E-3,"d":"0.00120"},{"v":0,"d":"0.00000"},{"v":0,"d":"0.00000"},{"$nulls":23},"32",null,"M","2",{"$nulls":3},"ROZPOCET",{"$nulls":5},{"v":0,"d":"0.00"},{"v":0,"d":"0.00"},{"v":0,"d":"0.00"},{"v":0,"d":"0.00"},{"v":0,"d":"0.00"},"2",{"v":0,"d":"0.00"},"16","2066396510"]
[null,null,"72","M","5535855250","Napínacia tyčka 0,85 m","ks",{"v":2,"d":"2.000"},null,{"v":0,"d":"0.00"},null,null,"","znížená",null,{"v":0,"d":"0.00000"},{"v":2E-3,"d":"0.00200"},{"v":0.004,"d":"0.00400"},{"v":0,"d":"0.00000"},{"v":0,"d":"0.00000"},{"$nulls":23},"32",null,"M","2",{"$nulls":3},"ROZPOCET",{"$nulls":5},{"v":0,"d":"0.00"},{"v":0,"d":"0.00"},{"v":0,"d":"0.00"},{"v":0,"d":"0.00"},{"v":0,"d":"0.00"},"2",{"v":0,"d":"0.00"},"16","-142617004"]
[null,null,"73","M","156150000100","Drôt napínací poplastovaný D 2,2/50 m","ks",{"v":1,"d":"1.000"},null,{"v":0,"d":"0.00"},null,null,"","znížená",null,{"v":0,"d":"0.00000"},{"v":1E-3,"d":"0.00100"},{"v":1E-3,"d":"0.00100"},{"v":0,"d":"0.00000"},{"v":0,"d":"0.00000"},{"$nulls":23},"32",null,"M","2",{"$nulls":3},"ROZPOCET",{"$nulls":5},{"v":0,"d":"0.00"},{"v":0,"d":"0.00"},{"v":0,"d":"0.00"},{"v":0,"d":"0.00"},{"v":0,"d":"0.00"},"2",{"v":0,"d":"0.00"},"16","-88479664"]
[null,null,"74","M","156150001900","Drôt viazací PVC (biely,zelený) 1,5/50 m","ks",{"v":1,"d":"1.000"},null,{"v":0,"d":"0.00"},null,null,"","znížená",null,{"v":0,"d":"0.00000"},{"v":0.0004,"d":"0.00040"},{"v":0.0004,"d":"0.00040"},{"v":0,"d":"0.00000"},{"v":0,"d":"0.00000"},{"$nulls":23},"32",null,"M","2",{"$nulls":3},"ROZPOCET",{"$nulls":5},{"v":0,"d":"0.00"},{"v":0,"d":"0.00"},{"v":0,"d":"0.00"},{"v":0,"d":"0.00"},{"v":0,"d":"0.00"},"2",{"v":0,"d":"0.00"},"16","104195802"]
[null,null,"75","K","76792080r","Preloženie vstupnej brány","ks",{"v":1,"d":"1.000"},null,{"v":0,"d":"0.00"},null,null,"","znížená",null,{"v":0,"d":"0.00000"},{"v":0,"d":"0.00000"},{"v":0,"d":"0.00000"},{"v":0.4,"d":"0.40000"},{"v":0.4,"d":"0.40000"},{"$nulls":23},"16",null,"K","2",{"$nulls":3},"ROZPOCET",{"$nulls":5},{"v":0,"d":"0.00"},{"v":0,"d":"0.00"},{"v":0,"d":"0.00"},{"v":0,"d":"0.00"},{"v":0,"d":"0.00"},"2",{"v":0,"d":"0.00"},"16","1292363436"]

{"sheet":"02 - Chodník","index":2,"n_rows":157,"n_cols":65,"rows_kept":157,"merged":[[1,11,1,21],[6,4,6,7],[8,4,8,7],[10,4,10,7],[19,4,19,7],[28,4,28,7],[84,4,84,7],[86,4,86,7],[88,4,88,7],[113,4,113,7],[115,4,115,7],[117,4,117,7]]}
[]
[{"$nulls":45},"{b33474a5-ecee-40f8-b0a6-6c324b3be26c}"]
[{"$nulls":45},"0"]
[{"$nulls":3},"KRYCÍ LIST ROZPOČTU",{"$nulls":8},"v ---  nižšie sa nachádzajú doplnkové a pomocné údaje k zostavám  --- v",{"$nulls":32},"False"]
[]
[{"$nulls":3},"Stavba:"]
[{"$nulls":4},{"$f":"'Rekapitulácia stavby'!K6","v":"DOBUDOVANIE ZÁKLADNEJ TECHNICKEJ INFRAŠTRUKTÚRY V OBCI ŠARIŠSKÉ JASTRABIE"}]
[{"$nulls":3},"Objekt:"]
[{"$nulls":4},"1 - SO 01 - Výstavba chodníka a rekonštrukcia miestnych komunikácii"]
[{"$nulls":3},"Časť:"]
[{"$nulls":4},"02 - Chodník"]
[]
[{"$nulls":3},"JKSO:",null,"",null,null,"KS:",""]
[{"$nulls":3},"Miesto:",null,"ŠARIŠSKÉ JASTRABIE",null,null,"Dátum:"]
[]
[{"$nulls":3},"Objednávateľ:",{"$nulls":4},"IČO:",""]
[{"$nulls":4}," OBEC ŠARIŠSKÉ JASTRABIE",{"$nulls":3},"IČ DPH:",""]
[]
[{"$nulls":3},"Zhotoviteľ:",{"$nulls":4},"IČO:",{"$f":"'Rekapitulácia stavby'!AN13","v":"Vyplň údaj"}]
[{"$nulls":4},{"$f":"'Rekapitulácia stavby'!E14","v":"Vyplň údaj"},{"$nulls":3},"IČ DPH:",{"$f":"'Rekapitulácia stavby'!AN14","v":"Vyplň údaj"}]
[]
[{"$nulls":3},"Projektant:",{"$nulls":4},"IČO:",""]
[{"$nulls":8},"IČ DPH:",""]
[]
[{"$nulls":3},"Spracovateľ:",{"$nulls":4},"IČO:",{"$f":"IF('Rekapitulácia stavby'!AN19=\"\",\"\",'Rekapitulácia stavby'!AN19)","v":""}]
[{"$nulls":4},{"$f":"IF('Rekapitulácia stavby'!E20=\"\",\"\",'Rekapitulácia stavby'!E20)","v":" "},{"$nulls":3},"IČ DPH:",{"$f":"IF('Rekapitulácia stavby'!AN20=\"\",\"\",'Rekapitulácia stavby'!AN20)","v":""}]
[]
[{"$nulls":3},"Poznámka:"]
[{"$nulls":4},""]
[]
[]
[{"$nulls":3},"Cena bez DPH",{"$nulls":5},{"$f":"ROUND(J126, 2)","v":{"v":0,"d":"0.00"}}]
[]
[{"$nulls":5},"Základ dane",null,null,"Sadzba dane","Výška dane"]
[{"$nulls":3},"DPH","základná",{"$f":"ROUND((SUM(BE126:BE157)),  2)","v":{"v":0,"d":"0.00"}},null,null,{"v":0.2,"d":"20.00%"},{"$f":"ROUND(((SUM(BE126:BE157))*I35),  2)","v":{"v":0,"d":"0.00"}}]
[{"$nulls":4},"znížená",{"$f":"ROUND((SUM(BF126:BF157)),  2)","v":{"v":0,"d":"0.00"}},null,null,{"v":0.2,"d":"20.00%"},{"$f":"ROUND(((SUM(BF126:BF157))*I36),  2)","v":{"v":0,"d":"0.00"}}]
[{"$nulls":4},"zákl. prenesená",{"$f":"ROUND((SUM(BG126:BG157)),  2)","v":{"v":0,"d":"0.00"}},null,null,{"v":0.2,"d":"20.00%"},{"$f":"0","v":{"v":0,"d":"0.00"}}]
[{"$nulls":4},"zníž. prenesená",{"$f":"ROUND((SUM(BH126:BH157)),  2)","v":{"v":0,"d":"0.00"}},null,null,{"v":0.2,"d":"20.00%"},{"$f":"0","v":{"v":0,"d":"0.00"}}]
[{"$nulls":4},"nulová",{"$f":"ROUND((SUM(BI126:BI157)),  2)","v":{"v":0,"d":"0.00"}},null,null,{"v":0,"d":"0.00%"},{"$f":"0","v":{"v":0,"d":"0.00"}}]
[]
[{"$nulls":3},"Cena s DPH",null,null,"v","EUR",null,{"$f":"SUM(J32:J39)","v":{"v":0,"d":"0.00"}}]
{"$rows_empty":8}
[{"$nulls":3},"Projektant",null,null,"Spracovateľ"]
{"$rows_empty":10}
[{"$nulls":3},"Dátum a podpis:",null,"Pečiatka","Dátum a podpis:",null,null,"Pečiatka"]
[]
[]
[]
[{"$nulls":3},"Objednávateľ",null,null,"Zhotoviteľ"]
{"$rows_empty":10}
[{"$nulls":3},"Dátum a podpis:",null,"Pečiatka","Dátum a podpis:",null,null,"Pečiatka"]
[]
[]
[]
[]
[]
[null,null,"REKAPITULÁCIA ROZPOČTU"]
[]
[null,null,"Stavba:"]
[{"$nulls":4},{"$f":"E7","v":"DOBUDOVANIE ZÁKLADNEJ TECHNICKEJ INFRAŠTRUKTÚRY V OBCI ŠARIŠSKÉ JASTRABIE"}]
[null,null,"Objekt:"]
[{"$nulls":4},"1 - SO 01 - Výstavba chodníka a rekonštrukcia miestnych komunikácii"]
[null,null,"Časť:"]
[{"$nulls":4},{"$f":"E11","v":"02 - Chodník"}]
[]
[null,null,"Miesto:",null,null,{"$f":"F14","v":"ŠARIŠSKÉ JASTRABIE"},null,null,"Dátum:",{"$f":"IF(J14=\"\",\"\",J14)","v":""}]
[]
[null,null,"Objednávateľ:",null,null,{"$f":"E17","v":" OBEC ŠARIŠSKÉ JASTRABIE"},null,null,"Projektant:",{"$f":"E23","v":0}]
[null,null,"Zhotoviteľ:",null,null,{"$f":"IF(E20=\"\",\"\",E20)","v":"Vyplň údaj"},null,null,"Spracovateľ:",{"$f":"E26","v":" "}]
[]
[null,null,"Kód dielu - Popis",{"$nulls":6},"Cena celkom [EUR]"]
[]
[null,null,"Náklady z rozpočtu",{"$nulls":6},{"$f":"J126","v":{"v":0,"d":"0.00"}},{"$nulls":36},"-1"]
[{"$nulls":3},"HSV - Práce a dodávky HSV",{"$nulls":5},{"$f":"J127","v":{"v":0,"d":"0.00"}}]
[{"$nulls":3},"    1 - Zemné práce",{"$nulls":5},{"$f":"J128","v":{"v":0,"d":"0.00"}}]
[{"$nulls":3},"    2 - Zakladanie",{"$nulls":5},{"$f":"J140","v":{"v":0,"d":"0.00"}}]
[{"$nulls":3},"    5 - Komunikácie",{"$nulls":5},{"$f":"J142","v":{"v":0,"d":"0.00"}}]
[{"$nulls":3},"    9 - Ostatné konštrukcie a práce-búranie",{"$nulls":5},{"$f":"J149","v":{"v":0,"d":"0.00"}}]
[{"$nulls":3},"    99 - Presun hmôt HSV",{"$nulls":5},{"$f":"J156","v":{"v":0,"d":"0.00"}}]
[]
[]
[]
[]
[]
[]
[null,null,"ROZPOČET"]
[]
[null,null,"Stavba:"]
[{"$nulls":4},{"$f":"E7","v":"DOBUDOVANIE ZÁKLADNEJ TECHNICKEJ INFRAŠTRUKTÚRY V OBCI ŠARIŠSKÉ JASTRABIE"}]
[null,null,"Objekt:"]
[{"$nulls":4},"1 - SO 01 - Výstavba chodníka a rekonštrukcia miestnych komunikácii"]
[null,null,"Časť:"]
[{"$nulls":4},{"$f":"E11","v":"02 - Chodník"}]
[]
[null,null,"Miesto:",null,null,{"$f":"F14","v":"ŠARIŠSKÉ JASTRABIE"},null,null,"Dátum:",{"$f":"IF(J14=\"\",\"\",J14)","v":""}]
[]
[null,null,"Objednávateľ:",null,null,{"$f":"E17","v":" OBEC ŠARIŠSKÉ JASTRABIE"},null,null,"Projektant:",{"$f":"E23","v":0}]
[null,null,"Zhotoviteľ:",null,null,{"$f":"IF(E20=\"\",\"\",E20)","v":"Vyplň údaj"},null,null,"Spracovateľ:",{"$f":"E26","v":" "}]
[]
[null,null,"PČ","Typ","Kód","Popis","MJ","Množstvo","J.cena [EUR]","Cena celkom [EUR]","Cenová sústava",null,"","DPH","J. Nh [h]","Nh celkom [h]","J. hmotnosť [t]","Hmotnosť celkom [t]","J. suť [t]","Suť Celkom [t]"]
[null,null,"Náklady z rozpočtu",{"$nulls":6},{"$f":"BK126","v":{"v":0,"d":"0.00"}},{"$nulls":5},{"$f":"P127","v":{"v":0,"d":"0.00000"}},null,{"$f":"R127","v":{"v":301.5497146,"d":"301.54971"}},null,{"$f":"T127","v":{"v":0,"d":"0.00000"}},{"$nulls":25},"D","-1",{"$nulls":15},{"$f":"BK127","v":{"v":0,"d":"0.00"}}]
[{"$nulls":3},"D","HSV","Práce a dodávky HSV",{"$nulls":3},{"$f":"BK127","v":{"v":0,"d":"0.00"}},{"$nulls":5},{"$f":"P128+P140+P142+P149+P156","v":{"v":0,"d":"0.00000"}},null,{"$f":"R128+R140+R142+R149+R156","v":{"v":301.5497146,"d":"301.54971"}},null,{"$f":"T128+T140+T142+T149+T156","v":{"v":0,"d":"0.00000"}},{"$nulls":23},"1",null,"D","0",{"$nulls":3},"ROZPOCET",{"$nulls":11},{"$f":"BK128+BK140+BK142+BK149+BK156","v":{"v":0,"d":"0.00"}}]
[{"$nulls":3},"D","1","Zemné práce",{"$nulls":3},{"$f":"BK128","v":{"v":0,"d":"0.00"}},{"$nulls":5},{"$f":"SUM(P129:P139)","v":{"v":0,"d":"0.00000"}},null,{"$f":"SUM(R129:R139)","v":{"v":0.004635,"d":"0.00464"}},null,{"$f":"SUM(T129:T139)","v":{"v":0,"d":"0.00000"}},{"$nulls":23},"1",null,"D","1",{"$nulls":3},"ROZPOCET",{"$nulls":11},{"$f":"SUM(BK129:BK139)","v":{"v":0,"d":"0.00"}}]
[null,null,"1","K","121101111","Odstránenie ornice s vodor. premiestn. na hromady, so zložením na vzdialenosť do 100 m a do 100m3","m3",{"v":72,"d":"72.000"},null,{"$f":"ROUND(I129*H129,2)","v":{"v":0,"d":"0.00"}},null,null,"","znížená",null,{"$f":"O129*H129","v":{"v":0,"d":"0.00000"}},{"v":0,"d":"0.00000"},{"$f":"Q129*H129","v":{"v":0,"d":"0.00000"}},{"v":0,"d":"0.00000"},{"$f":"S129*H129","v":{"v":0,"d":"0.00000"}},{"$nulls":23},"4",null,"K","2",{"$nulls":3},"ROZPOCET",{"$nulls":5},{"$f":"IF(N129=\"základná\",J129,0)","v":{"v":0,"d":"0.00"}},{"$f":"IF(N129=\"znížená\",J129,0)","v":{"v":0,"d":"0.00"}},{"$f":"IF(N129=\"zákl. prenesená\",J129,0)","v":{"v":0,"d":"0.00"}},{"$f":"IF(N129=\"zníž. prenesená\",J129,0)","v":{"v":0,"d":"0.00"}},{"$f":"IF(N129=\"nulová\",J129,0)","v":{"v":0,"d":"0.00"}},"2",{"$f":"ROUND(I129*H129,2)","v":{"v":0,"d":"0.00"}},"4","2004710633"]
[null,null,"2","K","122201101","Odkopávka a prekopávka nezapažená v hornine 3, do 100 m3","m3",{"v":70,"d":"70.000"},null,{"v":0,"d":"0.00"},null,null,"","znížená",null,{"v":0,"d":"0.00000"},{"v":0,"d":"0.00000"},{"v":0,"d":"0.00000"},{"v":0,"d":"0.00000"},{"v":0,"d":"0.00000"},{"$nulls":23},"4",null,"K","2",{"$nulls":3},"ROZPOCET",{"$nulls":5},{"v":0,"d":"0.00"},{"v":0,"d":"0.00"},{"v":0,"d":"0.00"},{"v":0,"d":"0.00"},{"v":0,"d":"0.00"},"2",{"v":0,"d":"0.00"},"4","1150634141"]
[null,null,"3","K","122201109","Odkopávky a prekopávky nezapažené. Príplatok k cenám za lepivosť horniny 3","m3",{"v":21,"d":"21.000"},null,{"v":0,"d":"0.00"},null,null,"","znížená",null,{"v":0,"d":"0.00000"},{"v":0,"d":"0.00000"},{"v":0,"d":"0.00000"},{"v":0,"d":"0.00000"},{"v":0,"d":"0.00000"},{"$nulls":23},"4",null,"K","2",{"$nulls":3},"ROZPOCET",{"$nulls":5},{"v":0,"d":"0.00"},{"v":0,"d":"0.00"},{"v":0,"d":"0.00"},{"v":0,"d":"0.00"},{"v":0,"d":"0.00"},"2",{"v":0,"d":"0.00"},"4","2139746367"]
[null,null,"4","K","162501102","Vodorovné premiestnenie výkopku po spevnenej ceste z horniny tr.1-4, do 100 m3 na vzdialenosť do 3000 m","m3",{"v":77,"d":"77.000"},null,{"v":0,"d":"0.00"},null,null,"","znížená",null,{"v":0,"d":"0.00000"},{"v":0,"d":"0.00000"},{"v":0,"d":"0.00000"},{"v":0,"d":"0.00000"},{"v":0,"d":"0.00000"},{"$nulls":23},"4",null,"K","2",{"$nulls":3},"ROZPOCET",{"$nulls":5},{"v":0,"d":"0.00"},{"v":0,"d":"0.00"},{"v":0,"d":"0.00"},{"v":0,"d":"0.00"},{"v":0,"d":"0.00"},"2",{"v":0,"d":"0.00"},"4","1323968694"]
[null,null,"5","K","167101101","Nakladanie neuľahnutého výkopku z hornín tr.1-4 do 100 m3","m3",{"v":57,"d":"57.000"},null,{"v":0,"d":"0.00"},null,null,"","znížená",null,{"v":0,"d":"0.00000"},{"v":0,"d":"0.00000"},{"v":0,"d":"0.00000"},{"v":0,"d":"0.00000"},{"v":0,"d":"0.00000"},{"$nulls":23},"4",null,"K","2",{"$nulls":3},"ROZPOCET",{"$nulls":5},{"v":0,"d":"0.00"},{"v":0,"d":"0.00"},{"v":0,"d":"0.00"},{"v":0,"d":"0.00"},{"v":0,"d":"0.00"},"2",{"v":0,"d":"0.00"},"4","2088490189"]
[null,null,"6","K","171101131","Uloženie sypaniny do násypu  nesúdržných a súdržných hornín striedavo ukladaných","m3",{"v":50,"d":"50.000"},null,{"v":0,"d":"0.00"},null,null,"","znížená",null,{"v":0,"d":"0.00000"},{"v":0,"d":"0.00000"},{"v":0,"d":"0.00000"},{"v":0,"d":"0.00000"},{"v":0,"d":"0.00000"},{"$nulls":23},"4",null,"K","2",{"$nulls":3},"ROZPOCET",{"$nulls":5},{"v":0,"d":"0.00"},{"v":0,"d":"0.00"},{"v":0,"d":"0.00"},{"v":0,"d":"0.00"},{"v":0,"d":"0.00"},"2",{"v":0,"d":"0.00"},"4","-1911742520"]
[null,null,"7","K","171201201","Uloženie sypaniny na skládky do 100 m3","m3",{"v":77,"d":"77.000"},null,{"v":0,"d":"0.00"},null,null,"","znížená",null,{"v":0,"d":"0.00000"},{"v":0,"d":"0.00000"},{"v":0,"d":"0.00000"},{"v":0,"d":"0.00000"},{"v":0,"d":"0.00000"},{"$nulls":23},"4",null,"K","2",{"$nulls":3},"ROZPOCET",{"$nulls":5},{"v":0,"d":"0.00"},{"v":0,"d":"0.00"},{"v":0,"d":"0.00"},{"v":0,"d":"0.00"},{"v":0,"d":"0.00"},"2",{"v":0,"d":"0.00"},"4","-1263941984"]
[null,null,"8","K","180401212","Založenie trávnika lúčneho výsevom na svahu nad 1:5 do 1:2","m2",{"v":150,"d":"150.000"},null,{"v":0,"d":"0.00"},null,null,"","znížená",null,{"v":0,"d":"0.00000"},{"v":0,"d":"0.00000"},{"v":0,"d":"0.00000"},{"v":0,"d":"0.00000"},{"v":0,"d":"0.00000"},{"$nulls":23},"4",null,"K","2",{"$nulls":3},"ROZPOCET",{"$nulls":5},{"v":0,"d":"0.00"},{"v":0,"d":"0.00"},{"v":0,"d":"0.00"},{"v":0,"d":"0.00"},{"v":0,"d":"0.00"},"2",{"v":0,"d":"0.00"},"4","-1446324887"]
[null,null,"9","M","005720001300","Osivá tráv - trávové semeno","kg",4.635,null,{"v":0,"d":"0.00"},null,null,"","znížená",null,{"v":0,"d":"0.00000"},{"v":1E-3,"d":"0.00100"},{"v":0.004635,"d":"0.00464"},{"v":0,"d":"0.00000"},{"v":0,"d":"0.00000"},{"$nulls":23},"8",null,"M","2",{"$nulls":3},"ROZPOCET",{"$nulls":5},{"v":0,"d":"0.00"},{"v":0,"d":"0.00"},{"v":0,"d":"0.00"},{"v":0,"d":"0.00"},{"v":0,"d":"0.00"},"2",{"v":0,"d":"0.00"},"4","-163473902"]
[null,null,"10","K","181201102","Úprava pláne v násypoch v hornine 1-4 so zhutnením","m2",378.525,null,{"v":0,"d":"0.00"},null,null,"","znížená",null,{"v":0,"d":"0.00000"},{"v":0,"d":"0.00000"},{"v":0,"d":"0.00000"},{"v":0,"d":"0.00000"},{"v":0,"d":"0.00000"},{"$nulls":23},"4",null,"K","2",{"$nulls":3},"ROZPOCET",{"$nulls":5},{"v":0,"d":"0.00"},{"v":0,"d":"0.00"},{"v":0,"d":"0.00"},{"v":0,"d":"0.00"},{"v":0,"d":"0.00"},"2",{"v":0,"d":"0.00"},"4","-1926572633"]
[null,null,"11","K","182301121","Rozprestretie ornice na svahu so sklonom nad 1:5, plocha do 500 m2, hr.do 100 mm","m2",{"v":150,"d":"150.000"},null,{"v":0,"d":"0.00"},null,null,"","znížená",null,{"v":0,"d":"0.00000"},{"v":0,"d":"0.00000"},{"v":0,"d":"0.00000"},{"v":0,"d":"0.00000"},{"v":0,"d":"0.00000"},{"$nulls":23},"4",null,"K","2",{"$nulls":3},"ROZPOCET",{"$nulls":5},{"v":0,"d":"0.00"},{"v":0,"d":"0.00"},{"v":0,"d":"0.00"},{"v":0,"d":"0.00"},{"v":0,"d":"0.00"},"2",{"v":0,"d":"0.00"},"4","-681283771"]
[{"$nulls":3},"D","2","Zakladanie",{"$nulls":3},{"$f":"BK140","v":{"v":0,"d":"0.00"}},{"$nulls":5},{"$f":"P141","v":{"v":0,"d":"0.00000"}},null,{"$f":"R141","v":{"v":0.1623996,"d":"0.16240"}},null,{"$f":"T141","v":{"v":0,"d":"0.00000"}},{"$nulls":23},"1",null,"D","1",{"$nulls":3},"ROZPOCET",{"$nulls":11},{"$f":"BK141","v":{"v":0,"d":"0.00"}}]
[null,null,"12","K","273362021","Výstuž základových dosiek zo zvár. sietí KARI","t",0.135,null,{"$f":"ROUND(I141*H141,2)","v":{"v":0,"d":"0.00"}},null,null,"","znížená",null,{"$f":"O141*H141","v":{"v":0,"d":"0.00000"}},1.20296,{"$f":"Q141*H141","v":{"v":0.1623996,"d":"0.16240"}},{"v":0,"d":"0.00000"},{"$f":"S141*H141","v":{"v":0,"d":"0.00000"}},{"$nulls":23},"4",null,"K","2",{"$nulls":3},"ROZPOCET",{"$nulls":5},{"$f":"IF(N141=\"základná\",J141,0)","v":{"v":0,"d":"0.00"}},{"$f":"IF(N141=\"znížená\",J141,0)","v":{"v":0,"d":"0.00"}},{"$f":"IF(N141=\"zákl. prenesená\",J141,0)","v":{"v":0,"d":"0.00"}},{"$f":"IF(N141=\"zníž. prenesená\",J141,0)","v":{"v":0,"d":"0.00"}},{"$f":"IF(N141=\"nulová\",J141,0)","v":{"v":0,"d":"0.00"}},"2",{"$f":"ROUND(I141*H141,2)","v":{"v":0,"d":"0.00"}},"4","-233609232"]
[{"$nulls":3},"D","5","Komunikácie",{"$nulls":3},{"$f":"BK142","v":{"v":0,"d":"0.00"}},{"$nulls":5},{"$f":"SUM(P143:P148)","v":{"v":0,"d":"0.00000"}},null,{"$f":"SUM(R143:R148)","v":205.03168},null,{"$f":"SUM(T143:T148)","v":{"v":0,"d":"0.00000"}},{"$nulls":23},"1",null,"D","1",{"$nulls":3},"ROZPOCET",{"$nulls":11},{"$f":"SUM(BK143:BK148)","v":{"v":0,"d":"0.00"}}]
[null,null,"13","K","564851111","Podklad zo štrkodrviny s rozprestretím a zhutnením, po zhutnení hr. 150 mm","m2",{"v":360.5,"d":"360.500"},null,{"$f":"ROUND(I143*H143,2)","v":{"v":0,"d":"0.00"}},null,null,"","znížená",null,{"$f":"O143*H143","v":{"v":0,"d":"0.00000"}},0.27994,{"$f":"Q143*H143","v":{"v":100.91837000000001,"d":"100.91837"}},{"v":0,"d":"0.00000"},{"$f":"S143*H143","v":{"v":0,"d":"0.00000"}},{"$nulls":23},"4",null,"K","2",{"$nulls":3},"ROZPOCET",{"$nulls":5},{"$f":"IF(N143=\"základná\",J143,0)","v":{"v":0,"d":"0.00"}},{"$f":"IF(N143=\"znížená\",J143,0)","v":{"v":0,"d":"0.00"}},{"$f":"IF(N143=\"zákl. prenesená\",J143,0)","v":{"v":0,"d":"0.00"}},{"$f":"IF(N143=\"zníž. prenesená\",J143,0)","v":{"v":0,"d":"0.00"}},{"$f":"IF(N143=\"nulová\",J143,0)","v":{"v":0,"d":"0.00"}},"2",{"$f":"ROUND(I143*H143,2)","v":{"v":0,"d":"0.00"}},"4","565072019"]
[null,null,"14","K","567114211","Podklad z podkladového betónu PB II tr. C 16/20 hr. 100 mm","m2",{"v":18,"d":"18.000"},null,{"v":0,"d":"0.00"},null,null,"","znížená",null,{"v":0,"d":"0.00000"},0.22377,{"v":4.0278599999999996,"d":"4.02786"},{"v":0,"d":"0.00000"},{"v":0,"d":"0.00000"},{"$nulls":23},"4",null,"K","2",{"$nulls":3},"ROZPOCET",{"$nulls":5},{"v":0,"d":"0.00"},{"v":0,"d":"0.00"},{"v":0,"d":"0.00"},{"v":0,"d":"0.00"},{"v":0,"d":"0.00"},"2",{"v":0,"d":"0.00"},"4","1996118364"]
[null,null,"15","K","596911164","Kladenie betónovej zámkovej dlažby komunikácií pre peších hr. 80 mm pre peších nad 300 m2 so zriadením lôžka z kameniva hr. 30 mm","m2",{"v":351,"d":"351.000"},null,{"v":0,"d":"0.00"},null,null,"","znížená",null,{"v":0,"d":"0.00000"},{"v":0.0925,"d":"0.09250"},{"v":32.4675,"d":"32.46750"},{"v":0,"d":"0.00000"},{"v":0,"d":"0.00000"},{"$nulls":23},"4",null,"K","2",{"$nulls":3},"ROZPOCET",{"$nulls":5},{"v":0,"d":"0.00"},{"v":0,"d":"0.00"},{"v":0,"d":"0.00"},{"v":0,"d":"0.00"},{"v":0,"d":"0.00"},"2",{"v":0,"d":"0.00"},"4","495685428"]
[null,null,"16","M","592460011700","Dlažba zámková betónová, hr.80 mm","m2",{"v":354.51,"d":"354.510"},null,{"v":0,"d":"0.00"},null,null,"","znížená",null,{"v":0,"d":"0.00000"},{"v":0.184,"d":"0.18400"},65.22984,{"v":0,"d":"0.00000"},{"v":0,"d":"0.00000"},{"$nulls":23},"8",null,"M","2",{"$nulls":3},"ROZPOCET",{"$nulls":5},{"v":0,"d":"0.00"},{"v":0,"d":"0.00"},{"v":0,"d":"0.00"},{"v":0,"d":"0.00"},{"v":0,"d":"0.00"},"2",{"v":0,"d":"0.00"},"4","-1939557330"]
[null,null,"17","K","596911331","Kladenie dlažby pre nevidiacich hr.60 mm do lôžka z kameniva ťaženého","m2",{"v":9.5,"d":"9.500"},null,{"v":0,"d":"0.00"},null,null,"","znížená",null,{"v":0,"d":"0.00000"},{"v":0.112,"d":"0.11200"},{"v":1.064,"d":"1.06400"},{"v":0,"d":"0.00000"},{"v":0,"d":"0.00000"},{"$nulls":23},"4",null,"K","2",{"$nulls":3},"ROZPOCET",{"$nulls":5},{"v":0,"d":"0.00"},{"v":0,"d":"0.00"},{"v":0,"d":"0.00"},{"v":0,"d":"0.00"},{"v":0,"d":"0.00"},"2",{"v":0,"d":"0.00"},"4","352073599"]
[null,null,"18","M","592460006800","Dlažba betónová nopková, pre nevidiacich, rozmer 200x200x60 mm, červená","m2",9.595,null,{"v":0,"d":"0.00"},null,null,"","znížená",null,{"v":0,"d":"0.00000"},{"v":0.138,"d":"0.13800"},{"v":1.3241100000000001,"d":"1.32411"},{"v":0,"d":"0.00000"},{"v":0,"d":"0.00000"},{"$nulls":23},"8",null,"M","2",{"$nulls":3},"ROZPOCET",{"$nulls":5},{"v":0,"d":"0.00"},{"v":0,"d":"0.00"},{"v":0,"d":"0.00"},{"v":0,"d":"0.00"},{"v":0,"d":"0.00"},"2",{"v":0,"d":"0.00"},"4","925999150"]
[{"$nulls":3},"D","9","Ostatné konštrukcie a práce-búranie",{"$nulls":3},{"$f":"BK149","v":{"v":0,"d":"0.00"}},{"$nulls":5},{"$f":"SUM(P150:P155)","v":{"v":0,"d":"0.00000"}},null,{"$f":"SUM(R150:R155)","v":{"v":96.351,"d":"96.35100"}},null,{"$f":"SUM(T150:T155)","v":{"v":0,"d":"0.00000"}},{"$nulls":23},"1",null,"D","1",{"$nulls":3},"ROZPOCET",{"$nulls":11},{"$f":"SUM(BK150:BK155)","v":{"v":0,"d":"0.00"}}]
[null,null,"19","K","919723210","Pružná asfaltová zalievka","m",{"v":95,"d":"95.000"},null,{"$f":"ROUND(I150*H150,2)","v":{"v":0,"d":"0.00"}},null,null,"","znížená",null,{"$f":"O150*H150","v":{"v":0,"d":"0.00000"}},{"v":2e-05,"d":"0.00002"},{"$f":"Q150*H150","v":{"v":1.9000000000000002E-3,"d":"0.00190"}},{"v":0,"d":"0.00000"},{"$f":"S150*H150","v":{"v":0,"d":"0.00000"}},{"$nulls":23},"4",null,"K","2",{"$nulls":3},"ROZPOCET",{"$nulls":5},{"$f":"IF(N150=\"základná\",J150,0)","v":{"v":0,"d":"0.00"}},{"$f":"IF(N150=\"znížená\",J150,0)","v":{"v":0,"d":"0.00"}},{"$f":"IF(N150=\"zákl. prenesená\",J150,0)","v":{"v":0,"d":"0.00"}},{"$f":"IF(N150=\"zníž. prenesená\",J150,0)","v":{"v":0,"d":"0.00"}},{"$f":"IF(N150=\"nulová\",J150,0)","v":{"v":0,"d":"0.00"}},"2",{"$f":"ROUND(I150*H150,2)","v":{"v":0,"d":"0.00"}},"4","-1706290830"]
[null,null,"20","K","919735112","Rezanie existujúceho asfaltového krytu alebo podkladu hĺbky nad 50 do 100 mm","m",{"v":95,"d":"95.000"},null,{"v":0,"d":"0.00"},null,null,"","znížená",null,{"v":0,"d":"0.00000"},{"v":0,"d":"0.00000"},{"v":0,"d":"0.00000"},{"v":0,"d":"0.00000"},{"v":0,"d":"0.00000"},{"$nulls":23},"4",null,"K","2",{"$nulls":3},"ROZPOCET",{"$nulls":5},{"v":0,"d":"0.00"},{"v":0,"d":"0.00"},{"v":0,"d":"0.00"},{"v":0,"d":"0.00"},{"v":0,"d":"0.00"},"2",{"v":0,"d":"0.00"},"4","-1752521828"]
[null,null,"21","K","916362112","Osadenie cestného obrubníka betónového stojatého do lôžka z betónu prostého tr. C 16/20 s bočnou oporou","m",{"v":255,"d":"255.000"},null,{"v":0,"d":"0.00"},null,null,"","znížená",null,{"v":0,"d":"0.00000"},0.15113,{"v":38.538149999999995,"d":"38.53815"},{"v":0,"d":"0.00000"},{"v":0,"d":"0.00000"},{"$nulls":23},"4",null,"K","2",{"$nulls":3},"ROZPOCET",{"$nulls":5},{"v":0,"d":"0.00"},{"v":0,"d":"0.00"},{"v":0,"d":"0.00"},{"v":0,"d":"0.00"},{"v":0,"d":"0.00"},"2",{"v":0,"d":"0.00"},"4","-188433051"]
[null,null,"22","M","592170001000","Obrubník  cestný, lxšxv 1000x150x260 mm","ks",{"v":257.55,"d":"257.550"},null,{"v":0,"d":"0.00"},null,null,"","znížená",null,{"v":0,"d":"0.00000"},{"v":0.085,"d":"0.08500"},{"v":21.891750000000002,"d":"21.89175"},{"v":0,"d":"0.00000"},{"v":0,"d":"0.00000"},{"$nulls":23},"8",null,"M","2",{"$nulls":3},"ROZPOCET",{"$nulls":5},{"v":0,"d":"0.00"},{"v":0,"d":"0.00"},{"v":0,"d":"0.00"},{"v":0,"d":"0.00"},{"v":0,"d":"0.00"},"2",{"v":0,"d":"0.00"},"4","734158977"]
[null,null,"23","K","916561112","Osadenie záhonového alebo parkového obrubníka betón., do lôžka z bet. pros. tr. C 16/20 s bočnou oporou","m",{"v":295,"d":"295.000"},null,{"v":0,"d":"0.00"},null,null,"","znížená",null,{"v":0,"d":"0.00000"},0.09853,{"v":29.066350000000003,"d":"29.06635"},{"v":0,"d":"0.00000"},{"v":0,"d":"0.00000"},{"$nulls":23},"4",null,"K","2",{"$nulls":3},"ROZPOCET",{"$nulls":5},{"v":0,"d":"0.00"},{"v":0,"d":"0.00"},{"v":0,"d":"0.00"},{"v":0,"d":"0.00"},{"v":0,"d":"0.00"},"2",{"v":0,"d":"0.00"},"4","-189425078"]
[null,null,"24","M","592170001800","Obrubník  parkový, lxšxv 1000x50x200 mm, sivá","ks",{"v":297.95,"d":"297.950"},null,{"v":0,"d":"0.00"},null,null,"","znížená",null,{"v":0,"d":"0.00000"},{"v":0.023,"d":"0.02300"},{"v":6.852849999999999,"d":"6.85285"},{"v":0,"d":"0.00000"},{"v":0,"d":"0.00000"},{"$nulls":23},"8",null,"M","2",{"$nulls":3},"ROZPOCET",{"$nulls":5},{"v":0,"d":"0.00"},{"v":0,"d":"0.00"},{"v":0,"d":"0.00"},{"v":0,"d":"0.00"},{"v":0,"d":"0.00"},"2",{"v":0,"d":"0.00"},"4","-539668262"]
[{"$nulls":3},"D","99","Presun hmôt HSV",{"$nulls":3},{"$f":"BK156","v":{"v":0,"d":"0.00"}},{"$nulls":5},{"$f":"P157","v":{"v":0,"d":"0.00000"}},null,{"$f":"R157","v":{"v":0,"d":"0.00000"}},null,{"$f":"T157","v":{"v":0,"d":"0.00000"}},{"$nulls":23},"1",null,"D","1",{"$nulls":3},"ROZPOCET",{"$nulls":11},{"$f":"BK157","v":{"v":0,"d":"0.00"}}]
[null,null,"25","K","998223011","Presun hmôt pre pozemné komunikácie s krytom dláždeným (822 2.3, 822 5.3) akejkoľvek dĺžky objektu","t",{"v":301.55,"d":"301.550"},null,{"$f":"ROUND(I157*H157,2)","v":{"v":0,"d":"0.00"}},null,null,"","znížená",null,{"$f":"O157*H157","v":{"v":0,"d":"0.00000"}},{"v":0,"d":"0.00000"},{"$f":"Q157*H157","v":{"v":0,"d":"0.00000"}},{"v":0,"d":"0.00000"},{"$f":"S157*H157","v":{"v":0,"d":"0.00000"}},{"$nulls":23},"4",null,"K","2",{"$nulls":3},"ROZPOCET",{"$nulls":5},{"$f":"IF(N157=\"základná\",J157,0)","v":{"v":0,"d":"0.00"}},{"$f":"IF(N157=\"znížená\",J157,0)","v":{"v":0,"d":"0.00"}},{"$f":"IF(N157=\"zákl. prenesená\",J157,0)","v":{"v":0,"d":"0.00"}},{"$f":"IF(N157=\"zníž. prenesená\",J157,0)","v":{"v":0,"d":"0.00"}},{"$f":"IF(N157=\"nulová\",J157,0)","v":{"v":0,"d":"0.00"}},"2",{"$f":"ROUND(I157*H157,2)","v":{"v":0,"d":"0.00"}},"4","1996253127"]

{"sheet":"2 - SO 02 - Osvetlenie ch...","index":3,"n_rows":205,"n_cols":65,"rows_kept":205,"merged":[[1,11,1,21],[6,4,6,7],[8,4,8,7],[17,4,17,7],[26,4,26,7],[84,4,84,7],[86,4,86,7],[111,4,111,7],[113,4,113,7]]}
[]
[{"$nulls":45},"{db0c9c92-c372-42f6-ae01-ceb737a2aa6a}"]
[{"$nulls":45},"0"]
[{"$nulls":3},"KRYCÍ LIST ROZPOČTU",{"$nulls":8},"v ---  nižšie sa nachádzajú doplnkové a pomocné údaje k zostavám  --- v",{"$nulls":32},"False"]
[]
[{"$nulls":3},"Stavba:"]
[{"$nulls":4},{"$f":"'Rekapitulácia stavby'!K6","v":"DOBUDOVANIE ZÁKLADNEJ TECHNICKEJ INFRAŠTRUKTÚRY V OBCI ŠARIŠSKÉ JASTRABIE"}]
[{"$nulls":3},"Objekt:"]
[{"$nulls":4},"2 - SO 02 - Osvetlenie chodníka"]
[]
[{"$nulls":3},"JKSO:",null,"",null,null,"KS:",""]
[{"$nulls":3},"Miesto:",null,"ŠARIŠSKÉ JASTRABIE",null,null,"Dátum:"]
[]
[{"$nulls":3},"Objednávateľ:",{"$nulls":4},"IČO:",""]
[{"$nulls":4}," OBEC ŠARIŠSKÉ JASTRABIE",{"$nulls":3},"IČ DPH:",""]
[]
[{"$nulls":3},"Zhotoviteľ:",{"$nulls":4},"IČO:",{"$f":"'Rekapitulácia stavby'!AN13","v":"Vyplň údaj"}]
[{"$nulls":4},{"$f":"'Rekapitulácia stavby'!E14","v":"Vyplň údaj"},{"$nulls":3},"IČ DPH:",{"$f":"'Rekapitulácia stavby'!AN14","v":"Vyplň údaj"}]
[]
[{"$nulls":3},"Projektant:",{"$nulls":4},"IČO:",""]
[{"$nulls":8},"IČ DPH:",""]
[]
[{"$nulls":3},"Spracovateľ:",{"$nulls":4},"IČO:",""]
[{"$nulls":8},"IČ DPH:",""]
[]
[{"$nulls":3},"Poznámka:"]
[{"$nulls":4},""]
[]
[]
[{"$nulls":3},"Cena bez DPH",{"$nulls":5},{"$f":"ROUND(J122, 2)","v":{"v":0,"d":"0.00"}}]
[]
[{"$nulls":5},"Základ dane",null,null,"Sadzba dane","Výška dane"]
[{"$nulls":3},"DPH","základná",{"$f":"ROUND((SUM(BE122:BE205)),  2)","v":{"v":0,"d":"0.00"}},null,null,{"v":0.2,"d":"20.00%"},{"$f":"ROUND(((SUM(BE122:BE205))*I33),  2)","v":{"v":0,"d":"0.00"}}]
[{"$nulls":4},"znížená",{"$f":"ROUND((SUM(BF122:BF205)),  2)","v":{"v":0,"d":"0.00"}},null,null,{"v":0.2,"d":"20.00%"},{"$f":"ROUND(((SUM(BF122:BF205))*I34),  2)","v":{"v":0,"d":"0.00"}}]
[{"$nulls":4},"zákl. prenesená",{"$f":"ROUND((SUM(BG122:BG205)),  2)","v":{"v":0,"d":"0.00"}},null,null,{"v":0.2,"d":"20.00%"},{"$f":"0","v":{"v":0,"d":"0.00"}}]
[{"$nulls":4},"zníž. prenesená",{"$f":"ROUND((SUM(BH122:BH205)),  2)","v":{"v":0,"d":"0.00"}},null,null,{"v":0.2,"d":"20.00%"},{"$f":"0","v":{"v":0,"d":"0.00"}}]
[{"$nulls":4},"nulová",{"$f":"ROUND((SUM(BI122:BI205)),  2)","v":{"v":0,"d":"0.00"}},null,null,{"v":0,"d":"0.00%"},{"$f":"0","v":{"v":0,"d":"0.00"}}]
[]
[{"$nulls":3},"Cena s DPH",null,null,"v","EUR",null,{"$f":"SUM(J30:J37)","v":{"v":0,"d":"0.00"}}]
{"$rows_empty":10}
[{"$nulls":3},"Projektant",null,null,"Spracovateľ"]
{"$rows_empty":10}
[{"$nulls":3},"Dátum a podpis:",null,"Pečiatka","Dátum a podpis:",null,null,"Pečiatka"]
[]
[]
[]
[{"$nulls":3},"Objednávateľ",null,null,"Zhotoviteľ"]
{"$rows_empty":10}
[{"$nulls":3},"Dátum a podpis:",null,"Pečiatka","Dátum a podpis:",null,null,"Pečiatka"]
[]
[]
[]
[]
[]
[null,null,"REKAPITULÁCIA ROZPOČTU"]
[]
[null,null,"Stavba:"]
[{"$nulls":4},{"$f":"E7","v":"DOBUDOVANIE ZÁKLADNEJ TECHNICKEJ INFRAŠTRUKTÚRY V OBCI ŠARIŠSKÉ JASTRABIE"}]
[null,null,"Objekt:"]
[{"$nulls":4},{"$f":"E9","v":"2 - SO 02 - Osvetlenie chodníka"}]
[]
[null,null,"Miesto:",null,null,{"$f":"F12","v":"ŠARIŠSKÉ JASTRABIE"},null,null,"Dátum:",{"$f":"IF(J12=\"\",\"\",J12)","v":""}]
[]
[null,null,"Objednávateľ:",null,null,{"$f":"E15","v":" OBEC ŠARIŠSKÉ JASTRABIE"},null,null,"Projektant:",{"$f":"E21","v":0}]
[null,null,"Zhotoviteľ:",null,null,{"$f":"IF(E18=\"\",\"\",E18)","v":"Vyplň údaj"},null,null,"Spracovateľ:",{"$f":"E24","v":0}]
[]
[null,null,"Kód dielu - Popis",{"$nulls":6},"Cena celkom [EUR]"]
[]
[null,null,"Náklady z rozpočtu",{"$nulls":6},{"$f":"J122","v":{"v":0,"d":"0.00"}},{"$nulls":36},"-1"]
[{"$nulls":3},"HSV - Práce a dodávky HSV",{"$nulls":5},{"$f":"J123","v":{"v":0,"d":"0.00"}}]
[{"$nulls":3},"    1 - Zemné práce",{"$nulls":5},{"$f":"J124","v":{"v":0,"d":"0.00"}}]
[{"$nulls":3},"    2 - Zakladanie",{"$nulls":5},{"$f":"J131","v":{"v":0,"d":"0.00"}}]
[{"$nulls":3},"M - Práce a dodávky M",{"$nulls":5},{"$f":"J133","v":{"v":0,"d":"0.00"}}]
[{"$nulls":3},"    21-M - Elektromontáže",{"$nulls":5},{"$f":"J134","v":{"v":0,"d":"0.00"}}]
[{"$nulls":3},"    46-M - Zemné práce pri extr.mont.prácach",{"$nulls":5},{"$f":"J190","v":{"v":0,"d":"0.00"}}]
[]
[]
[]
[]
[]
[]
[null,null,"ROZPOČET"]
[]
[null,null,"Stavba:"]
[{"$nulls":4},{"$f":"E7","v":"DOBUDOVANIE ZÁKLADNEJ TECHNICKEJ INFRAŠTRUKTÚRY V OBCI ŠARIŠSKÉ JASTRABIE"}]
[null,null,"Objekt:"]
[{"$nulls":4},{"$f":"E9","v":"2 - SO 02 - Osvetlenie chodníka"}]
[]
[null,null,"Miesto:",null,null,{"$f":"F12","v":"ŠARIŠSKÉ JASTRABIE"},null,null,"Dátum:",{"$f":"IF(J12=\"\",\"\",J12)","v":""}]
[]
[null,null,"Objednávateľ:",null,null,{"$f":"E15","v":" OBEC ŠARIŠSKÉ JASTRABIE"},null,null,"Projektant:",{"$f":"E21","v":0}]
[null,null,"Zhotoviteľ:",null,null,{"$f":"IF(E18=\"\",\"\",E18)","v":"Vyplň údaj"},null,null,"Spracovateľ:",{"$f":"E24","v":0}]
[]
[null,null,"PČ","Typ","Kód","Popis","MJ","Množstvo","J.cena [EUR]","Cena celkom [EUR]","Cenová sústava",null,"","DPH","J. Nh [h]","Nh celkom [h]","J. hmotnosť [t]","Hmotnosť celkom [t]","J. suť [t]","Suť Celkom [t]"]
[null,null,"Náklady z rozpočtu",{"$nulls":6},{"$f":"BK122","v":{"v":0,"d":"0.00"}},{"$nulls":5},{"$f":"P123+P133","v":{"v":0,"d":"0.00000"}},null,{"$f":"R123+R133","v":{"v":34.99646094,"d":"34.99646"}},null,{"$f":"T123+T133","v":{"v":0,"d":"0.00000"}},{"$nulls":25},"D","-1",{"$nulls":15},{"$f":"BK123+BK133","v":{"v":0,"d":"0.00"}}]
[{"$nulls":3},"D","HSV","Práce a dodávky HSV",{"$nulls":3},{"$f":"BK123","v":{"v":0,"d":"0.00"}},{"$nulls":5},{"$f":"P124+P131","v":{"v":0,"d":"0.00000"}},null,{"$f":"R124+R131","v":{"v":8.444916699999998,"d":"8.44492"}},null,{"$f":"T124+T131","v":{"v":0,"d":"0.00000"}},{"$nulls":23},"1",null,"D","0",{"$nulls":3},"ROZPOCET",{"$nulls":11},{"$f":"BK124+BK131","v":{"v":0,"d":"0.00"}}]
[{"$nulls":3},"D","1","Zemné práce",{"$nulls":3},{"$f":"BK124","v":{"v":0,"d":"0.00"}},{"$nulls":5},{"$f":"SUM(P125:P130)","v":{"v":0,"d":"0.00000"}},null,{"$f":"SUM(R125:R130)","v":{"v":0.014822500000000002,"d":"0.01482"}},null,{"$f":"SUM(T125:T130)","v":{"v":0,"d":"0.00000"}},{"$nulls":23},"1",null,"D","1",{"$nulls":3},"ROZPOCET",{"$nulls":11},{"$f":"SUM(BK125:BK130)","v":{"v":0,"d":"0.00"}}]
[null,null,"1","K","131201201","Výkop zapaženej jamy v hornine 3, do 100 m3","m3",{"v":6.75,"d":"6.750"},null,{"$f":"ROUND(I125*H125,2)","v":{"v":0,"d":"0.00"}},null,null,"","znížená",null,{"$f":"O125*H125","v":{"v":0,"d":"0.00000"}},{"v":0,"d":"0.00000"},{"$f":"Q125*H125","v":{"v":0,"d":"0.00000"}},{"v":0,"d":"0.00000"},{"$f":"S125*H125","v":{"v":0,"d":"0.00000"}},{"$nulls":23},"4",null,"K","2",{"$nulls":3},"ROZPOCET",{"$nulls":5},{"$f":"IF(N125=\"základná\",J125,0)","v":{"v":0,"d":"0.00"}},{"$f":"IF(N125=\"znížená\",J125,0)","v":{"v":0,"d":"0.00"}},{"$f":"IF(N125=\"zákl. prenesená\",J125,0)","v":{"v":0,"d":"0.00"}},{"$f":"IF(N125=\"zníž. prenesená\",J125,0)","v":{"v":0,"d":"0.00"}},{"$f":"IF(N125=\"nulová\",J125,0)","v":{"v":0,"d":"0.00"}},"2",{"$f":"ROUND(I125*H125,2)","v":{"v":0,"d":"0.00"}},"4","454593094"]
[null,null,"2","K","141720015","Neriadené zemné pretláčanie v hornine tr. 3-4, priemer pretláčania cez 90 do 110 mm","m",{"v":20,"d":"20.000"},null,{"v":0,"d":"0.00"},null,null,"","znížená",null,{"v":0,"d":"0.00000"},{"v":0,"d":"0.00000"},{"v":0,"d":"0.00000"},{"v":0,"d":"0.00000"},{"v":0,"d":"0.00000"},{"$nulls":23},"4",null,"K","2",{"$nulls":3},"ROZPOCET",{"$nulls":5},{"v":0,"d":"0.00"},{"v":0,"d":"0.00"},{"v":0,"d":"0.00"},{"v":0,"d":"0.00"},{"v":0,"d":"0.00"},"2",{"v":0,"d":"0.00"},"4","-1109187988"]
[null,null,"3","M","3412611008","Rúrka FXKVR 110 čierna","m",{"v":20,"d":"20.000"},null,{"v":0,"d":"0.00"},null,null,"","znížená",null,{"v":0,"d":"0.00000"},{"v":5e-05,"d":"0.00005"},{"v":1E-3,"d":"0.00100"},{"v":0,"d":"0.00000"},{"v":0,"d":"0.00000"},{"$nulls":23},"8",null,"M","2",{"$nulls":3},"ROZPOCET",{"$nulls":5},{"v":0,"d":"0.00"},{"v":0,"d":"0.00"},{"v":0,"d":"0.00"},{"v":0,"d":"0.00"},{"v":0,"d":"0.00"},"2",{"v":0,"d":"0.00"},"4","248672499"]
[null,null,"4","K","151101101","Paženie a rozopretie stien rýh pre podzemné vedenie, príložné do 2 m","m2",{"v":14.25,"d":"14.250"},null,{"v":0,"d":"0.00"},null,null,"","znížená",null,{"v":0,"d":"0.00000"},0.00097,{"v":0.013822500000000001,"d":"0.01382"},{"v":0,"d":"0.00000"},{"v":0,"d":"0.00000"},{"$nulls":23},"4",null,"K","2",{"$nulls":3},"ROZPOCET",{"$nulls":5},{"v":0,"d":"0.00"},{"v":0,"d":"0.00"},{"v":0,"d":"0.00"},{"v":0,"d":"0.00"},{"v":0,"d":"0.00"},"2",{"v":0,"d":"0.00"},"4","-1613082789"]
[null,null,"5","K","151101111","Odstránenie paženia rýh pre podzemné vedenie, príložné hĺbky do 2 m","m2",{"v":14.25,"d":"14.250"},null,{"v":0,"d":"0.00"},null,null,"","znížená",null,{"v":0,"d":"0.00000"},{"v":0,"d":"0.00000"},{"v":0,"d":"0.00000"},{"v":0,"d":"0.00000"},{"v":0,"d":"0.00000"},{"$nulls":23},"4",null,"K","2",{"$nulls":3},"ROZPOCET",{"$nulls":5},{"v":0,"d":"0.00"},{"v":0,"d":"0.00"},{"v":0,"d":"0.00"},{"v":0,"d":"0.00"},{"v":0,"d":"0.00"},"2",{"v":0,"d":"0.00"},"4","-1978482120"]
[null,null,"6","K","174101001","Zásyp sypaninou so zhutnením jám, šachiet, rýh, zárezov alebo okolo objektov do 100 m3","m3",{"v":6.75,"d":"6.750"},null,{"v":0,"d":"0.00"},null,null,"","znížená",null,{"v":0,"d":"0.00000"},{"v":0,"d":"0.00000"},{"v":0,"d":"0.00000"},{"v":0,"d":"0.00000"},{"v":0,"d":"0.00000"},{"$nulls":23},"4",null,"K","2",{"$nulls":3},"ROZPOCET",{"$nulls":5},{"v":0,"d":"0.00"},{"v":0,"d":"0.00"},{"v":0,"d":"0.00"},{"v":0,"d":"0.00"},{"v":0,"d":"0.00"},"2",{"v":0,"d":"0.00"},"4","366371508"]
[{"$nulls":3},"D","2","Zakladanie",{"$nulls":3},{"$f":"BK131","v":{"v":0,"d":"0.00"}},{"$nulls":5},{"$f":"P132","v":{"v":0,"d":"0.00000"}},null,{"$f":"R132","v":{"v":8.4300942,"d":"8.43009"}},null,{"$f":"T132","v":{"v":0,"d":"0.00000"}},{"$nulls":23},"1",null,"D","1",{"$nulls":3},"ROZPOCET",{"$nulls":11},{"$f":"BK132","v":{"v":0,"d":"0.00"}}]
[null,null,"7","K","275313811","Betón základových pätiek, prostý tr.C 30/37","m3",{"v":3.63,"d":"3.630"},null,{"$f":"ROUND(I132*H132,2)","v":{"v":0,"d":"0.00"}},null,null,"","znížená",null,{"$f":"O132*H132","v":{"v":0,"d":"0.00000"}},2.32234,{"$f":"Q132*H132","v":{"v":8.4300942,"d":"8.43009"}},{"v":0,"d":"0.00000"},{"$f":"S132*H132","v":{"v":0,"d":"0.00000"}},{"$nulls":23},"4",null,"K","2",{"$nulls":3},"ROZPOCET",{"$nulls":5},{"$f":"IF(N132=\"základná\",J132,0)","v":{"v":0,"d":"0.00"}},{"$f":"IF(N132=\"znížená\",J132,0)","v":{"v":0,"d":"0.00"}},{"$f":"IF(N132=\"zákl. prenesená\",J132,0)","v":{"v":0,"d":"0.00"}},{"$f":"IF(N132=\"zníž. prenesená\",J132,0)","v":{"v":0,"d":"0.00"}},{"$f":"IF(N132=\"nulová\",J132,0)","v":{"v":0,"d":"0.00"}},"2",{"$f":"ROUND(I132*H132,2)","v":{"v":0,"d":"0.00"}},"4","1961186002"]
[{"$nulls":3},"D","M","Práce a dodávky M",{"$nulls":3},{"$f":"BK133","v":{"v":0,"d":"0.00"}},{"$nulls":5},{"$f":"P134+P190","v":{"v":0,"d":"0.00000"}},null,{"$f":"R134+R190","v":{"v":26.551544240000002,"d":"26.55154"}},null,{"$f":"T134+T190","v":{"v":0,"d":"0.00000"}},{"$nulls":23},"3",null,"D","0",{"$nulls":3},"ROZPOCET",{"$nulls":11},{"$f":"BK134+BK190","v":{"v":0,"d":"0.00"}}]
[{"$nulls":3},"D","21-M","Elektromontáže",{"$nulls":3},{"$f":"BK134","v":{"v":0,"d":"0.00"}},{"$nulls":5},{"$f":"SUM(P135:P189)","v":{"v":0,"d":"0.00000"}},null,{"$f":"SUM(R135:R189)","v":{"v":1.2258792400000003,"d":"1.22588"}},null,{"$f":"SUM(T135:T189)","v":{"v":0,"d":"0.00000"}},{"$nulls":23},"3",null,"D","1",{"$nulls":3},"ROZPOCET",{"$nulls":11},{"$f":"SUM(BK135:BK189)","v":{"v":0,"d":"0.00"}}]
[null,null,"8","K","210010124","Rúrka ochranná z PE, novoduru, do D 80 mm, uložená voľne, vnútorná","m",{"v":48,"d":"48.000"},null,{"$f":"ROUND(I135*H135,2)","v":{"v":0,"d":"0.00"}},null,null,"","znížená",null,{"$f":"O135*H135","v":{"v":0,"d":"0.00000"}},{"v":0,"d":"0.00000"},{"$f":"Q135*H135","v":{"v":0,"d":"0.00000"}},{"v":0,"d":"0.00000"},{"$f":"S135*H135","v":{"v":0,"d":"0.00000"}},{"$nulls":23},"64",null,"K","2",{"$nulls":3},"ROZPOCET",{"$nulls":5},{"$f":"IF(N135=\"základná\",J135,0)","v":{"v":0,"d":"0.00"}},{"$f":"IF(N135=\"znížená\",J135,0)","v":{"v":0,"d":"0.00"}},{"$f":"IF(N135=\"zákl. prenesená\",J135,0)","v":{"v":0,"d":"0.00"}},{"$f":"IF(N135=\"zníž. prenesená\",J135,0)","v":{"v":0,"d":"0.00"}},{"$f":"IF(N135=\"nulová\",J135,0)","v":{"v":0,"d":"0.00"}},"2",{"$f":"ROUND(I135*H135,2)","v":{"v":0,"d":"0.00"}},"64","-955619271"]
[null,null,"9","M","3412611007","Rúrka ohybná FXP63","m",{"v":52.8,"d":"52.800"},null,{"v":0,"d":"0.00"},null,null,"","znížená",null,{"v":0,"d":"0.00000"},{"v":5e-05,"d":"0.00005"},{"v":2.64E-3,"d":"0.00264"},{"v":0,"d":"0.00000"},{"v":0,"d":"0.00000"},{"$nulls":23},"128",null,"M","2",{"$nulls":3},"ROZPOCET",{"$nulls":5},{"v":0,"d":"0.00"},{"v":0,"d":"0.00"},{"v":0,"d":"0.00"},{"v":0,"d":"0.00"},{"v":0,"d":"0.00"},"2",{"v":0,"d":"0.00"},"128","1978621753"]
[null,null,"10","K","210010125","Rúrka ochranná z PE, novoduru ap., uložená voľne vnútorná do D 100 mm","m",{"v":243,"d":"243.000"},null,{"v":0,"d":"0.00"},null,null,"","znížená",null,{"v":0,"d":"0.00000"},{"v":0,"d":"0.00000"},{"v":0,"d":"0.00000"},{"v":0,"d":"0.00000"},{"v":0,"d":"0.00000"},{"$nulls":23},"64",null,"K","2",{"$nulls":3},"ROZPOCET",{"$nulls":5},{"v":0,"d":"0.00"},{"v":0,"d":"0.00"},{"v":0,"d":"0.00"},{"v":0,"d":"0.00"},{"v":0,"d":"0.00"},"2",{"v":0,"d":"0.00"},"64","1356057023"]
[null,null,"11","M","345710006500","Rúrka ohybná HD-PR FXKVR DN 90","m",{"v":243,"d":"243.000"},null,{"v":0,"d":"0.00"},null,null,"","znížená",null,{"v":0,"d":"0.00000"},0.00025,0.06075,{"v":0,"d":"0.00000"},{"v":0,"d":"0.00000"},{"$nulls":23},"128",null,"M","2",{"$nulls":3},"ROZPOCET",{"$nulls":5},{"v":0,"d":"0.00"},{"v":0,"d":"0.00"},{"v":0,"d":"0.00"},{"v":0,"d":"0.00"},{"v":0,"d":"0.00"},"2",{"v":0,"d":"0.00"},"128","-1295486007"]
[null,null,"12","K","2100101350","Rúrka ochranná z PE, novoduru ap., uložená pevne do D 80 mm","m",{"v":7,"d":"7.000"},null,{"v":0,"d":"0.00"},null,null,"","znížená",null,{"v":0,"d":"0.00000"},{"v":0,"d":"0.00000"},{"v":0,"d":"0.00000"},{"v":0,"d":"0.00000"},{"v":0,"d":"0.00000"},{"$nulls":23},"64",null,"K","2",{"$nulls":3},"ROZPOCET",{"$nulls":5},{"v":0,"d":"0.00"},{"v":0,"d":"0.00"},{"v":0,"d":"0.00"},{"v":0,"d":"0.00"},{"v":0,"d":"0.00"},"2",{"v":0,"d":"0.00"},"64","1204261682"]
[null,null,"13","M","2861120200","Chranicka kab. HDPE 63x5,8 pevna hladka","bm",{"v":7,"d":"7.000"},null,{"v":0,"d":"0.00"},null,null,"","znížená",null,{"v":0,"d":"0.00000"},{"v":1.4E-3,"d":"0.00140"},{"v":0.0098,"d":"0.00980"},{"v":0,"d":"0.00000"},{"v":0,"d":"0.00000"},{"$nulls":23},"128",null,"M","2",{"$nulls":3},"ROZPOCET",{"$nulls":5},{"v":0,"d":"0.00"},{"v":0,"d":"0.00"},{"v":0,"d":"0.00"},{"v":0,"d":"0.00"},{"v":0,"d":"0.00"},"2",{"v":0,"d":"0.00"},"128","791268014"]
[null,null,"14","M","3451106000","Príchytka SONAP  75-90","ks",8.167,null,{"v":0,"d":"0.00"},null,null,"","znížená",null,{"v":0,"d":"0.00000"},0.00072,{"v":0.00588024,"d":"0.00588"},{"v":0,"d":"0.00000"},{"v":0,"d":"0.00000"},{"$nulls":23},"128",null,"M","2",{"$nulls":3},"ROZPOCET",{"$nulls":5},{"v":0,"d":"0.00"},{"v":0,"d":"0.00"},{"v":0,"d":"0.00"},{"v":0,"d":"0.00"},{"v":0,"d":"0.00"},"2",{"v":0,"d":"0.00"},"128","-1932676209"]
[null,null,"15","M","3451106001","Paska upinacia 9,5mm / 2-2,5kN","m",{"v":15,"d":"15.000"},null,{"v":0,"d":"0.00"},null,null,"","znížená",null,{"v":0,"d":"0.00000"},{"v":0,"d":"0.00000"},{"v":0,"d":"0.00000"},{"v":0,"d":"0.00000"},{"v":0,"d":"0.00000"},{"$nulls":23},"128",null,"M","2",{"$nulls":3},"ROZPOCET",{"$nulls":5},{"v":0,"d":"0.00"},{"v":0,"d":"0.00"},{"v":0,"d":"0.00"},{"v":0,"d":"0.00"},{"v":0,"d":"0.00"},"2",{"v":0,"d":"0.00"},"128","1623699288"]
[null,null,"16","K","210050841","Číslovanie stožiara farbou","KUS",{"v":12,"d":"12.000"},null,{"v":0,"d":"0.00"},null,null,"","znížená",null,{"v":0,"d":"0.00000"},{"v":0,"d":"0.00000"},{"v":0,"d":"0.00000"},{"v":0,"d":"0.00000"},{"v":0,"d":"0.00000"},{"$nulls":23},"64",null,"K","2",{"$nulls":3},"ROZPOCET",{"$nulls":5},{"v":0,"d":"0.00"},{"v":0,"d":"0.00"},{"v":0,"d":"0.00"},{"v":0,"d":"0.00"},{"v":0,"d":"0.00"},"2",{"v":0,"d":"0.00"},"64","-1787142558"]
[null,null,"17","K","210101154","Koncovka eprosinová pre celoplastové káble 1 kV do 4 x 25 mm2 (3x35 mm2)","ks",{"v":24,"d":"24.000"},null,{"v":0,"d":"0.00"},null,null,"","znížená",null,{"v":0,"d":"0.00000"},{"v":0,"d":"0.00000"},{"v":0,"d":"0.00000"},{"v":0,"d":"0.00000"},{"v":0,"d":"0.00000"},{"$nulls":23},"64",null,"K","2",{"$nulls":3},"ROZPOCET",{"$nulls":5},{"v":0,"d":"0.00"},{"v":0,"d":"0.00"},{"v":0,"d":"0.00"},{"v":0,"d":"0.00"},{"v":0,"d":"0.00"},"2",{"v":0,"d":"0.00"},"64","417569598"]
[null,null,"18","M","3451810650","Hlava rozdel. kab. 4x 6-25 mm2","ks",{"v":24,"d":"24.000"},null,{"v":0,"d":"0.00"},null,null,"","znížená",null,{"v":0,"d":"0.00000"},{"v":0,"d":"0.00000"},{"v":0,"d":"0.00000"},{"v":0,"d":"0.00000"},{"v":0,"d":"0.00000"},{"$nulls":23},"128",null,"M","2",{"$nulls":3},"ROZPOCET",{"$nulls":5},{"v":0,"d":"0.00"},{"v":0,"d":"0.00"},{"v":0,"d":"0.00"},{"v":0,"d":"0.00"},{"v":0,"d":"0.00"},"2",{"v":0,"d":"0.00"},"128","1200354950"]
[null,null,"19","K","210120102","Poistkový náboj vč.montáže nožový náboj do 500 V","KUS",{"v":3,"d":"3.000"},null,{"v":0,"d":"0.00"},null,null,"","znížená",null,{"v":0,"d":"0.00000"},{"v":0,"d":"0.00000"},{"v":0,"d":"0.00000"},{"v":0,"d":"0.00000"},{"v":0,"d":"0.00000"},{"$nulls":23},"64",null,"K","2",{"$nulls":3},"ROZPOCET",{"$nulls":5},{"v":0,"d":"0.00"},{"v":0,"d":"0.00"},{"v":0,"d":"0.00"},{"v":0,"d":"0.00"},{"v":0,"d":"0.00"},"2",{"v":0,"d":"0.00"},"64","210951400"]
[null,null,"20","M","345290004300","Poistková vložka PNA000 6A gG, Un AC 500 V/DC 250 V, veľkosť 000, gG","ks",{"v":3,"d":"3.000"},null,{"v":0,"d":"0.00"},null,null,"","znížená",null,{"v":0,"d":"0.00000"},0.00013,{"v":3.8999999999999994E-4,"d":"0.00039"},{"v":0,"d":"0.00000"},{"v":0,"d":"0.00000"},{"$nulls":23},"128",null,"M","2",{"$nulls":3},"ROZPOCET",{"$nulls":5},{"v":0,"d":"0.00"},{"v":0,"d":"0.00"},{"v":0,"d":"0.00"},{"v":0,"d":"0.00"},{"v":0,"d":"0.00"},"2",{"v":0,"d":"0.00"},"128","2062630254"]
[null,null,"21","K","210120310","Bleskoistka NN a VN vrátane zapojenia NN do 500 V","ks",{"v":1,"d":"1.000"},null,{"v":0,"d":"0.00"},null,null,"","znížená",null,{"v":0,"d":"0.00000"},{"v":0,"d":"0.00000"},{"v":0,"d":"0.00000"},{"v":0,"d":"0.00000"},{"v":0,"d":"0.00000"},{"$nulls":23},"64",null,"K","2",{"$nulls":3},"ROZPOCET",{"$nulls":5},{"v":0,"d":"0.00"},{"v":0,"d":"0.00"},{"v":0,"d":"0.00"},{"v":0,"d":"0.00"},{"v":0,"d":"0.00"},"2",{"v":0,"d":"0.00"},"64","1768672893"]
[null,null,"22","M","3458020670","Obmedzovač BOP-R 044/10 + SE 45.1","ks",{"v":1,"d":"1.000"},null,{"v":0,"d":"0.00"},null,null,"","znížená",null,{"v":0,"d":"0.00000"},0.00026,0.00026,{"v":0,"d":"0.00000"},{"v":0,"d":"0.00000"},{"$nulls":23},"128",null,"M","2",{"$nulls":3},"ROZPOCET",{"$nulls":5},{"v":0,"d":"0.00"},{"v":0,"d":"0.00"},{"v":0,"d":"0.00"},{"v":0,"d":"0.00"},{"v":0,"d":"0.00"},"2",{"v":0,"d":"0.00"},"128","851910695"]
[null,null,"23","K","210193043","skriňa prípojková plastová SPP na stĺp","ks",{"v":1,"d":"1.000"},null,{"v":0,"d":"0.00"},null,null,"","znížená",null,{"v":0,"d":"0.00000"},{"v":0,"d":"0.00000"},{"v":0,"d":"0.00000"},{"v":0,"d":"0.00000"},{"v":0,"d":"0.00000"},{"$nulls":23},"64",null,"K","2",{"$nulls":3},"ROZPOCET",{"$nulls":5},{"v":0,"d":"0.00"},{"v":0,"d":"0.00"},{"v":0,"d":"0.00"},{"v":0,"d":"0.00"},{"v":0,"d":"0.00"},"2",{"v":0,"d":"0.00"},"64","1836103321"]
[null,null,"24","M","3570190793","Skriňa prípojková plastová jeden odberateľ  na stĺp SPP 2D IV P21","ks",{"v":1,"d":"1.000"},null,{"v":0,"d":"0.00"},null,null,"","znížená",null,{"v":0,"d":"0.00000"},{"v":0.005,"d":"0.00500"},{"v":0.005,"d":"0.00500"},{"v":0,"d":"0.00000"},{"v":0,"d":"0.00000"},{"$nulls":23},"128",null,"M","2",{"$nulls":3},"ROZPOCET",{"$nulls":5},{"v":0,"d":"0.00"},{"v":0,"d":"0.00"},{"v":0,"d":"0.00"},{"v":0,"d":"0.00"},{"v":0,"d":"0.00"},"2",{"v":0,"d":"0.00"},"128","-1666525868"]
[null,null,"25","M","PC-DRZ-UDPS","Držiak skrine SPP2","ks",{"v":1,"d":"1.000"},null,{"v":0,"d":"0.00"},null,null,"","znížená",null,{"v":0,"d":"0.00000"},{"v":0,"d":"0.00000"},{"v":0,"d":"0.00000"},{"v":0,"d":"0.00000"},{"v":0,"d":"0.00000"},{"$nulls":23},"128",null,"M","2",{"$nulls":3},"ROZPOCET",{"$nulls":5},{"v":0,"d":"0.00"},{"v":0,"d":"0.00"},{"v":0,"d":"0.00"},{"v":0,"d":"0.00"},{"v":0,"d":"0.00"},"2",{"v":0,"d":"0.00"},"128","-1222309677"]
[null,null,"26","M","3451106000","Príchytka SONAP  75-90","ks",{"v":5,"d":"5.000"},null,{"v":0,"d":"0.00"},null,null,"","znížená",null,{"v":0,"d":"0.00000"},0.00072,{"v":3.6000000000000003E-3,"d":"0.00360"},{"v":0,"d":"0.00000"},{"v":0,"d":"0.00000"},{"$nulls":23},"128",null,"M","2",{"$nulls":3},"ROZPOCET",{"$nulls":5},{"v":0,"d":"0.00"},{"v":0,"d":"0.00"},{"v":0,"d":"0.00"},{"v":0,"d":"0.00"},{"v":0,"d":"0.00"},"2",{"v":0,"d":"0.00"},"128","-792001019"]
[null,null,"27","M","3451106001","Paska upinacia 9,5mm / 2-2,5kN","m",{"v":8,"d":"8.000"},null,{"v":0,"d":"0.00"},null,null,"","znížená",null,{"v":0,"d":"0.00000"},{"v":0,"d":"0.00000"},{"v":0,"d":"0.00000"},{"v":0,"d":"0.00000"},{"v":0,"d":"0.00000"},{"$nulls":23},"128",null,"M","2",{"$nulls":3},"ROZPOCET",{"$nulls":5},{"v":0,"d":"0.00"},{"v":0,"d":"0.00"},{"v":0,"d":"0.00"},{"v":0,"d":"0.00"},{"v":0,"d":"0.00"},"2",{"v":0,"d":"0.00"},"128","-515192519"]
[null,null,"28","K","210201810","Zapojenie svietidla 1x svetelný zdroj, uličného, LED","ks",{"v":12,"d":"12.000"},null,{"v":0,"d":"0.00"},null,null,"","znížená",null,{"v":0,"d":"0.00000"},{"v":0,"d":"0.00000"},{"v":0,"d":"0.00000"},{"v":0,"d":"0.00000"},{"v":0,"d":"0.00000"},{"$nulls":23},"64",null,"K","2",{"$nulls":3},"ROZPOCET",{"$nulls":5},{"v":0,"d":"0.00"},{"v":0,"d":"0.00"},{"v":0,"d":"0.00"},{"v":0,"d":"0.00"},{"v":0,"d":"0.00"},"2",{"v":0,"d":"0.00"},"64","582139138"]
[null,null,"29","M","34843013501","Svietidlo BGP615 T25 1x LED12-4S/740 DM50; alebo alternatíva","ks",{"v":12,"d":"12.000"},null,{"v":0,"d":"0.00"},null,null,"","znížená",null,{"v":0,"d":"0.00000"},{"v":0.0069,"d":"0.00690"},{"v":0.0828,"d":"0.08280"},{"v":0,"d":"0.00000"},{"v":0,"d":"0.00000"},{"$nulls":23},"128",null,"M","2",{"$nulls":3},"ROZPOCET",{"$nulls":5},{"v":0,"d":"0.00"},{"v":0,"d":"0.00"},{"v":0,"d":"0.00"},{"v":0,"d":"0.00"},{"v":0,"d":"0.00"},"2",{"v":0,"d":"0.00"},"128","-1727511892"]
[null,null,"30","K","210201851","Montáž 4m stožiara so zemným koncom pre uličné svietidlá","ks",{"v":11,"d":"11.000"},null,{"v":0,"d":"0.00"},null,null,"","znížená",null,{"v":0,"d":"0.00000"},{"v":0,"d":"0.00000"},{"v":0,"d":"0.00000"},{"v":0,"d":"0.00000"},{"v":0,"d":"0.00000"},{"$nulls":23},"64",null,"K","2",{"$nulls":3},"ROZPOCET",{"$nulls":5},{"v":0,"d":"0.00"},{"v":0,"d":"0.00"},{"v":0,"d":"0.00"},{"v":0,"d":"0.00"},{"v":0,"d":"0.00"},"2",{"v":0,"d":"0.00"},"64","-936837496"]
[null,null,"31","M","3484301460","Osvetľovací stožiar s prírubou STK 60/40/3PK14 (4m); alebo alternatíva","ks",{"v":11,"d":"11.000"},null,{"v":0,"d":"0.00"},null,null,"","znížená",null,{"v":0,"d":"0.00000"},{"v":0.028,"d":"0.02800"},{"v":0.308,"d":"0.30800"},{"v":0,"d":"0.00000"},{"v":0,"d":"0.00000"},{"$nulls":23},"128",null,"M","2",{"$nulls":3},"ROZPOCET",{"$nulls":5},{"v":0,"d":"0.00"},{"v":0,"d":"0.00"},{"v":0,"d":"0.00"},{"v":0,"d":"0.00"},{"v":0,"d":"0.00"},"2",{"v":0,"d":"0.00"},"128","-734082517"]
[null,null,"32","M","348370004500","Rošt základový ZR pre stožiar výšky 3-5 m","ks",{"v":11,"d":"11.000"},null,{"v":0,"d":"0.00"},null,null,"","znížená",null,{"v":0,"d":"0.00000"},{"v":0.04,"d":"0.04000"},{"v":0.44,"d":"0.44000"},{"v":0,"d":"0.00000"},{"v":0,"d":"0.00000"},{"$nulls":23},"128",null,"M","2",{"$nulls":3},"ROZPOCET",{"$nulls":5},{"v":0,"d":"0.00"},{"v":0,"d":"0.00"},{"v":0,"d":"0.00"},{"v":0,"d":"0.00"},{"v":0,"d":"0.00"},"2",{"v":0,"d":"0.00"},"128","-1935492281"]
[null,null,"33","K","210204103","Výložník oceľový jednoramenný - do hmotn. 35 kg","ks",{"v":1,"d":"1.000"},null,{"v":0,"d":"0.00"},null,null,"","znížená",null,{"v":0,"d":"0.00000"},{"v":0,"d":"0.00000"},{"v":0,"d":"0.00000"},{"v":0,"d":"0.00000"},{"v":0,"d":"0.00000"},{"$nulls":23},"64",null,"K","2",{"$nulls":3},"ROZPOCET",{"$nulls":5},{"v":0,"d":"0.00"},{"v":0,"d":"0.00"},{"v":0,"d":"0.00"},{"v":0,"d":"0.00"},{"v":0,"d":"0.00"},"2",{"v":0,"d":"0.00"},"64","87276893"]
[null,null,"34","M","3160307600","Výložník V-BS-500; alebo alternatíva","ks",{"v":1,"d":"1.000"},null,{"v":0,"d":"0.00"},null,null,"","znížená",null,{"v":0,"d":"0.00000"},{"v":8.6E-3,"d":"0.00860"},{"v":8.6E-3,"d":"0.00860"},{"v":0,"d":"0.00000"},{"v":0,"d":"0.00000"},{"$nulls":23},"128",null,"M","2",{"$nulls":3},"ROZPOCET",{"$nulls":5},{"v":0,"d":"0.00"},{"v":0,"d":"0.00"},{"v":0,"d":"0.00"},{"v":0,"d":"0.00"},{"v":0,"d":"0.00"},"2",{"v":0,"d":"0.00"},"128","-1345431052"]
[null,null,"35","K","210204201","Elektrovýstroj stožiara pre 1 okruh","ks",{"v":11,"d":"11.000"},null,{"v":0,"d":"0.00"},null,null,"","znížená",null,{"v":0,"d":"0.00000"},{"v":0,"d":"0.00000"},{"v":0,"d":"0.00000"},{"v":0,"d":"0.00000"},{"v":0,"d":"0.00000"},{"$nulls":23},"64",null,"K","2",{"$nulls":3},"ROZPOCET",{"$nulls":5},{"v":0,"d":"0.00"},{"v":0,"d":"0.00"},{"v":0,"d":"0.00"},{"v":0,"d":"0.00"},{"v":0,"d":"0.00"},"2",{"v":0,"d":"0.00"},"64","535413894"]
[null,null,"36","M","3450662300","Svorkovnica  NTB1; alebo alternatíva","ks",{"v":11,"d":"11.000"},null,{"v":0,"d":"0.00"},null,null,"","znížená",null,{"v":0,"d":"0.00000"},{"v":3.1E-4,"d":"0.00031"},0.00341,{"v":0,"d":"0.00000"},{"v":0,"d":"0.00000"},{"$nulls":23},"128",null,"M","2",{"$nulls":3},"ROZPOCET",{"$nulls":5},{"v":0,"d":"0.00"},{"v":0,"d":"0.00"},{"v":0,"d":"0.00"},{"v":0,"d":"0.00"},{"v":0,"d":"0.00"},"2",{"v":0,"d":"0.00"},"128","10501505"]
[null,null,"37","M","3580760749","Poistková vložka PV10 6A gG","ks",{"v":11,"d":"11.000"},null,{"v":0,"d":"0.00"},null,null,"","znížená",null,{"v":0,"d":"0.00000"},{"v":1e-05,"d":"0.00001"},{"v":1.1E-4,"d":"0.00011"},{"v":0,"d":"0.00000"},{"v":0,"d":"0.00000"},{"$nulls":23},"128",null,"M","2",{"$nulls":3},"ROZPOCET",{"$nulls":5},{"v":0,"d":"0.00"},{"v":0,"d":"0.00"},{"v":0,"d":"0.00"},{"v":0,"d":"0.00"},{"v":0,"d":"0.00"},"2",{"v":0,"d":"0.00"},"128","-1182163714"]
[null,null,"38","K","210220001","Uzemňovacie vedenie na povrchu FeZn","m",{"v":24,"d":"24.000"},null,{"v":0,"d":"0.00"},null,null,"","znížená",null,{"v":0,"d":"0.00000"},{"v":0,"d":"0.00000"},{"v":0,"d":"0.00000"},{"v":0,"d":"0.00000"},{"v":0,"d":"0.00000"},{"$nulls":23},"64",null,"K","2",{"$nulls":3},"ROZPOCET",{"$nulls":5},{"v":0,"d":"0.00"},{"v":0,"d":"0.00"},{"v":0,"d":"0.00"},{"v":0,"d":"0.00"},{"v":0,"d":"0.00"},"2",{"v":0,"d":"0.00"},"64","-1435730642"]
[null,null,"39","M","3544224150","Územňovací vodič    ocelový žiarovo zinkovaný  označenie     O 10","kg",{"v":24,"d":"24.000"},null,{"v":0,"d":"0.00"},null,null,"","znížená",null,{"v":0,"d":"0.00000"},{"v":1E-3,"d":"0.00100"},{"v":0.024,"d":"0.02400"},{"v":0,"d":"0.00000"},{"v":0,"d":"0.00000"},{"$nulls":23},"128",null,"M","2",{"$nulls":3},"ROZPOCET",{"$nulls":5},{"v":0,"d":"0.00"},{"v":0,"d":"0.00"},{"v":0,"d":"0.00"},{"v":0,"d":"0.00"},{"v":0,"d":"0.00"},"2",{"v":0,"d":"0.00"},"128","-114903119"]
[null,null,"40","K","210220010","Náter zemniaceho pásku do 120 mm2(1x náter včít.svo riek a vyznač.žlt.pruhov)","m",{"v":6,"d":"6.000"},null,{"v":0,"d":"0.00"},null,null,"","znížená",null,{"v":0,"d":"0.00000"},{"v":0,"d":"0.00000"},{"v":0,"d":"0.00000"},{"v":0,"d":"0.00000"},{"v":0,"d":"0.00000"},{"$nulls":23},"64",null,"K","2",{"$nulls":3},"ROZPOCET",{"$nulls":5},{"v":0,"d":"0.00"},{"v":0,"d":"0.00"},{"v":0,"d":"0.00"},{"v":0,"d":"0.00"},{"v":0,"d":"0.00"},"2",{"v":0,"d":"0.00"},"64","-2061375137"]
[null,null,"41","M","2462167500","Email syntetický  vonkajší Industrol zelený S 2013","kg",0.019,null,{"v":0,"d":"0.00"},null,null,"","znížená",null,{"v":0,"d":"0.00000"},{"v":1E-3,"d":"0.00100"},{"v":1.9e-05,"d":"0.00002"},{"v":0,"d":"0.00000"},{"v":0,"d":"0.00000"},{"$nulls":23},"128",null,"M","2",{"$nulls":3},"ROZPOCET",{"$nulls":5},{"v":0,"d":"0.00"},{"v":0,"d":"0.00"},{"v":0,"d":"0.00"},{"v":0,"d":"0.00"},{"v":0,"d":"0.00"},"2",{"v":0,"d":"0.00"},"128","-1148024618"]
[null,null,"42","M","2462168100","Email syntetický  vonkajší Industrol žltý   S 2013","kg",{"v":0.01,"d":"0.010"},null,{"v":0,"d":"0.00"},null,null,"","znížená",null,{"v":0,"d":"0.00000"},{"v":1E-3,"d":"0.00100"},{"v":1e-05,"d":"0.00001"},{"v":0,"d":"0.00000"},{"v":0,"d":"0.00000"},{"$nulls":23},"128",null,"M","2",{"$nulls":3},"ROZPOCET",{"$nulls":5},{"v":0,"d":"0.00"},{"v":0,"d":"0.00"},{"v":0,"d":"0.00"},{"v":0,"d":"0.00"},{"v":0,"d":"0.00"},"2",{"v":0,"d":"0.00"},"128","1956887814"]
[null,null,"43","M","2464203000","Riedidlo do olejovo-syntetickej farby S 6006","kg",{"v":0.01,"d":"0.010"},null,{"v":0,"d":"0.00"},null,null,"","znížená",null,{"v":0,"d":"0.00000"},{"v":1E-3,"d":"0.00100"},{"v":1e-05,"d":"0.00001"},{"v":0,"d":"0.00000"},{"v":0,"d":"0.00000"},{"$nulls":23},"128",null,"M","2",{"$nulls":3},"ROZPOCET",{"$nulls":5},{"v":0,"d":"0.00"},{"v":0,"d":"0.00"},{"v":0,"d":"0.00"},{"v":0,"d":"0.00"},{"v":0,"d":"0.00"},"2",{"v":0,"d":"0.00"},"128","-165056929"]
[null,null,"44","K","210220021","Uzemňovacie vedenie v zemi včít. svoriek,prepojenia, izolácie spojov FeZn do 120 mm2","m",{"v":277,"d":"277.000"},null,{"v":0,"d":"0.00"},null,null,"","znížená",null,{"v":0,"d":"0.00000"},{"v":0,"d":"0.00000"},{"v":0,"d":"0.00000"},{"v":0,"d":"0.00000"},{"v":0,"d":"0.00000"},{"$nulls":23},"64",null,"K","2",{"$nulls":3},"ROZPOCET",{"$nulls":5},{"v":0,"d":"0.00"},{"v":0,"d":"0.00"},{"v":0,"d":"0.00"},{"v":0,"d":"0.00"},{"v":0,"d":"0.00"},"2",{"v":0,"d":"0.00"},"64","-1010979173"]
[null,null,"45","M","3544112000","Páska uzemňovacia 30x4 mm","kg",{"v":260.38,"d":"260.380"},null,{"v":0,"d":"0.00"},null,null,"","znížená",null,{"v":0,"d":"0.00000"},{"v":1E-3,"d":"0.00100"},0.26038,{"v":0,"d":"0.00000"},{"v":0,"d":"0.00000"},{"$nulls":23},"128",null,"M","2",{"$nulls":3},"ROZPOCET",{"$nulls":5},{"v":0,"d":"0.00"},{"v":0,"d":"0.00"},{"v":0,"d":"0.00"},{"v":0,"d":"0.00"},{"v":0,"d":"0.00"},"2",{"v":0,"d":"0.00"},"128","-1899867865"]
[null,null,"46","K","210220301","Bleskozvodová svorka do 2 skrutiek (SS, SR 03)","KUS",{"v":46,"d":"46.000"},null,{"v":0,"d":"0.00"},null,null,"","znížená",null,{"v":0,"d":"0.00000"},{"v":0,"d":"0.00000"},{"v":0,"d":"0.00000"},{"v":0,"d":"0.00000"},{"v":0,"d":"0.00000"},{"$nulls":23},"64",null,"K","2",{"$nulls":3},"ROZPOCET",{"$nulls":5},{"v":0,"d":"0.00"},{"v":0,"d":"0.00"},{"v":0,"d":"0.00"},{"v":0,"d":"0.00"},{"v":0,"d":"0.00"},"2",{"v":0,"d":"0.00"},"64","-15533398"]
[null,null,"47","M","3540406500","HR-Svorka SR 02","ks",{"v":10,"d":"10.000"},null,{"v":0,"d":"0.00"},null,null,"","znížená",null,{"v":0,"d":"0.00000"},{"v":0,"d":"0.00000"},{"v":0,"d":"0.00000"},{"v":0,"d":"0.00000"},{"v":0,"d":"0.00000"},{"$nulls":23},"128",null,"M","2",{"$nulls":3},"ROZPOCET",{"$nulls":5},{"v":0,"d":"0.00"},{"v":0,"d":"0.00"},{"v":0,"d":"0.00"},{"v":0,"d":"0.00"},{"v":0,"d":"0.00"},"2",{"v":0,"d":"0.00"},"128","368439957"]
[null,null,"48","M","354040670","HR-Svorka SR 03","ks",{"v":24,"d":"24.000"},null,{"v":0,"d":"0.00"},null,null,"","znížená",null,{"v":0,"d":"0.00000"},{"v":0,"d":"0.00000"},{"v":0,"d":"0.00000"},{"v":0,"d":"0.00000"},{"v":0,"d":"0.00000"},{"$nulls":23},"128",null,"M","2",{"$nulls":3},"ROZPOCET",{"$nulls":5},{"v":0,"d":"0.00"},{"v":0,"d":"0.00"},{"v":0,"d":"0.00"},{"v":0,"d":"0.00"},{"v":0,"d":"0.00"},"2",{"v":0,"d":"0.00"},"128","-298981455"]
[null,null,"49","M","3540406300","HR-Svorka SP 1","ks",{"v":12,"d":"12.000"},null,{"v":0,"d":"0.00"},null,null,"","znížená",null,{"v":0,"d":"0.00000"},{"v":0,"d":"0.00000"},{"v":0,"d":"0.00000"},{"v":0,"d":"0.00000"},{"v":0,"d":"0.00000"},{"$nulls":23},"128",null,"M","2",{"$nulls":3},"ROZPOCET",{"$nulls":5},{"v":0,"d":"0.00"},{"v":0,"d":"0.00"},{"v":0,"d":"0.00"},{"v":0,"d":"0.00"},{"v":0,"d":"0.00"},"2",{"v":0,"d":"0.00"},"128","-1577562174"]
[null,null,"50","K","210800146","Kábel medený uložený pevne CYKY 450/750 V 3x1,5","m",{"v":55,"d":"55.000"},null,{"v":0,"d":"0.00"},null,null,"","znížená",null,{"v":0,"d":"0.00000"},{"v":0,"d":"0.00000"},{"v":0,"d":"0.00000"},{"v":0,"d":"0.00000"},{"v":0,"d":"0.00000"},{"$nulls":23},"64",null,"K","2",{"$nulls":3},"ROZPOCET",{"$nulls":5},{"v":0,"d":"0.00"},{"v":0,"d":"0.00"},{"v":0,"d":"0.00"},{"v":0,"d":"0.00"},{"v":0,"d":"0.00"},"2",{"v":0,"d":"0.00"},"64","482668261"]
[null,null,"51","M","3410350085","CYKY 3x1,5    Kábel pre pevné uloženie, medený STN","m",{"v":55,"d":"55.000"},null,{"v":0,"d":"0.00"},null,null,"","znížená",null,{"v":0,"d":"0.00000"},0.00014,{"v":0.007699999999999999,"d":"0.00770"},{"v":0,"d":"0.00000"},{"v":0,"d":"0.00000"},{"$nulls":23},"128",null,"M","2",{"$nulls":3},"ROZPOCET",{"$nulls":5},{"v":0,"d":"0.00"},{"v":0,"d":"0.00"},{"v":0,"d":"0.00"},{"v":0,"d":"0.00"},{"v":0,"d":"0.00"},"2",{"v":0,"d":"0.00"},"128","1836385637"]
[null,null,"52","K","210901066","Kábel hliníkový silový, uložený v trubke AYKY 450/750 V 4x16","m",{"v":336,"d":"336.000"},null,{"v":0,"d":"0.00"},null,null,"","znížená",null,{"v":0,"d":"0.00000"},{"v":0,"d":"0.00000"},{"v":0,"d":"0.00000"},{"v":0,"d":"0.00000"},{"v":0,"d":"0.00000"},{"$nulls":23},"64",null,"K","2",{"$nulls":3},"ROZPOCET",{"$nulls":5},{"v":0,"d":"0.00"},{"v":0,"d":"0.00"},{"v":0,"d":"0.00"},{"v":0,"d":"0.00"},{"v":0,"d":"0.00"},"2",{"v":0,"d":"0.00"},"64","-1605265343"]
[null,null,"53","M","3410350002","AYKY 4x16    Kábel pre pevné uloženie, hliníkový ČSN, STN","m",{"v":336,"d":"336.000"},null,{"v":0,"d":"0.00"},null,null,"","znížená",null,{"v":0,"d":"0.00000"},{"v":0,"d":"0.00000"},{"v":0,"d":"0.00000"},{"v":0,"d":"0.00000"},{"v":0,"d":"0.00000"},{"$nulls":23},"128",null,"M","2",{"$nulls":3},"ROZPOCET",{"$nulls":5},{"v":0,"d":"0.00"},{"v":0,"d":"0.00"},{"v":0,"d":"0.00"},{"v":0,"d":"0.00"},{"v":0,"d":"0.00"},"2",{"v":0,"d":"0.00"},"128","146694184"]
[null,null,"54","K","210902175","Vodič hliníkový silový uložený v trubke 1-AYY 0,6/1 kV 1x70 ","m",{"v":8,"d":"8.000"},null,{"v":0,"d":"0.00"},null,null,"","znížená",null,{"v":0,"d":"0.00000"},{"v":0,"d":"0.00000"},{"v":0,"d":"0.00000"},{"v":0,"d":"0.00000"},{"v":0,"d":"0.00000"},{"$nulls":23},"64",null,"K","2",{"$nulls":3},"ROZPOCET",{"$nulls":5},{"v":0,"d":"0.00"},{"v":0,"d":"0.00"},{"v":0,"d":"0.00"},{"v":0,"d":"0.00"},{"v":0,"d":"0.00"},"2",{"v":0,"d":"0.00"},"64","1943428253"]
[null,null,"55","M","3410350035","1-AYY 1x70    Kábel pre pevné uloženie, hliníkový STN","m",{"v":8.4,"d":"8.400"},null,{"v":0,"d":"0.00"},null,null,"","znížená",null,{"v":0,"d":"0.00000"},{"v":0.0003,"d":"0.00030"},{"v":2.5199999999999997E-3,"d":"0.00252"},{"v":0,"d":"0.00000"},{"v":0,"d":"0.00000"},{"$nulls":23},"128",null,"M","2",{"$nulls":3},"ROZPOCET",{"$nulls":5},{"v":0,"d":"0.00"},{"v":0,"d":"0.00"},{"v":0,"d":"0.00"},{"v":0,"d":"0.00"},{"v":0,"d":"0.00"},"2",{"v":0,"d":"0.00"},"128","-192298801"]
[null,null,"56","K","210950202","Príplatok na zaťahovanie káblov, váha kábla do 2 kg","m",{"v":336,"d":"336.000"},null,{"v":0,"d":"0.00"},null,null,"","znížená",null,{"v":0,"d":"0.00000"},{"v":0,"d":"0.00000"},{"v":0,"d":"0.00000"},{"v":0,"d":"0.00000"},{"v":0,"d":"0.00000"},{"$nulls":23},"64",null,"K","2",{"$nulls":3},"ROZPOCET",{"$nulls":5},{"v":0,"d":"0.00"},{"v":0,"d":"0.00"},{"v":0,"d":"0.00"},{"v":0,"d":"0.00"},{"v":0,"d":"0.00"},"2",{"v":0,"d":"0.00"},"64","-1084720971"]
[null,null,"57","K","HZS-001","Revízie","hod",{"v":8,"d":"8.000"},null,{"v":0,"d":"0.00"},null,null,"","znížená",null,{"v":0,"d":"0.00000"},{"v":0,"d":"0.00000"},{"v":0,"d":"0.00000"},{"v":0,"d":"0.00000"},{"v":0,"d":"0.00000"},{"$nulls":23},"512",null,"K","2",{"$nulls":3},"ROZPOCET",{"$nulls":5},{"v":0,"d":"0.00"},{"v":0,"d":"0.00"},{"v":0,"d":"0.00"},{"v":0,"d":"0.00"},{"v":0,"d":"0.00"},"2",{"v":0,"d":"0.00"},"512","816666243"]
[null,null,"58","K","HZS-002","Práca montéra pri odpojení zariadenia od siete","hod",{"v":2,"d":"2.000"},null,{"v":0,"d":"0.00"},null,null,"","znížená",null,{"v":0,"d":"0.00000"},{"v":0,"d":"0.00000"},{"v":0,"d":"0.00000"},{"v":0,"d":"0.00000"},{"v":0,"d":"0.00000"},{"$nulls":23},"512",null,"K","2",{"$nulls":3},"ROZPOCET",{"$nulls":5},{"v":0,"d":"0.00"},{"v":0,"d":"0.00"},{"v":0,"d":"0.00"},{"v":0,"d":"0.00"},{"v":0,"d":"0.00"},"2",{"v":0,"d":"0.00"},"512","1085838650"]
[null,null,"59","K","HZS-003","Práca montéra pri zapojení do siete","hod",{"v":2,"d":"2.000"},null,{"v":0,"d":"0.00"},null,null,"","znížená",null,{"v":0,"d":"0.00000"},{"v":0,"d":"0.00000"},{"v":0,"d":"0.00000"},{"v":0,"d":"0.00000"},{"v":0,"d":"0.00000"},{"$nulls":23},"512",null,"K","2",{"$nulls":3},"ROZPOCET",{"$nulls":5},{"v":0,"d":"0.00"},{"v":0,"d":"0.00"},{"v":0,"d":"0.00"},{"v":0,"d":"0.00"},{"v":0,"d":"0.00"},"2",{"v":0,"d":"0.00"},"512","-991100173"]
[null,null,"60","K","MV","Murárske výpomoci","%",null,null,{"v":0,"d":"0.00"},null,null,"","znížená",null,{"v":0,"d":"0.00000"},{"v":0,"d":"0.00000"},{"v":0,"d":"0.00000"},{"v":0,"d":"0.00000"},{"v":0,"d":"0.00000"},{"$nulls":23},"64",null,"K","2",{"$nulls":3},"ROZPOCET",{"$nulls":5},{"v":0,"d":"0.00"},{"v":0,"d":"0.00"},{"v":0,"d":"0.00"},{"v":0,"d":"0.00"},{"v":0,"d":"0.00"},"2",{"v":0,"d":"0.00"},"64","-446159169"]
[null,null,"61","K","PM","Podružný materiál","%",null,null,{"v":0,"d":"0.00"},null,null,"","znížená",null,{"v":0,"d":"0.00000"},{"v":0,"d":"0.00000"},{"v":0,"d":"0.00000"},{"v":0,"d":"0.00000"},{"v":0,"d":"0.00000"},{"$nulls":23},"128",null,"K","2",{"$nulls":3},"ROZPOCET",{"$nulls":5},{"v":0,"d":"0.00"},{"v":0,"d":"0.00"},{"v":0,"d":"0.00"},{"v":0,"d":"0.00"},{"v":0,"d":"0.00"},"2",{"v":0,"d":"0.00"},"128","921701468"]
[null,null,"62","K","PPV","Podiel pridružených výkonov","%",null,null,{"v":0,"d":"0.00"},null,null,"","znížená",null,{"v":0,"d":"0.00000"},{"v":0,"d":"0.00000"},{"v":0,"d":"0.00000"},{"v":0,"d":"0.00000"},{"v":0,"d":"0.00000"},{"$nulls":23},"64",null,"K","2",{"$nulls":3},"ROZPOCET",{"$nulls":5},{"v":0,"d":"0.00"},{"v":0,"d":"0.00"},{"v":0,"d":"0.00"},{"v":0,"d":"0.00"},{"v":0,"d":"0.00"},"2",{"v":0,"d":"0.00"},"64","252469932"]
[{"$nulls":3},"D","46-M","Zemné práce pri extr.mont.prácach",{"$nulls":3},{"$f":"BK190","v":{"v":0,"d":"0.00"}},{"$nulls":5},{"$f":"SUM(P191:P205)","v":{"v":0,"d":"0.00000"}},null,{"$f":"SUM(R191:R205)","v":{"v":25.325665,"d":"25.32567"}},null,{"$f":"SUM(T191:T205)","v":{"v":0,"d":"0.00000"}},{"$nulls":23},"3",null,"D","1",{"$nulls":3},"ROZPOCET",{"$nulls":11},{"$f":"SUM(BK191:BK205)","v":{"v":0,"d":"0.00"}}]
[null,null,"63","K","460050612","Výkop jamy pre stožiar, bet.základ, kotvu, príp. iné zar.,(vč.čerp.vody), strojový ,v zemine tr. 3-4","m3",{"v":4.2,"d":"4.200"},null,{"$f":"ROUND(I191*H191,2)","v":{"v":0,"d":"0.00"}},null,null,"","znížená",null,{"$f":"O191*H191","v":{"v":0,"d":"0.00000"}},{"v":0,"d":"0.00000"},{"$f":"Q191*H191","v":{"v":0,"d":"0.00000"}},{"v":0,"d":"0.00000"},{"$f":"S191*H191","v":{"v":0,"d":"0.00000"}},{"$nulls":23},"64",null,"K","2",{"$nulls":3},"ROZPOCET",{"$nulls":5},{"$f":"IF(N191=\"základná\",J191,0)","v":{"v":0,"d":"0.00"}},{"$f":"IF(N191=\"znížená\",J191,0)","v":{"v":0,"d":"0.00"}},{"$f":"IF(N191=\"zákl. prenesená\",J191,0)","v":{"v":0,"d":"0.00"}},{"$f":"IF(N191=\"zníž. prenesená\",J191,0)","v":{"v":0,"d":"0.00"}},{"$f":"IF(N191=\"nulová\",J191,0)","v":{"v":0,"d":"0.00"}},"2",{"$f":"ROUND(I191*H191,2)","v":{"v":0,"d":"0.00"}},"64","-816180039"]
[null,null,"64","K","460120061","Odvoz zeminy vrátane naloženia, rozhodenia a úpravy povrchu.","m3",{"v":29.86,"d":"29.860"},null,{"v":0,"d":"0.00"},null,null,"","znížená",null,{"v":0,"d":"0.00000"},{"v":0,"d":"0.00000"},{"v":0,"d":"0.00000"},{"v":0,"d":"0.00000"},{"v":0,"d":"0.00000"},{"$nulls":23},"64",null,"K","2",{"$nulls":3},"ROZPOCET",{"$nulls":5},{"v":0,"d":"0.00"},{"v":0,"d":"0.00"},{"v":0,"d":"0.00"},{"v":0,"d":"0.00"},{"v":0,"d":"0.00"},"2",{"v":0,"d":"0.00"},"64","1757070730"]
[null,null,"65","K","460200143","Hĺbenie káblovej ryhy 35 cm širokej a 60 cm hlbokej, v zemine triedy 3","m",{"v":232,"d":"232.000"},null,{"v":0,"d":"0.00"},null,null,"","znížená",null,{"v":0,"d":"0.00000"},{"v":0,"d":"0.00000"},{"v":0,"d":"0.00000"},{"v":0,"d":"0.00000"},{"v":0,"d":"0.00000"},{"$nulls":23},"64",null,"K","2",{"$nulls":3},"ROZPOCET",{"$nulls":5},{"v":0,"d":"0.00"},{"v":0,"d":"0.00"},{"v":0,"d":"0.00"},{"v":0,"d":"0.00"},{"v":0,"d":"0.00"},"2",{"v":0,"d":"0.00"},"64","-537957754"]
[null,null,"66","K","460200304","Hĺbenie káblovej ryhy ručne 50 cm širokej a 120 cm hlbokej, v zemine triedy 4","m",{"v":11,"d":"11.000"},null,{"v":0,"d":"0.00"},null,null,"","znížená",null,{"v":0,"d":"0.00000"},{"v":0,"d":"0.00000"},{"v":0,"d":"0.00000"},{"v":0,"d":"0.00000"},{"v":0,"d":"0.00000"},{"$nulls":23},"64",null,"K","2",{"$nulls":3},"ROZPOCET",{"$nulls":5},{"v":0,"d":"0.00"},{"v":0,"d":"0.00"},{"v":0,"d":"0.00"},{"v":0,"d":"0.00"},{"v":0,"d":"0.00"},"2",{"v":0,"d":"0.00"},"64","-1868145098"]
[null,null,"67","K","460420022","Zriadenie, rekonšt. káblového lôžka z piesku bez zakrytia, v ryhe šír. do 65 cm, hrúbky vrstvy 10 cm","m",{"v":243,"d":"243.000"},null,{"v":0,"d":"0.00"},null,null,"","znížená",null,{"v":0,"d":"0.00000"},{"v":0,"d":"0.00000"},{"v":0,"d":"0.00000"},{"v":0,"d":"0.00000"},{"v":0,"d":"0.00000"},{"$nulls":23},"64",null,"K","2",{"$nulls":3},"ROZPOCET",{"$nulls":5},{"v":0,"d":"0.00"},{"v":0,"d":"0.00"},{"v":0,"d":"0.00"},{"v":0,"d":"0.00"},{"v":0,"d":"0.00"},"2",{"v":0,"d":"0.00"},"64","1161217285"]
[null,null,"68","M","5831214500","Drvina vápencová zmes  0 - 4","t",25.272,null,{"v":0,"d":"0.00"},null,null,"","znížená",null,{"v":0,"d":"0.00000"},{"v":1,"d":"1.00000"},{"v":25.272,"d":"25.27200"},{"v":0,"d":"0.00000"},{"v":0,"d":"0.00000"},{"$nulls":23},"128",null,"M","2",{"$nulls":3},"ROZPOCET",{"$nulls":5},{"v":0,"d":"0.00"},{"v":0,"d":"0.00"},{"v":0,"d":"0.00"},{"v":0,"d":"0.00"},{"v":0,"d":"0.00"},"2",{"v":0,"d":"0.00"},"128","482506776"]
[null,null,"69","K","460490012","Rozvinutie a uloženie výstražnej fólie z PVC do ryhy, šírka 33 cm","m",{"v":243,"d":"243.000"},null,{"v":0,"d":"0.00"},null,null,"","znížená",null,{"v":0,"d":"0.00000"},{"v":0,"d":"0.00000"},{"v":0,"d":"0.00000"},{"v":0,"d":"0.00000"},{"v":0,"d":"0.00000"},{"$nulls":23},"64",null,"K","2",{"$nulls":3},"ROZPOCET",{"$nulls":5},{"v":0,"d":"0.00"},{"v":0,"d":"0.00"},{"v":0,"d":"0.00"},{"v":0,"d":"0.00"},{"v":0,"d":"0.00"},"2",{"v":0,"d":"0.00"},"64","-1048204454"]
[null,null,"70","M","2830002000","Fólia červená v m","M",{"v":243,"d":"243.000"},null,{"v":0,"d":"0.00"},null,null,"","znížená",null,{"v":0,"d":"0.00000"},0.00021,0.05103,{"v":0,"d":"0.00000"},{"v":0,"d":"0.00000"},{"$nulls":23},"128",null,"M","2",{"$nulls":3},"ROZPOCET",{"$nulls":5},{"v":0,"d":"0.00"},{"v":0,"d":"0.00"},{"v":0,"d":"0.00"},{"v":0,"d":"0.00"},{"v":0,"d":"0.00"},"2",{"v":0,"d":"0.00"},"128","8567098"]
[null,null,"71","K","460560143","Ručný zásyp nezap. káblovej ryhy bez zhutn. zeminy, 35 cm širokej, 60 cm hlbokej v zemine tr. 3","m",{"v":232,"d":"232.000"},null,{"v":0,"d":"0.00"},null,null,"","znížená",null,{"v":0,"d":"0.00000"},{"v":0,"d":"0.00000"},{"v":0,"d":"0.00000"},{"v":0,"d":"0.00000"},{"v":0,"d":"0.00000"},{"$nulls":23},"64",null,"K","2",{"$nulls":3},"ROZPOCET",{"$nulls":5},{"v":0,"d":"0.00"},{"v":0,"d":"0.00"},{"v":0,"d":"0.00"},{"v":0,"d":"0.00"},{"v":0,"d":"0.00"},"2",{"v":0,"d":"0.00"},"64","1183307149"]
[null,null,"72","K","460560304","Ručný zásyp nezap. káblovej ryhy bez zhutn. zeminy, 50 cm širokej, 120 cm hlbokej v zemine tr. 4","m",{"v":11,"d":"11.000"},null,{"v":0,"d":"0.00"},null,null,"","znížená",null,{"v":0,"d":"0.00000"},{"v":0,"d":"0.00000"},{"v":0,"d":"0.00000"},{"v":0,"d":"0.00000"},{"v":0,"d":"0.00000"},{"$nulls":23},"64",null,"K","2",{"$nulls":3},"ROZPOCET",{"$nulls":5},{"v":0,"d":"0.00"},{"v":0,"d":"0.00"},{"v":0,"d":"0.00"},{"v":0,"d":"0.00"},{"v":0,"d":"0.00"},"2",{"v":0,"d":"0.00"},"64","-1481733141"]
[null,null,"73","K","460620006","Osiatie povrchu trávnym semenom ručne, zasekanie hrablami,postrek,","m2",{"v":85.26,"d":"85.260"},null,{"v":0,"d":"0.00"},null,null,"","znížená",null,{"v":0,"d":"0.00000"},{"v":0,"d":"0.00000"},{"v":0,"d":"0.00000"},{"v":0,"d":"0.00000"},{"v":0,"d":"0.00000"},{"$nulls":23},"64",null,"K","2",{"$nulls":3},"ROZPOCET",{"$nulls":5},{"v":0,"d":"0.00"},{"v":0,"d":"0.00"},{"v":0,"d":"0.00"},{"v":0,"d":"0.00"},{"v":0,"d":"0.00"},"2",{"v":0,"d":"0.00"},"64","1927009775"]
[null,null,"74","M","0057211100","Trávové semeno","kg",2.635,null,{"v":0,"d":"0.00"},null,null,"","znížená",null,{"v":0,"d":"0.00000"},{"v":1E-3,"d":"0.00100"},{"v":2.6349999999999998E-3,"d":"0.00264"},{"v":0,"d":"0.00000"},{"v":0,"d":"0.00000"},{"$nulls":23},"128",null,"M","2",{"$nulls":3},"ROZPOCET",{"$nulls":5},{"v":0,"d":"0.00"},{"v":0,"d":"0.00"},{"v":0,"d":"0.00"},{"v":0,"d":"0.00"},{"v":0,"d":"0.00"},"2",{"v":0,"d":"0.00"},"128","-213235007"]
[null,null,"75","K","460620013","Proviz. úprava terénu v zemine tr. 3, aby nerovnosti terénu neboli väčšie ako 2 cm od vodor.hladiny","m2",{"v":85.26,"d":"85.260"},null,{"v":0,"d":"0.00"},null,null,"","znížená",null,{"v":0,"d":"0.00000"},{"v":0,"d":"0.00000"},{"v":0,"d":"0.00000"},{"v":0,"d":"0.00000"},{"v":0,"d":"0.00000"},{"$nulls":23},"64",null,"K","2",{"$nulls":3},"ROZPOCET",{"$nulls":5},{"v":0,"d":"0.00"},{"v":0,"d":"0.00"},{"v":0,"d":"0.00"},{"v":0,"d":"0.00"},{"v":0,"d":"0.00"},"2",{"v":0,"d":"0.00"},"64","-1003525074"]
[null,null,"76","K","460620014","Proviz. úprava terénu v zemine tr. 4, aby nerovnosti terénu neboli väčšie ako 2 cm od vodor.hladiny","m2",5.775,null,{"v":0,"d":"0.00"},null,null,"","znížená",null,{"v":0,"d":"0.00000"},{"v":0,"d":"0.00000"},{"v":0,"d":"0.00000"},{"v":0,"d":"0.00000"},{"v":0,"d":"0.00000"},{"$nulls":23},"64",null,"K","2",{"$nulls":3},"ROZPOCET",{"$nulls":5},{"v":0,"d":"0.00"},{"v":0,"d":"0.00"},{"v":0,"d":"0.00"},{"v":0,"d":"0.00"},{"v":0,"d":"0.00"},"2",{"v":0,"d":"0.00"},"64","-882116249"]
[null,null,"77","K","PPV","Podiel pridružených výkonov","%",null,null,{"v":0,"d":"0.00"},null,null,"","znížená",null,{"v":0,"d":"0.00000"},{"v":0,"d":"0.00000"},{"v":0,"d":"0.00000"},{"v":0,"d":"0.00000"},{"v":0,"d":"0.00000"},{"$nulls":23},"64",null,"K","2",{"$nulls":3},"ROZPOCET",{"$nulls":5},{"v":0,"d":"0.00"},{"v":0,"d":"0.00"},{"v":0,"d":"0.00"},{"v":0,"d":"0.00"},{"v":0,"d":"0.00"},"2",{"v":0,"d":"0.00"},"64","623366099"]